{"text_format":"3","workbook":"xlsx","n_sheets":5,"sheets":["Sheet5","需求清单汇总","各基地维保耗材清单","取消清单","基地费用汇总"],"not_rendered":{"defined_names":2},"read":"whole","date_system":"1900"}

{"sheet":"Sheet5","index":0,"n_rows":694,"n_cols":2,"rows_kept":694,"hidden":true}
[]
[]
["件号","求和项:年度需求数量"]
[2755,55]
[6007,10]
[6202,40]
[6204,30]
[6205,50]
[6206,30]
[30205,56]
[30206,40]
[30207,50]
[30208,40]
[50866,9]
[104254,1]
[132913,3]
[136118,2]
[138402,5]
[139254,1]
[147071,3]
[147072,5]
[147130,1]
[147248,1]
[162657,5]
[164771,4]
[164772,4]
[165950,4]
[216534,2]
[704560,3]
[706549,3]
[4040008,2]
[4100156,1]
[5300050,1]
[5300144,2]
[5300265,1]
[6991014,10]
[" DL490450C ",300]
["04100157-1",4]
["'05300050",1]
["0W-30",9]
["10W-30",34]
["10W-30-CF4",4]
["11353P-23",40]
["11353P-24",40]
["11389P-14",28]
["12V120AH",20]
["15097P-01",40]
["15400-RTA-003",1]
["15W-40",36]
["16176-Z2G-D51",2]
["165949-SJ63AJ",4]
["16952-ZA0-000",2]
["16X5-9",8]
["17210-Z6L-010",1]
["17211-899-000",2]
["18289G-13",60]
["18315G-02",15]
["1A-30",9]
["22378G-01",20]
["25SB10",200]
["28400-Z7E-702NH1",8]
["28400-Z7E-E72NH1",10]
["29376-AA-30",3]
["310-100",8]
["360-8",8]
["3M983D",43]
["42/20",4]
["420G-104",4]
["4-5179-939",20]
["460005835-6",35]
["4-6179-939",20]
["481-068",16]
["5322 785 05131",10]
["620C20B120",1]
["6-FM-24",125]
["6QW80",5]
["6-QWLZ-85",20]
["704GXJ",30]
["80W90",16]
["9430 500 07221",14]
["98F10201000203",1]
["AGK-8M",150]
["AND-0.8M",2]
["AQK-6MM",30]
["AQM-SBHS",8]
["AQX-GZTFS-9X75MM",30]
["ATF220",5]
["AYKG-EJ",497]
["BD-10T",300]
["BD-DJJ",100]
["BDLJQ-10T",20]
["BF-2-FUCHS",1]
["BLT-PVC-60X120CM",1]
["BP6ES",10]
["BP-KMGZT-21X15CM",100]
["BPR4ES",4]
["BPR5ES",50]
["BP-SB125X65MM",100]
["BP-TJ210X150MM",30]
["BS-GZT",560]
["BTB-1MX2MX1.5MM",10]
["BTJT-BXG",10]
["BXGPP-40",10]
["BXGSS-0.2MM",100]
["CCFDY-2",7]
["CG-100X48X6M",18]
["CG-80X40X6000MM",18]
["CGQ-S549A",20]
["CJB-25KG",10]
["CLY-75W90",3]
["CLY-80W90GL-5",8]
["CMR6H",18]
["CQGJT-QJD30PM",5]
["CQMJT-QJD40SP",5]
["CSX-TH26019",12]
["CT-220V",18]
["CT-25A",20]
["CT-2J250V10A",20]
["CT-3J250V16A",20]
["CT-TBJQ",3]
["CX-320737QYGSDJG",10]
["CXJ-400ML-WD40",369]
["CXJ-40ML-WD40",20]
["CXMD-2.4X6MM",100]
["CXMD-3X12MM",100]
["CXMD-3X7MM",100]
["CXMD-4X6MM",100]
["CXMD-5X10MM",100]
["CXMD-5X20MM",100]
["CZ-47MMX11MM",45]
["CZ-47MMX6.5MM",12]
["CZ-47MMX8MM",45]
["CZ-47MMX9.5MM",45]
["DC-6226DWE",6]
["DC-BW7500B",57]
["DC-DJJ",90]
["DC-EJG1103",6]
["DCF-10MM",3]
["DC-FL4841",50]
["DC-GZT",26]
["DC-RJW7102",30]
["DC-VTR-1000",80]
["DC-ZW4301",50]
["DHQ-JX",2]
["DHT-2.5MM",4]
["DHT-3.2MM",49]
["DHT-TG40CMX4.0MM",4]
["DJ-XC15A",6]
["DLB-XCQ",10]
["DLFGQ-1KG",20]
["DLTT-QJZ110G",4]
["DM-14X1.6M",12]
["DM-6X1.6M",12]
["DM-BXGM16X100",300]
["DP12V-200A",4]
["DP12V-60AH",202]
["DP-20MM",60]
["DP-28MM",60]
["DP-30MM",60]
["DPWT-5U",4]
["DQ-14",8]
["DQ-LTCY-DKJ",400]
["DQ-LTCY-XKJ",430]
["DRT68923-10",10]
["DSK-M5",300]
["DSK-M8",300]
["DX-2",30]
["E13",90]
["EF1-25",28]
["EF3-40",16]
["EG01-11-150R-306",10]
["EG01-11-150S-306",20]
["EG01-11-200S-306",20]
["EH01-11-100SB304",20]
["EH11-11-125LS614",30]
["EH11-11-150LR614",200]
["EH11-11-150LS614",200]
["EH11-11-200LR614",500]
["EH11-11-200LS614",500]
["EJX-3.6MMX700MM",211]
["EJX-4.5MMX7M",116]
["EP506",10]
["EP508",20]
["EP509",50]
["EP510",60]
["EP512",50]
["EP514",20]
["EP515",20]
["ER18505M",30]
["ES01-1-200K-402",40]
["ES01-1-250K-402",60]
["EYTB-750X250X40",20]
["F7TC",10]
["FB-LS4X4M",4]
["FCZKJ-N2",30]
["FDJLP-GX200",3]
["FDJLXT-YMH380V",2]
["FDY-CC4L",40]
["FF5052",3]
["FG-20X20X1000MM",156]
["FG-40X40X1000MM",162]
["FG-50X50MM",8]
["FGJP-89X61X2MM",130]
["FGT-PVCFGZ",2000]
["FLLM-M12",30]
["FQ-D10X1MM",100]
["FQ-D4.5X1.0MM",400]
["FQ-D7.5X1.0MM",400]
["FQ-D7.5X1.5MM",100]
["FS1280",3]
["FTCZ-SK220V",10]
["FXDQ-350ML",600]
["FXQ-18KG",5]
["FXRHY-18L",10]
["FYGZ-LAM-02PM",10]
["FZG-TXW-6MM",220]
["FZT-30MM",2375]
["FZT-50MM",1195]
["FZXJG-38MM",100]
["GDXBZ-QJD372-028",2]
["GDX-EMT320001",20]
["GDX-QJD55002",2]
["GHBL-470X270X6MM",40]
["GJRHZ-3#-15KG",4]
["GS125",40]
["GS-CT50MM",100]
["GSL-125MM",100]
["GSS-2MM",12]
["GSS-3MM",200]
["GSS-ZJ1.5MM",200]
["GTS-4C",500]
["GWRHZ",2]
["GYM-10MM",105]
["GYQGZC-1.5M",10]
["GYQGZC-3M",10]
["H-1831",2]
["H-4660A",45]
["H-5265",45]
["HC-2000-208",2]
["HC9606RCS4Z",20]
["HDL-3",3]
["HELISB-010-13",8]
["HELISB-011-13",8]
["HHJD-33MX50MM",30]
["HK-737/320",5]
["HKYYY-10#170KG",8]
["HKYYY-20#",2]
["HKYZX-8X76.2",20]
["HLP32",2]
["HMD-EJTD",50]
["HP5085300100-001",100]
["HRB6207Z",40]
["HSMQ-18L",20]
["HT-BJ",20]
["HXS-500G",7]
["HXS-ZJ1MMX100G",5]
["HYQQXJ-450ML",30]
["JD-15MM",15]
["JD-DB33MX60MM",30]
["JD-DG1.8CM",200]
["JDX-6",100]
["JFKM-20X2M",12]
["JGJTZ-190QYG",58]
["JGJTZ-320QYG",11]
["JGJTZ-33/350/767",2]
["JGJTZ-33/350/787",5]
["JGJTZ-330QYG",8]
["JGJTZ-737/320QYG",29]
["JGJTZ-737QYG",5]
["JGJTZ-787QYG",15]
["JGJTZ-HYDRO-320",2]
["JGJTZ-SV330QYG",8]
["JHF-20PM",10]
["JHYQ-XA",36]
["JL-10-WX",40]
["JL-12-DL",6]
["JL-2.5YCTXJAZDX",10]
["JL-2-UXJB",100]
["JL-4CJAZDGDL",120]
["JL-4CWXTHJZL",30]
["JL-6-DX",40]
["JL-6-WX",40]
["JL-8CJAZDL（件号未创件）",50]
["JL-8-DX",60]
["JL-8-WX",60]
["JL-DL2.5",300]
["JLG-QJD",3]
["JMJ-4",500]
["JQX-DKX-190",332]
["JQX-DKX-319",6]
["JQX-DKX-320",116]
["JQX-DKX33/35/787",252]
["JQX-DKX737",126]
["JQX-DKX-737/319",922]
["JQX-DKX737/320",458]
["JQX-DKX787",10]
["JQX-DKX-A330",48]
["JQX-GZL-330",10]
["JQX-HYDRO-320",30]
["JQX-WKT-319",24]
["JQX-WKT33/35/767",164]
["JSDBHZ",12]
["JSD-SCJGP",10]
["JSP-EJTD",65]
["JT-30X30MM",18]
["JT3X7CM",24]
["JT-40X40MM",18]
["JT4X8CM",20]
["JT-50X50MM",18]
["JT8X2CM",20]
["JT-NPT1/4",48]
["JTXJQ",400]
["JY-5W-30",10]
["JY-800ML",18]
["JYCQ-YELLOW2.5KG",100]
["JYP-1L",5]
["JY-VG46-700ML",4]
["JZD-330QYG",6]
["JZD-737/320",3]
["JZD-737/320QYG",18]
["JZD-787QYG",4]
["JZTH-190QYG",10]
["K14900D",3]
["K-3658",8]
["KG-10-16MM",50]
["KG-18-32MM",50]
["KG-25-38MM",50]
["KG-38-57MM",50]
["KG-40-63MM",40]
["KG-46-70MM",50]
["KG-60-63MM",40]
["KG-64-67MM",40]
["KG-64-76MM",50]
["KG-70-89MM",40]
["KGH-EJX",20]
["KHK-2.5MM",60]
["KHX-BZ-M3X110MM",20]
["KKX-M2.5X50",200]
["KKX-M2X30",300]
["KKX-M3X40",650]
["KKX-M3X50",500]
["KKX-M4X45",300]
["KKX-M4X50",200]
["KKX-M4X70",200]
["KKX-M5X50",300]
["KQGLQ-KYJ",3]
["KQLX-GA45",3]
["KT-GSS",63]
["KTLWPJ",22]
["KXJT-F70199-31M",2]
["KXJT-F70199-32M",4]
["KXJT-SYB17-20-00",2]
["KXX-12X60MM",10]
["KXX-5MMX60MM",20]
["KXX6.36MMX32.5MM",30]
["KXX-8MMX30MM",20]
["KXX-8MMX40MM",45]
["KXX-8MMX50MM",20]
["KXX-9.4MMX35.5MM",4]
["LB-300Ω",362]
["LD-100UM",2]
["LDC-18650",5]
["LDC-18V",2]
["LDC-802040",30]
["LD-U1",6]
["LD-U100",4]
["LF3345",2]
["LF3349",1]
["L-G32",1]
["L-G68",7]
["LG-BSZX",40]
["LG-KX-10MM",40]
["LG-XDCXT",10]
["L-HM32",2]
["L-HM46",1]
["LMD-4X18MM",1000]
["LMD5X20",240]
["LMD-5X25MM",2500]
["LMD-TY",40]
["LP-SH4000DX",3]
["LS-BTZG-M4X16MM",200]
["LSLM-8X60",200]
["LSLM-M18X140",200]
["LSLM-M5X16",200]
["LSLM-M8X60-JD-40",200]
["LS-UX",40]
["LS-ZSM10X16MM",100]
["LS-ZSM10X20MM",100]
["LS-ZSM10X30MM",100]
["LS-ZSM10X40MM",100]
["LS-ZSM4X45MM",200]
["LS-ZSM6X10MM",100]
["LS-ZSM6X12MM",100]
["LS-ZSM6X16MM",100]
["LS-ZSM6X20MM",100]
["LS-ZSM6X30MM",100]
["LS-ZSM6X40MM",100]
["LS-ZSM6X80MM",100]
["LS-ZSM8X10MM",100]
["LS-ZSM8X16MM",100]
["LS-ZSM8X20MM",100]
["LS-ZSM8X30MM",100]
["LS-ZSM8X40MM",100]
["LT-1.5MM",1200]
["LT-2MM",1200]
["LT-3MM",500]
["LT4.00-8",10]
["LT-600X200MM",2]
["LTE-1101J",2]
["LWT-4-HU29255",5]
["LX-0110D010BN4HC",4]
["LX-0240D010BN4HC",5]
["LX-0660D003BH4HC",1]
["LX-934784Q",4]
["LX-940854Q",1]
["LX-PF53361-2P",2]
["LZ-PVC70X36MM",1000]
["MD-BXGPT-M4X20MM",1000]
["MD-BXGPT-M4X5",100]
["MD-BXGPT-M4X6",100]
["MD-BXGYT-M3.5X18",200]
["MD-BXGYT-M4X10MM",200]
["MD-M3X16",600]
["MD-M5X30",600]
["MHZT-2.3MM",1]
["MJT-F70199-32",2]
["MJT-LW8V1",2]
["MKF",512]
["MKF-H3530",30]
["MKFYPXZJ",153]
["MKFZJZC",30]
["MKFZZ",241]
["MLX-1UM",2]
["MLX-PP",8]
["MP-SB125X55MM",100]
["MS15290",9]
["NAS1756-36-HNAT",80]
["NLJLS-BY6X50MM",50]
["NLS-24MM",800]
["NT-4.00-8",34]
["NT-400-12",30]
["O-8.75X1.8",48]
["O-9X1.9",12]
["P365-25",2]
["PC-1007",5]
["PC-1011",5]
["PC-1043",18]
["PGL-250MM",1]
["PJ-737TBSZ",1]
["PMM-1MX2M",5]
["PSA1U1E",2]
["PSG-25X14MM",5]
["PSG-32X10MM",100]
["PTTH-QPC12MM",2]
["PWC52-K",260]
["PZLS-10X80MM",80]
["PZLS-12X80MM",1080]
["PZLS-8X70MM",80]
["QCG-UXGS-27X570",10]
["QCG-UXGS-27X630",10]
["QCG-UXGS-27X650",10]
["QCG-UXGS-27X680",10]
["QCG-UXGS-27X700",10]
["QCG-UXGS-27X865",10]
["QCG-WXGS-8-60",2]
["QCLD-39X16X18CM",40]
["QDJT-PF20",10]
["QDJT-PF30",10]
["QDJT-PF40",10]
["QDJT-PM30",10]
["QDJT-PM40",10]
["QDJT-SF20",10]
["QDJT-SF30",10]
["QDJT-SF40",10]
["QGP-105X1.2X16MM",1500]
["QJJ-3M7100-1KG",12]
["QWGLW-20X0.8M",30]
["QWNJJ-AB",4]
["QYGLZ-320/737",6]
["QYGSJJG-737/320",9]
["QYGWXL-E190",6]
["RFG-10",11]
["RHJ28442",3]
["RHY-1",1]
["RHY-F2",10]
["RHZ-LJ",132]
["RJD-33MX5CM",18]
["RKRF80",30]
["RKRS80A",3]
["RKRSSDMR4AC",20]
["RKRT72A",45]
["RSG-6MM",2]
["SA90231",1]
["SBKG-YT20WP",5]
["SBT-XJ-28X125",300]
["SB-XC15A",7]
["SDJD-7101",100]
["SDJG-190QYG",10]
["SDJG-320/737QYG",6]
["SDX-737TJ96MM",10]
["SDX-TJTC-10X95MM",10]
["SEKG-13-15MM",90]
["SEKG-3-5MM",80]
["SHDZ-68OHMS",20]
["Shell Tellus T46",22]
["SJJGFCZ",70]
["SJLM-BXG-M6",50]
["SK-BXG",63]
["SK-BZX",100]
["SK-PELICAN1550",4]
["SL-450X380X150MM",20]
["SN10W-40",11]
["SP-40SH-8X12",20]
["SST-S11",300]
["SST-S21",300]
["SV-TB-330JQX-105",204]
["SV-TB-787JQX-105",410]
["SX-25G",7]
["SXLT-4.00-8",7]
["SXT-AZLD",100]
["SXTB-30MM",18]
["SXTB-40MM",18]
["SXTB-50MM",18]
["SXXJL",8]
["T03027",1]
["T0553C",2]
["T0655A",2]
["TBJQX-767/330",60]
["TBX-YJBS",4]
["TDCD-H3312",20]
["TG-32MM",30]
["TH-10X25X0.5MM",150]
["THDP-M12",240]
["THDP-M8",240]
["THK-M10DM",670]
["THK-M4DM",20]
["TJZCJ-FDJA330",2]
["TJZCJ-ZLA330",2]
["TL-￠10BJ",200]
["TL-3MM",50]
["TL-4MM",40]
["TL-6MM",50]
["TL7005PK",30]
["TL-BXG6MMX3M",500]
["TM3917-2",9]
["TO3027",8]
["TR778",9]
["TRA3057-100",9]
["TRF762MODA",2]
["TS-XCQ",10]
["TTEZ-H3312",426]
["TXX-M3X20",20]
["TXX-M5X30",20]
["TXX-M8X50",20]
["TZ-ZZ55",4]
["WCB-20X30CM",900]
["WK-EJ",30]
["WLJLS-12X75MM8.8",240]
["WLJLS-14X60MM8.8",20]
["WLJLS-18X60MM8.8",20]
["WLJLS-20X80MM8.8",20]
["WLJLS-8X25MM-4.8",200]
["WLJLS-8X50MM-8.8",240]
["WLJLST-M10",300]
["WLJLST-M12",300]
["WLJLST-M14",300]
["WLJLST-M16",310]
["WLJLST-M6",400]
["WLJLST-M8",300]
["WLJZW-DD4.8X100",100]
["WLJZW-DD4.8X20MM",200]
["WLJZW-DD4.8X30MM",200]
["WLJZW-DD4.8X40MM",200]
["WLJZW-DD4.8X50MM",100]
["WLJZW-DD4.8X60MM",100]
["WLJZW-DD4.8X70MM",100]
["WLJZW-DD4.8X80MM",100]
["WLJZW-DD5.5X30MM",200]
["WLJZW-DD5.5X50MM",200]
["WLJZW-DD5.5X80MM",100]
["WLNJ-LD-N",392]
["WNJ-8KG",10]
["WT-4.00-8",30]
["WT-400-12",30]
["WXHL-XC15A",6]
["WXL-XC15A",6]
["WZ118002050531",2]
["XD-24.3X3MM",40]
["XD-29X6MM",40]
["XDC-12V/150AH",1]
["XDC-12V/80AH",2]
["XDC-12V17AH",5]
["XDC-12V45AH",2]
["XDC-12V5AH",2]
["XDC-6V4.5AH",10]
["XDT-XDJG-YS",6]
["XHP222",1]
["XJDXL-10",22]
["XJDXL-3",30]
["XJDXL-4",180]
["XJDXL-5",10]
["XJDXL-6",210]
["XJDXL-8",68]
["XJG-2",10]
["XJL-14-87ZX",8]
["XJL-16-400X100ZX",8]
["XJL300-130",12]
["XJLD",3]
["XJL-SX18X7-8",6]
["XJL-SX-250MM",10]
["XJL-SX-300MM",60]
["XJL-SX-350MM",10]
["XJL-SX400X8",48]
["XJ-RX-12.7MM",200]
["XJ-RX-6.4MM",200]
["XJ-RX-8.4MM",200]
["XJWXL-10",32]
["XJWXL-3",50]
["XJWXL-4",200]
["XJWXL-5",90]
["XJWXL-6",66]
["XJWXL-8",60]
["XJXL-14L",80]
["XK-UX5T",20]
["XLS-18MM",110]
["XSJ-YQ-20L",83]
["XZH-MY",7]
["XZ-QYGSJJG",10]
["YB-12L",1]
["YER-H3312",20]
["YG-10MM",18]
["YG-20MM",18]
["YG-3",6]
["YG-30MM",18]
["YG-40MM",18]
["YG-50MM",12]
["YJXDL-35V",92]
["YKQ-BJQ",20]
["YLX36G-015P",26]
["YPCT-6.35MM",545]
["YPXNM-DJJPD780G",10]
["YQD-370",30]
["YQ-DH-13KG",20]
["YQ-HS14KG",20]
["YQ-HYFXDQ-28KG",20]
["YQ-LS20KG",20]
["YQ-ZH16L",30]
["YSH-3CM",1200]
["YTLD-M3X6",184]
["YYY-DEXRONIII",10]
["YYY-HK10#",267]
["YYY-IOS-VG32",4]
["YY-ZKB",4]
["ZBTS-2MM",2]
["ZC-30305",10]
["ZC-30307",10]
["ZC-3030S",2]
["ZC-32008",40]
["ZC-3202",40]
["ZC-51207",40]
["ZC-6004",6]
["ZC-6006LLU",20]
["ZC-6201-2Z",10]
["ZC-6204",4]
["ZC-6205-2Z",10]
["ZC-6208",2]
["ZC-6304",40]
["ZC-6507",20]
["ZC-6903Z",30]
["ZC-7205",40]
["ZC-7206E",40]
["ZC-8207",40]
["ZDX-737320DKXJZD",21]
["ZDX-DKX-737",40]
["ZDX-WKT-330",10]
["ZEZ-H3312",20]
["ZFR5F",10]
["ZGD-YW",1400]
["ZGLS-M5X40",200]
["ZHFXQ-10KG",21]
["ZJ-3312LB",60]
["ZJT-M14/1XG1/4",20]
["ZJT-YZG-1/4NPT",20]
["ZPQ-350ML",650]
["ZSJ-1.8L",40]
["ZTB-25MMX200MM",50]
["ZT-FGZ",1350]
["ZWLS-WLJ5.5X115",200]
["ZWLS-WLJ5.5X50MM",200]
["ZWLS-WLJ5.5X80MM",200]
["ZZQXC-JR-P372FQ1",2]
["ZZQXCJR-P37-2LX",2]
["(空白)",10]
["总计",69232]

{"sheet":"需求清单汇总","index":1,"n_rows":459,"n_cols":9,"rows_kept":459}
["项次","类别","件号","名称","规格","品牌、厂家","单位","年度需求数量","收货地址"]
[1,"通用类",2755,"充气接头","标准件，8V1螺纹式充气接 头（减震支柱充气接头）","schrader","个",55,"全国"]
[2,"通用类",6007,"轴承","6007轴承属于深沟球轴承，内径是35mm。中文名6007轴承型号6007系列深沟球轴承外径62mm厚度14mm额定动载荷10300N额定静载荷17000N极限速度16100r/min参考速度11600r/min","无品牌要求","个",10,"全国"]
[3,"通用类",6202,"轴承6202","轴承深沟球，轴承钢，型号：6202橡胶密封","哈尔滨","个",40,"全国"]
[4,"通用类",6204,"轴承-滚珠","轴承深沟球，HRB，6204胶封","哈尔滨","个",30,"全国"]
[5,"通用类",6205,"双封深沟珠轴承","哈尔滨轴承深沟球，HRB，6205胶封","哈尔滨","个",50,"全国"]
[6,"通用类",6206,"轴承","轴承深沟球，轴承钢，6206","哈尔滨","个",30,"全国"]
[7,"通用类",30205,"压力轴承","30205轴承，内径为:25mm，外径为:52 mm，厚度为:16.5 mm，类型为圆锥滚子轴承","哈尔滨","个",56,"全国"]
[8,"通用类",30206,"轴承","轴承深沟球，轴承钢，30206","哈尔滨","个",40,"全国"]
[9,"通用类",30208,"轴承（拖车）","30208轴承，内径为:40mm，外径为:80 mm，厚度为:20 mm，类型为圆锥滚子轴承","哈尔滨","个",40,"全国"]
[10,"化工类",50866,"润滑脂-氮气增压器","件号替代28442，用于TRONAIR氮气增压器18-4201-1010空气循环阀润滑，一件对应一小袋，约用于一次工作润滑，根据厂家答复：无容量信息因此无多少毫升。空气循环阀维护专用润滑剂，工卡要求：Haskel 28442 或等同。","工卡要求：Haskel 28442 或等同。","个",9,"全国"]
[11,"配件类",132913,"空气滤","Kubota D1305型号发动机","无品牌要求，用于型号SJ8831RT的剪刀升降车","个",3,"全国"]
[12,"配件类",138402,"液压高压滤芯","用于型号SJ8831RT的剪刀升降车","无品牌要求，用于型号SJ63AJ的曲臂车","个",5,"全国"]
[13,"配件类",147071,"燃油滤","型号SJ63AJ的曲臂车，适用于Deutz D2011型号发动机的燃油滤","无品牌要求，用于型号SJ63AJ的曲臂车","个",3,"全国"]
[14,"配件类",147072,"机油滤，01174416","Deutz TD2.9L型号发动机、Deutz D2011型号发动机，机油滤","无品牌要求，用于型号SJ63AJ的曲臂车","个",5,"全国"]
[15,"配件类",162657,"液压回流滤芯","用于型号SJ8831RT的剪刀升降车","无品牌要求，用于型号SJ63AJ的曲臂车","个",5,"全国"]
[16,"配件类",164771,"燃油滤，01174696","Deutz TD2.9L型号发动机，燃油滤","无品牌要求，用于型号SJ63AJ的曲臂车","个",4,"全国"]
[17,"配件类",164772,"前燃油滤，04130241","Deutz TD2.9L型号发动机，前燃油滤","无品牌要求，用于型号SJ63AJ的曲臂车","个",4,"全国"]
[18,"配件类",165950,"二级空气滤","Deutz TD2.9L型号发动机，二级空气滤","无品牌要求","个",4,"全国"]
[19,"配件类",704560,"一级空气滤","Deutz D2011型号发动机，一级空气滤","无品牌要求","个",3,"全国"]
[20,"配件类",706549,"二级空气滤","Deutz D2011型号发动机，二级空气滤","无品牌要求","个",3,"全国"]
[21,"通用类",6991014,"快速母接头头-1/4内丝","母头1/4内丝","伍尔特","个",10,"全国"]
[22,"化工类","DL490450C","润滑剂-多功能防锈（得力）","多功能防锈润滑剂；容量：450ML；型号：DL490450C","得力","瓶",200,"全国"]
[23,"通用类","04100157-1","油管-BT400NEXD5","原厂件，符合件号04100157-1规格","厂家HERMAN NELSON","根",2,"全国"]
[24,"化工类","0W-30","汽油机油-4L","型号：SN0W-30，规格：4L/桶","无品牌要求，满足型号即可","桶",9,"全国"]
[25,"化工类","10W-30","机油-美孚黑霸王柴油机","18L/桶，柴油发动机机油，高空车剪刀车更换机油使用","无品牌要求，满足型号即可","桶",34,"全国"]
[26,"化工类","10W-30-CF4","柴油机油10W-30-CF4","柴油机油10W-30-CF4，规格：4L/桶","无品牌要求，满足型号即可","桶",4,"全国"]
[28,"耳机配件","YEZ-H3312","右耳罩","适用于型号：H3312耳机；耳机右听筒外壳，等效于11353P-24","无品牌要求","个",40,"全国"]
[29,"耳机配件","MKFH-H3312","麦克风盒","适用于型号：H3312耳机；耳机话筒外壳，等效于11389P-14","无品牌要求","个",28,"全国"]
[30,"通用类","12V120AH","蓄电池","12V12000毫安（37*60*120mm），报警器电池","无品牌要求","块",20,"全国"]
[31,"耳机配件","EJHP-H3312","STOP DOME 耳机护片","适用于型号：H3312耳机；耳机限位器，等效于15097P-01","Davidclark","个",40,"全国"]
[32,"化工类","15W-40","柴油机油","柴油发动机油 SAE 15W-40 API CH-4 20升","无品牌要求，满足型号即可","桶",36,"全国"]
[33,"配件类","165949-SJ63AJ","一级空气滤","Deutz TD2.9L型号发动机，一级空气滤","无品牌要求","个",4,"全国"]
[34,"脚轮","16X5-9","实心轮","实心橡胶轮，直径300MM，轴内径29.5MM，轴长32MM，轮宽80MM","重庆南方","个",8,"全国"]
[35,"耳机配件","18289G-13","PCB ASSY 耳机配件","包含：1.两个名称：22uf 35V 有极性轴向电容。2.一个名称：680Ω色环电阻。3.一个名称：26mm*26mm面包板（原板边长）","无品牌要求","个",60,"全国"]
[36,"耳机配件","18315G-02","Microphone M-1/DC","型号：H3312耳机；麦克风线组件；等效于18315G-02","无品牌要求","个",15,"全国"]
[37,"配件类","1A-30","燃油滤芯","适用于BT400NEXD5加温机，型号1A-30","Aerotech Herman Nelson","件",9,"全国"]
[38,"耳机配件","22378G-01","STIRRUP & CLAMP KIT 耳机卡圈","适用于H3312耳机；支架，等效于22378G-01","无品牌要求，满足型号即可","个",20,"全国"]
[39,"通用类","25SB10","B型球锁销","直径/Diameter: 1/4\"有效长度/Grip length: 1\"主体材质/Body: 304不锈钢","瑞特昂","根",200,"全国"]
[40,"通用类","28400-Z7E-702NH1","发电机车拉盘","适用SH4000DX发电机","本田","个",8,"全国"]
[41,"通用类","28400-Z7E-E72NH1","反冲启动器总成","适用本田EG6500CXS型号发电机，发电机拉盘","本田","个",10,"全国"]
[42,"通用类","29376-AA-30","O型密封圈","型号：29376-AA-30，O型密封圈品牌：Haskel，氮气增压器维保配件","品牌：Haskel","个",3,"全国"]
[43,"脚轮","310-100","实心轮","实心橡胶轮，直径300MM，轴内径29.5MM，轴长32MM，轮宽80MM","重庆南方","个",8,"全国"]
[44,"脚轮","360-8","实心橡胶轮胎","孔径是30MM，（206轴承），轮宽85MM,\n2个轴承宽度30MM","重庆南方","个",8,"全国"]
[45,"通用类","3M983D","反光贴-3M警示","通用型（反光警示标示）3M983D 反光面料红白，长24M，宽 5CM，反光材质","3M","卷",43,"全国"]
[46,"通用类","420G-104","涂料-420G-104","品牌：科慕规格：420G-104、4KG/桶","科慕","千克",4,"全国"]
[47,"脚轮","4-5179-939","脚轮-5寸万向","5寸聚氨酯万向轮，品牌：环球","环球脚轮","个",20,"全国"]
[49,"配件类","481-068","IDG加油车滤芯","圆柱形 型号481-068滤芯 1微米级的止水滤芯","malabar","个",16,"全国"]
[50,"配件类","5322785 05131","滤尘器","用于件号EPSILON1便携式磁堵检测仪更换滤尘器，厂家定制产品，品牌要求Malvern Panalytical","Malvern Panalytical","个",10,"全国"]
[51,"通用类","6-FM-24","电动车电瓶","规格 ：12V20A","天能","个",125,"全国"]
[52,"通用类","6QW80","蓄电池","12V80HA,6-QW-80","无品牌要求","个",5,"全国"]
[53,"通用类","6-QWLZ-85","蓄电池-12V85AH","启动型免维护蓄电池，电压：12伏，容量：85Ah，尺寸：300*170*210mm；","骆驼","块",20,"全国"]
[54,"通用类","704GXJ","704硅橡胶","型号：704硅橡胶，快速固化绝缘，耐老化，防潮抗震，耐高低温，颜色：白色，每件不少于45克","无品牌要求","个",30,"全国"]
[55,"化工类","80W90","安索齿轮油80W-90GL5","品牌：安索（AMSOIL）全合成齿轮油 差速器油 后桥油 80W-90 GL5 946ml AGLQT 支持LSD 养车保养","安索","瓶",16,"全国"]
[56,"通用类","943050007221","保护箔","用于件号EPSILON2便携式磁堵检测仪更换保护箔，厂家定制产品，品牌要求Malvern Panalytical","Malvern Panalytical","个",14,"全国"]
[57,"通用类","AQX-GZTFS-9X75MM","安全销-工作梯扶手-9X75毫米","用于工作梯滑动扶手的安全锁定销，金属材质，销子：有效长度7.5cm，直径0.9cm，尾部带有可穿越的固定环。","无品牌要求","个",30,"全国"]
[58,"化工类","ATF220","美孚ATF220自动排挡液","ATF220自动排挡液 自动变速箱油ATF220 18L","建议品牌美孚","桶",5,"全国"]
[59,"耳机配件","AYKG-EJ","PTT开关","PTT开关-耳机，开孔尺寸：Φ12，按下导通自复位开关","无品牌要求","个",497,"全国"]
[60,"通用类","BD-DJJ","对讲机背带","规格：155CM*2.5CM，两头钢制挂钩，背带长度可调节","品牌：无品牌要求","条",100,"全国"]
[61,"通用类","BPR6ES","火花塞","火花塞BPR6ES","NGK","个",10,"全国"]
[62,"通用类","BPR4ES","火花塞","型号：BPR5ES/BPR4ES","NGK","个",4,"全国"]
[63,"通用类","BPR5ES","火花塞","型号：BPR5ES/BPR4ES，适用洗发车、发电机","NGK","个",50,"全国"]
[64,"通用类","BP-SB125X65MM","标牌-设备125X65MM","定制，材质：304不锈钢板，125mm*65mm，1mm厚,刻字：宋体腐蚀字体，深度0.2毫米，125MM*65MM，印刷内容详见备注栏图片，红框内字体无需印刷，基地自行刻字。","定制","件",100,"全国"]
[65,"通用类","BP-TJ210X150MM","标牌-梯架210X150MM","210X150MM","定制","件",30,"全国"]
[66,"通用类","BTJT-BXG","宝塔接头-不锈钢","ZG1/4-ø6（内丝+外丝/套）","无品牌要求","个",10,"全国"]
[67,"通用类","BXGPP-40","不锈钢C式自锁快速接头","pp40公头/适用内径8mm，外径12mm气管，通用气管公接头，带自锁螺母不易脱出，适用于内径8mm，外径12mm气管。","萨博","个",10,"全国"]
[68,"化工类","CCFDY-2","防冻液-FD-2","9KG/桶,-35度，高空车剪刀车加注使用","无品牌要求，满足型号即可","桶",7,"全国"]
[69,"通用类","CG-100X48X6M","槽钢100X48X6M","国标GB/T706-2008 黑铁 槽钢100*48mm6米长","无品牌要求","米",18,"全国"]
[70,"通用类","CG-80X40X6000MM","槽钢80X40X6000MM","国标GB/T706-2008 黑铁 槽钢80*40mm6米长","无品牌要求","米",18,"全国"]
[71,"通用类","CGQ-S549A","霍尔传感器","规格：传感器型号：S549A","无品牌要求，满足型号即可","个",20,"全国"]
[72,"化工类","CLY-75W90","齿轮油-75W90","产品名称：齿轮油；标号：SAE75W-90；规格：4升/瓶；用途：更换LSPX-170扫雪车齿轮箱润滑油","无品牌要求","瓶",3,"全国"]
[73,"化工类","CLY-80W90GL-5","齿轮油-80W90GL-5","API等级: GL-5 粘度等级: 80W-90 净含量：16kg/桶，需配送到指定地点，5桶配发天津，3桶配发呼和。","无品牌要求","桶",8,"全国"]
[74,"通用类","CMR6H","火花塞","型号：BPR5ES/BPR4ES，适用BR-600-Z型号吹雪机","NGK","个",18,"全国"]
[75,"通用类","CQGJT-QJD30PM","千斤顶充气接头（公头）","30PM，材质：碳钢。","无品牌要求","个",5,"全国"]
[76,"通用类","CQMJT-QJD40SP","千斤顶充气接头（母头）","40SP，材质：碳钢。","无品牌要求","个",5,"全国"]
[77,"通用类","CSX-TH26019","TH26019表笔测试线","规格：五孔，TH26019表笔测试线","无品牌要求","根",12,"全国"]
[78,"通用类","CT-220V","装胎机电磁阀插头","规格：装胎机电磁阀插头AC-220V","无品牌要求","个",18,"全国"]
[79,"通用类","CT-25A","四角插头","规格：四角插头25A","无品牌要求","个",20,"全国"]
[80,"通用类","CT-2J250V10A","插头-二极10A-250V","型号：10A二极插头，电压：250V，电流：10A","无品牌要求","个",20,"全国"]
[81,"通用类","CT-3J250V16A","插头-三极16A-250V","型号：16A三极插头，电压：250V，电流：16A","无品牌要求","个",20,"全国"]
[84,"通用类","CXJ-400ML-WD40","除锈剂-400ML-WD40","400ML/瓶","WD-40","罐",369,"全国"]
[85,"通用类","CZ-47MMX11MM","瓷嘴-氩弧焊-47MMX11MM","规格：7号瓷嘴型号：TGN01104全长：47mm内径：12mm","无品牌要求，满足型号即可","个",45,"全国"]
[86,"通用类","CZ-47MMX6.5MM","瓷嘴-氩弧焊-47MMX6.5MM","规格：4号瓷嘴 型号：TGN00614全长：47mm内径：6.6mm","无品牌要求，满足型号即可","个",12,"全国"]
[87,"通用类","CZ-47MMX8MM","瓷嘴-氩弧焊-47MMX8MM","规格：5号瓷嘴型号：TGN00815全长：47mm内径：9mm","无品牌要求，满足型号即可","个",45,"全国"]
[88,"通用类","CZ-47MMX9.5MM","瓷嘴-氩弧焊-47MMX9.5MM","规格：6号瓷嘴型号：TGN00907全长：47mm内径：9.6mm","无品牌要求，满足型号即可","个",45,"全国"]
[89,"通用类","DC-6226DWE","电枪电池","电枪电池-6226DWE型","牧田","个",6,"全国"]
[90,"通用类","DC-BW7500B","电池-BW7500B手电","电压4.25V,容量","通明","个",57,"全国"]
[91,"通用类","DC-DJJ","对讲机电池","SPTT-T1对讲机配套电池","森海克斯","个",90,"全国"]
[92,"耳机配件","DC-EJG1103","电池--耳机G1103","适用于ACE-G1103无线耳机","无品牌要求","个",6,"全国"]
[93,"通用类","DCF-10MM","电磁阀QVXD2130-04","品牌：SQW(全伟)\n规格：型号：QVXD2130-04，\n其余参数：电压：DC24V\n接管口径：RC 1/2\n流通孔径：10MM\n长度：50mm\n宽度：40mm\n高度：87mm","SQW(全伟)","个",3,"全国"]
[94,"通用类","DC-FL4841","电池-FL4841","电压3.7V,容量2000MA","海洋王","个",50,"全国"]
[{"$nulls":8},"全国"]
[97,"通用类","DC-VTR-1000","VTR-1000对讲机电池","品牌：飞利浦3000mah;电压3.7V","飞利浦","块",80,"全国"]
[98,"通用类","DC-ZW4301","电池-ZW4301","电压3.7V,容量2600MA","通明","个",50,"全国"]
[99,"通用类","DHT-2.5MM","电焊条","该焊条满足J422标准，既对应国际标准牌号E4303。是一种酸性焊条，药皮钛钙型，J表示结构钢焊条，42是42kg/mm^2,表示焊缝金属的抗拉强度。用于焊接低碳钢结构和强度等级低的低合金钢，一般用于焊接钢结构和普通碳钢管道的焊接，其长度为40cm，直径4.0MM","无品牌要求","盒",4,"全国"]
[100,"通用类","DHT-3.2MM","电焊条-3.2MM","3.2MM 5公斤/包","无品牌要求","包",49,"全国"]
[101,"通用类","DHT-TG40CMX4.0MM","电焊条","该焊条满足J422标准，既对应国际标准牌号E4303。是一种酸性焊条，药皮钛钙型，J表示结构钢焊条，42是42kg/mm^2,表示焊缝金属的抗拉强度。用于焊接低碳钢结构和强度等级低的低合金钢，一般用于焊接钢结构和普通碳钢管道的焊接，其长度为40cm，直径4.0MM","无品牌要求","盒",4,"全国"]
[102,"配件类","DJ-XC15A","航空吸尘器XC15A原装电机","XC15A电机（115V，400HZ）","克力威","个",6,"全国"]
[103,"配件类","DLB-XCQ","电路板-吸尘器","品牌：无 适用于克力威XC15A 吸尘器","无品牌要求","个",10,"全国"]
[104,"化工类","DLFGQ-1KG","道路反光漆-1千克","栗树棵路反光油漆地标油漆 1公斤黄色反光漆","红狮","桶",20,"全国"]
[105,"通用类","DLTT-QJZ110G","电烙铁头-清洁座110G","铁盒座，70mm*75mm，净重：110g","无品牌要求","个",4,"全国"]
[106,"通用类","DM-14X1.6M","顶棉-喷漆房","喷漆房顶棉Aode-600G型，14×1.6m/卷","无品牌要求","卷",12,"全国"]
[107,"通用类","DM-6X1.6M","顶棉-喷漆房","喷漆房顶棉Aode-600G型，6×1.6m/卷","无品牌要求","卷",12,"全国"]
[108,"通用类","DM-BXGM16X100","不锈钢地锚","不锈钢，规格：M16*100；膨胀吊环","无品牌要求","个",300,"全国"]
[109,"通用类","DP12V-200A","电瓶12V-200A免维护","电池型号：U1-7(200)，12V，200A","无品牌要求，满足型号即可","个",4,"全国"]
[110,"通用类","DP12V-60AH","电瓶","电压：12伏，容量60AH，型号：l2-400，加温机电瓶更换使用","无品牌要求，满足型号即可","个",4,"全国"]
[111,"通用类","DP-20MM","垫片","金属垫片M30，镀锌内径30mm","无品牌要求","个",60,"全国"]
[112,"通用类","DP-28MM","垫片","金属垫片M30，镀锌内径30mm","无品牌要求","个",60,"全国"]
[113,"通用类","DP-30MM","垫片","金属垫片M30，镀锌内径30mm","无品牌要求","个",60,"全国"]
[114,"通用类","DPWT-5U","大胖网炭","20寸5U","无品牌要求","个",4,"全国"]
[115,"通用类","DQ-14","组合垫圈","规格：14 JB/T982","无品牌要求","个",8,"全国"]
[116,"通用类","DQ-LTCY-DKJ","垫圈-轮胎测压工具-大口径","规格为：φ16*φ5*4；材质为橡胶","无品牌要求","个",400,"全国"]
[117,"通用类","DQ-LTCY-XKJ","垫圈-轮胎测压工具-小口径","规格为：φ10*φ5*3.5；材质为橡胶","无品牌要求","个",430,"全国"]
[119,"化工类","DX-2","冷却液"," 规格：切割机床工作液（冷却液） DX-2型 15KG/桶","无品牌要求，满足型号即可","桶",30,"全国"]
[120,"配件类","EF1-25","加油车滤芯","EF1-25液压,用于件号：PF53361-2PWS的加油车","无品牌要求，满足型号即可","个",28,"全国"]
[121,"配件类","EF3-40","加油车滤芯","EF1-25液压,用于件号：PF53361-2PWS的加油车","无品牌要求，满足型号即可","个",16,"全国"]
[122,"脚轮","EG01-11-150R-306","脚轮-环球6英寸聚氨酯定向","轮子直径150mm，孔距84X71，材料：超静聚氨酯，形式：固定","环球脚轮","个",10,"全国"]
[123,"脚轮","EG01-11-150S-306","脚轮-环球6英寸聚氨酯万向","轮子直径：150mm，孔距：84X71，材料：超静聚氨脂，形式：万向轮","环球脚轮","个",20,"全国"]
[124,"脚轮","EG01-11-200S-306","脚轮-环球8英寸聚氨酯万向","轮子直径：200mm，孔距：84X71，材料：超静聚氨脂，形式：万向轮","环球脚轮","个",20,"全国"]
[125,"脚轮","EH01-11-100SB304","脚轮-4英寸双刹聚氨酯万向","4英寸脚轮直径10厘米左右，形式：金属双刹活动万向。","环球脚轮","个",20,"全国"]
[126,"脚轮","EH11-11-125LS614","脚轮-环球5寸铝芯橡胶减震万向","品牌：环球脚轮；件号：EH11-11-125LS-614；规格：5寸铝芯橡胶减震万向轮","环球脚轮","个",30,"全国"]
[127,"脚轮","EH11-11-150LR614","脚轮-环球6寸铝芯橡胶减震定向","品牌：环球脚轮；件号：EH11-11-150LR614；规格：6寸铝芯橡胶减震定向轮，载重350KG","环球脚轮","个",200,"全国"]
[128,"脚轮","EH11-11-150LS614","脚轮-环球6寸铝芯橡胶减震万向","品牌：环球脚轮；件号：EH11-11-150LS614；规格：6寸铝芯橡胶减震万向轮，载重350KG","环球脚轮","个",260,"全国"]
[129,"脚轮","EH11-11-200LR614","脚轮-环球8寸铝芯橡胶减震定向","品牌：环球脚轮；件号：EH11-11-200LR-614；规格：8寸铝芯橡胶减震定向轮","环球脚轮","个",220,"全国"]
[130,"脚轮","EH11-11-200LS614","脚轮-环球8寸铝芯橡胶减震万向","品牌：环球脚轮；件号：EH11-11-200LS-614；规格：8寸铝芯橡胶减震万向轮","环球脚轮","个",220,"全国"]
[131,"耳机配件","EJX-3.6MMX700MM","头顶线组件","2*0.15mm²，外径3.6mm，两芯带屏蔽层（无氧铜丝），原厂件号：22607G-01，每根7米","无品牌要求","根",211,"全国"]
[132,"耳机配件","EJX-4.5MMX7M","耳机接头音频线组件","规格1：4*0.2mm²，外径4.5mm，四芯带屏蔽层（无氧铜丝），原厂件号：18028G-11，每根700MM","无品牌要求","根",116,"全国"]
[133,"耳机配件","EP506","耳机话筒","开孔6mm，长18厘米，阻抗250欧姆，适用件号ZBEJB-190/145的国产耳机的话筒（安拓）型号30EL003","无品牌要求","个",10,"全国"]
[134,"耳机配件","EP508","耳机头弓线","2*0.15mm²，外径3.6mm，两芯带屏蔽层（无氧铜丝），每根50厘米，适用件号ZBEJB-190/145的国产耳机的头弓线","无品牌要求","根",20,"全国"]
[135,"耳机配件","EP509","耳机螺旋导线","规格：4*0.2mm²，外径4.5mm，四芯带屏蔽层（无氧铜丝）螺旋线静置状态大约4米，螺旋展开长度是12米，自带6.35mm音频接头，适用件号ZBEJB-190/145的国产耳机和H3312耳机，型号：30CR003","无品牌要求","根",50,"全国"]
[136,"耳机配件","EP510","耳机插头","6.35mm音频接头3芯，适用件号ZBEJB-190/145的国产耳机的插头","无品牌要求","个",60,"全国"]
[137,"耳机配件","EP512","耳机开关","开孔6mm.按下接通自锁，适用件号ZBEJB-190/145的国产耳机的开关，型号30PL006","无品牌要求","个",50,"全国"]
[138,"耳机配件","EP514","开关耳罩线","2*0.15mm²，外径3.6mm，两芯带屏蔽层（无氧铜丝），每根50厘米，适用件号ZBEJB-190/145的国产耳机的开关耳罩线,型号：30CR002","无品牌要求","根",20,"全国"]
[139,"耳机配件","EP515","导线保护套","适用件号ZBEJB-190/145的国产耳机的导线保护套，型号：30PL004和30PL005","无品牌要求","个",20,"全国"]
[140,"通用类","ER18505M","数字压力表电池","品牌：无 电池型号：ER18505M 电压：3.6V 容量：4000mAh，","无品牌要求","块",30,"全国"]
[141,"脚轮","ES01-1-200K-402","脚轮-环球8英寸聚氨酯6204型单轮","品牌：环球，轮子直径：200mm，材料：铁芯聚氨脂，形式：单轮，轴承型号：6204","环球脚轮","个",40,"全国"]
[142,"脚轮","ES01-1-250K-402","脚轮-环球10英寸聚氨酯单轮","品牌：环球10英寸聚氨酯轮子直径：250mm，材料：铁芯聚氨脂，5MM厚，形式：单轮，轴承型号：6205（52，25）","环球脚轮","个",60,"全国"]
[143,"通用类","EYTB-750X250X40","镀锌鳄鱼踏板750X250X40","材质：镀锌板，横向开口底部回弯用于固定，规格，长：750mm，宽：250mm，高：40mm","无品牌要求","个",20,"全国"]
[144,"通用类","F7TC","火花塞","品牌：NGK型号：BPR5ES/BPR4ES","NGK","个",10,"全国"]
[145,"通用类","FCZKJ-N2","卡具-氮气充气接头套装","产品名称：氮气充气接头套装；防错装卡具规格：G5/8内螺纹，材质：20#，耐压15/20MPa；接头规格：一头G5/8球面，另一头M14*1.5外丝平面，材质：全铜；","无品牌要求","套",30,"全国"]
[146,"通用类","FDJLP-GX200","发电机拉盘-GX200","品牌：本田 型号：适合本田GX200发电机孔距160MM 芯宽55MM 圆形拉盘","本田","个",3,"全国"]
[147,"化工类","FDY-CC4L","防冻液","4kg零下35℃","无品牌要求，满足型号即可","桶",40,"全国"]
[148,"配件类","FF5052","发动机燃油滤清器","品牌：康明斯燃油滤清器 型号：C3931063","康明斯","个",3,"全国"]
[149,"通用类","FG-20X20X1000MM","方钢-20*20*1000MM","品牌：无20mm*2mm 厚3mm Q345B 空心 3米/根","无品牌要求","米",156,"全国"]
[150,"通用类","FG-40X40X1000MM","方钢-40*40*1000MM","品牌：无 40*40mm 厚3mm 65CM/根 （49根） 26M/根 （5根）空心 Q345B","无品牌要求","米",162,"全国"]
[151,"通用类","FG-50X50MM","方钢-50*50MM","品牌：无 50*50mm 厚4mm 16cm/根 （50根） 空心 Q345B","无品牌要求","米",8,"全国"]
[152,"通用类","FGT-PVCFGZ","反光套-PVC反光锥","规格：加厚晶格路锥套；圆锥形；分上下环形反光条款式。上部反光条上口尺寸：115mm 、下口：158mm、上部反光条宽：10mm。下部反光条：上口：320mm、下口：360mm、下部反光条宽90mm。下部反光条两侧印有红色的海航标志和蓝色的HNA Technic。制作前请联系需求方确认后再排产。","无品牌要求","件",1500,"全国"]
[153,"通用类","FLLM-M12","法兰螺母-M12","螺纹M12x1.75mm，材质：45#钢，表面处理：整体发黑处理，螺母对边：18mm，法兰直径：25mm，法兰厚度：4mm，整体高度：18mm，与LG-BSZX螺杆搭配使用","无品牌要求","个",30,"全国"]
[154,"通用类","FQ-D10X1MM","封圈-D10X1毫米","品牌:无 D10.0mm（外径）*1.0mm（线径）材质NBR70","无品牌要求","件",100,"全国"]
[155,"通用类","FQ-D4.5X1.0MM","封圈-内径4.5X1毫米","品牌:无 材质：NBR70，形状：O形，尺寸：4.5mm内径，1mm线径，ADT附件包常备封圈，用于Ps输出口","无品牌要求","件",400,"全国"]
[156,"通用类","FQ-D7.5X1.0MM","封圈-内径7.5X1毫米","品牌:无 材质：NBR70，形状：O形，尺寸：7.5mm内径，1mm线径，ADT附件包常备封圈，用于Pt输出口","无品牌要求","件",400,"全国"]
[157,"通用类","FQ-D7.5X1.5MM","封圈-D7.5X1.5毫米","品牌:无 D7.5mm（外径）*1.5mm（线径）材质NBR70","无品牌要求","件",100,"全国"]
[158,"配件类","FS1280","发动机燃油滤清器","品牌：康明斯燃油滤清器 型号：C3931063","康明斯","个",3,"全国"]
[159,"通用类","FTCZ-SK220V","防脱插座-三孔220V","三孔防脱 安装板短款30A 220V 100%纯铜安装板孔距60mm","无品牌要求","个",10,"全国"]
[160,"化工类","FXDQ-350ML","防锈底漆-350毫升","镀锌/不锈管/铝专用底漆,灰色/规格350ML自喷罐装","无品牌要求","瓶",600,"全国"]
[161,"化工类","FXQ-18KG","防锈漆-18KG","柠黄亮光油漆，18kg/桶","无品牌要求","桶",5,"全国"]
[162,"化工类","FXRHY-18L","防锈乳化油","规格：M1010,15KG/桶","无品牌要求，满足型号即可","桶",10,"全国"]
[163,"通用类","FYGZ-LAM-02PM","放油杆罩LAM-02PM","罩子口直径23.5cm*底部宽度6.6cm*高度23cm。硅胶材质，型号：LAM-02PM","无品牌要求","个",10,"全国"]
[164,"通用类","FZG-TXW-6MM","防撞杆-碳纤维-6MM","材质：碳纤维，外径6mm，内径4.7mm","无品牌要求","根",220,"全国"]
[165,"通用类","FZT-30MM","防撞条-φ30mm","黑黄警示防撞海绵管，内径30mm 壁厚10mm ，型号:JAHM-0014","无品牌要求","米",1200,"全国"]
[166,"通用类","FZT-50MM","防撞条-Φ50mm","半圆形 宽5CM 厚2.6CM 橡胶材质，橘红色 ，耐腐蚀、耐高温、耐磨损","无品牌要求","米",1195,"全国"]
[167,"通用类","FZXJG-38MM","防撞橡胶管-38MM","直径38毫米，内径38mm*5层","无品牌要求","米",100,"全国"]
[168,"通用类","GDX-EMT320001","固定销-EMT320001","固定销-EMT320001，规格：10.8X21.6mm；7.46x6.2mm孔径5.1mm，用于枢轴销拔具（EMT320001）","无品牌要求","个",20,"全国"]
[169,"通用类","GHBL-470X270X6MM","钢化玻璃","规格：尺寸470mm*270mm*6mm","无品牌要求","块",40,"全国"]
[170,"化工类","GJRHZ-3#-15KG","钙基润滑脂-3号-15千克","钙基润滑脂，3号，轴承水泵汽车底盘电动机润滑脂，黄油牛油，15kg/桶，品牌不做要求","无品牌要求","桶",4,"全国"]
[171,"耳机配件","GYM-10MM","成型隔音棉","厚度10mm中密度隔音泡棉，椭圆，成型裁切好","无品牌要求","个",105,"全国"]
[172,"通用类","GYQGZC-1.5M","高压气管总成-1.5M","602型钢丝编织液压软管 ；型号：602-0602 ；最大工作压力：56.0MPa/8120PSI；材质:丁腈橡胶+钢丝；长度1.5米； 接头规格：M14*1.5;C型接头；接头材质：铜；","无品牌要求","根",10,"全国"]
[173,"通用类","GYQGZC-3M","高压气管总成-3M","名称：602型钢丝编织液压软管 ；型号：602-0602 ；最大工作压力：56.0MPa/8120PSI；材质:丁腈橡胶+钢丝；长度3米； 接头规格：M14*1.5;C型接头；接头材质：铜；","无品牌要求","根",10,"全国"]
[174,"通用类","H-4660A","空客充气接头","12V1卡式轮胎充气接头SV-F70199-35/H-4660A，型号：H-4660A","schrader","个",45,"全国"]
[175,"通用类","H-5265","波音充气接头","8V1卡式轮胎充气接头　SV-F70199-6/H-5265，型号：H-5265","schrader","个",45,"全国"]
[176,"配件类","HC9606RCS4Z","滤芯","型号：HC9606RCS4Z，1.过滤精度：1~100um 过滤比：X≧100\n2.工作压力：（MAX）21Mpa\n3.工作介质：一般液压油、磷酸酯液压油、乳化液、水-乙二醇等\n4.工作温度：-30℃~110℃\n","无品牌要求，满足型号即可","个",20,"全国"]
[177,"脚轮","HDL-3","轮子-3寸活动","直径10cm*3cm(内径1CM)","无品牌要求","个",3,"全国"]
[178,"通用类","HELISB-010-13","冷拔配件","膨胀配件标准件号工具，HELISB-011-13，","无品牌要求","个",8,"全国"]
[179,"通用类","HELISB-011-13","冷拔配件","膨胀配件标准件号工具，HELISB-011-13，","无品牌要求","个",8,"全国"]
[181,"化工类","HKYYY-10#170KG","航空液压油-10号170KG","执行标准目前需要满足MIL-PRF-5606H或SH0358-1995或QSY YM0024-2022或QSY YM0024-2000或QQCDF 009-2022;机身千斤顶轮轴千斤顶液压油更换维保维修使用","无品牌要求，满足国标即可","桶",8,"全国"]
[182,"通用类","HKYZX-8X76.2","滑块抑制销-8X76.2","名称：按钮式抑制销，用于东科信320牵引杆，规格：直径：8mm，有效长度：76.2mm","无品牌要求","根",20,"全国"]
[183,"耳机配件","HMD-EJTD","海绵垫-耳机头顶","品牌不限，海绵垫：净重32G，总长度160MM， 。适用于H3310、H3312、H3530耳机头顶海绵垫，H3312耳机的头弓套等效于10133G-41","无品牌要求","个",50,"全国"]
[184,"通用类","HP5085300100-001","发声单元组件","输入阻抗300Ω，发声单元直径50mm，厚度6.5mm-10mm","无品牌要求","个",100,"全国"]
[185,"通用类","HRB6207Z","轴承-6207","品牌：HRB6207轴承，内径为:35mm，外径为:72 mm，厚度为:17 mm","哈尔滨","个",40,"全国"]
[186,"化工类","HSMQ-18L","黄色面漆-18公斤","品牌：无 18KG/桶 黄色 硝基漆","无品牌要求","桶",20,"全国"]
[187,"通用类","HT-BJ","焊条-2.5","2.5MM 5公斤/包 不锈钢焊条","无品牌要求","包",20,"全国"]
[188,"通用类","HXS-500G","焊锡丝","净含量：100g，锡丝直径：1.0MM，锡含量30%，产品尺寸55*30mm，DL395100","无品牌要求，满足型号即可","卷",7,"全国"]
[189,"通用类","HXS-ZJ1MMX100G","焊锡丝","净含量：100g，锡丝直径：1.0MM，锡含量30%，产品尺寸55*30mm，DL395100","无品牌要求","卷",5,"全国"]
[190,"通用类","HYQQXJ-450ML","化油器清洗剂-450ML","柴油机汽油机通用，450ML/瓶","无品牌要求","罐",30,"全国"]
[191,"通用类","JFKM-20X2M","进风口棉-喷漆房","喷漆房进风口棉-20×2m/卷","无品牌要求","卷",12,"全国"]
[200,"通用类","JHF-20PM","快速气动接头","PM20公头/2分-外螺纹1/4，通用外螺纹公头常用于带有内丝的气动工具","萨博","个",10,"全国"]
[201,"化工类","JHYQ-XA","桔红油漆","20千克/桶；颜色：桔红，","无品牌要求","桶",36,"全国"]
[202,"脚轮","JL-10-WX","脚轮-10寸聚氨酯万向","轮子直径：250mm，孔距：128X74MM，材料：铁芯聚氨脂 底板尺寸158X114MM 10寸，万向，不带刹车，带减震，铁芯聚氨脂 安装高度315MM","无品牌要求","个",40,"全国"]
[203,"脚轮","JL-12-DL","脚轮-12寸聚氨酯单轮","12寸聚氨酯单轮 轮子直径300mm 轮款70mm 材料：铁芯聚氨脂 单轮载重3吨 可配6206轴承","无品牌要求","个",6,"全国"]
[204,"脚轮","JL-2.5YCTXJAZDX","脚轮-2.5英寸铁芯聚氨酯定向","铁芯聚氨酯、2.5英寸脚轮直径63mm，轮子高度85mm定向脚轮。","无品牌要求","个",10,"全国"]
[205,"脚轮","JL-2-UXJB","脚轮-2寸-U型夹板万向","品牌： 。规格：2寸，轮直径50MM\\轮宽17MM\\夹：20mm\\","无品牌要求","个",100,"全国"]
[206,"脚轮","JL-4CJAZDGDL","脚轮-4寸聚氨酯带盖单轮","规格：4寸；轴承规格：6001ZZ；材质：聚氨酯；轮子直径：100MM；轮面宽度：32MM；两侧带金属保护盖；含M10x55螺栓\\螺帽；","无品牌要求","个",120,"全国"]
[207,"脚轮","JL-4CWXTHJZL","脚轮-4寸万向弹簧减震轮","4寸镀锌竖弹簧减震脚轮；规格：万向，脚轮两侧带金属盖。单轮直径：100MM；单轮宽度：50MM;单只载重：250KG；","无品牌要求","个",30,"全国"]
[208,"脚轮","JL-6-DX","脚轮6寸定向","轮子直径150mm，孔距128X74MM，材料：铁芯聚氨酯，底板尺寸158X114MM 6寸，定向、不带刹车，带减震，安装高度200MM","无品牌要求","个",40,"全国"]
[209,"脚轮","JL-6-WX","脚轮-6寸聚氨酯万向","轮子直径150mm，孔距128X74MM，材料：铁芯聚氨酯，底板尺寸158X114MM 6寸，万向，不带刹车，带减震，安装高度200MM","无品牌要求","个",40,"全国"]
[210,"脚轮","JL-8CJAZDL","脚轮-8寸聚氨酯单轮","轮子直径:200mm，轮面宽度:50mm，轴承:6202，轴承内径:15mm","无品牌要求","个",50,"全国"]
[211,"脚轮","JL-8-DX","脚轮8寸定向","轮子直径：200mm，孔距：128X74，材料：铁芯聚氨脂，轮宽：48mm 底板尺寸158X114MM 8寸，定向、不带刹车，带减震 安装高度255MM","无品牌要求","个",60,"全国"]
[212,"脚轮","JL-8-WX","脚轮-8寸聚氨酯万向","轮子直径：200mm，孔距：128X74mm，材料：铁芯聚氨脂，轮宽：48mm 底板尺寸158X114MM 8寸，万向、不带刹车，带减震 安装高度255MM","无品牌要求","个",60,"全国"]
[213,"脚轮","JL-DL2.5","脚轮-单轮2.5寸","轮子规格：2.5寸单轮；材质：铁芯聚氨酯\n轮径63.5MM，轮宽：38MM\n轴承型号：6001ZZ；\n含配件，配件规格：\n(螺栓规格：10*55mm\n套管长：41mm\n套管内径：10mm）","无品牌要求","个",300,"全国"]
[214,"通用类","JLG-QJD","加力杆-千斤顶","55001，型号：FULCRUM打压手柄，","无品牌要求","个",3,"全国"]
[228,"通用类","JSDBHZ","警示灯保护罩","材质：铁丝网，规格：外直径142mm，内直径110mm，高142mm.","无品牌要求","个",12,"全国"]
[229,"通用类","JSD-SCJGP","试车警告牌上警示灯","品牌：亚威电，太阳能充电，磁吸，底部有螺丝孔","亚威电","个",10,"全国"]
[230,"耳机配件","JSP-EJTD","金属片-耳机头顶","金属片：宽16MM，厚1.2MM，总长度29MM， 。适用于H3310、H3312、H3530耳机头顶金属片，等效于25630P-01","无品牌要求","个",65,"全国"]
[231,"通用类","JT-30X30MM","角铁-30*30MM","等边角铁30*30*3MM6米长 国标:GB/T9787-1988","无品牌要求","米",18,"全国"]
[232,"通用类","JT3X7CM","人字梯脚套","材质：加厚橡胶，红色，规格：3X7cm","无品牌要求","个",24,"全国"]
[233,"通用类","JT-40X40MM","角铁-40*40*6000","等边角铁40*40*4MM6米长","无品牌要求","米",18,"全国"]
[234,"通用类","JT4X8CM","人字梯脚套","材质：加厚橡胶，红色，规格：3X7cm","无品牌要求","个",20,"全国"]
[235,"通用类","JT-50X50MM","角铁-50*50MM","等边角钢50*50*5MM6米长 国标:GB/T9787-1988","无品牌要求","米",18,"全国"]
[236,"通用类","JT8X2CM","人字梯脚套","材质：加厚橡胶，红色，规格：3X7cm","无品牌要求","个",20,"全国"]
[237,"通用类","JT-NPT1/4","接头-NPT1/4两端外丝","两端公头1/4外丝，","无品牌要求","个",48,"全国"]
[238,"通用类","JTXJQ","波音充气接头橡胶垫圈","外直径11.5mm*内径6mm*厚度3，","无品牌要求","个",400,"全国"]
[239,"化工类","JY-5W-30","机油-高压清洗车5W-30","型号：5W-30，容量4L/瓶","无品牌要求，满足型号即可","瓶",10,"全国"]
[240,"化工类","JY-800ML","机油（二冲程","二冲程机油，主要用于吹雪机发电机添加机油使用","无品牌要求，满足型号即可","罐",18,"全国"]
[241,"化工类","JYCQ-YELLOW2.5KG","胶玉磁漆-黄2.5KG/桶","2.5KG/桶;醇酸中黄","无品牌要求","桶",100,"全国"]
[242,"化工类","JY-VG46-700ML","锁边机机油","VG46,700ML/瓶","无品牌要求","瓶",4,"全国"]
[248,"配件类","K14900D","空气滤清器滤芯","品牌：康明斯 型号：K14900D4938598空气滤清器滤芯","康明斯","个",3,"全国"]
[249,"配件类","K-3658","滤芯","加油车06-5022-6600配件","TRONAIR","个",8,"全国"]
[250,"耳机配件","KGH-EJX","开关盒-耳机线","进线口4.5mm，带常开PTT按键，带可连接头戴耳机的6.25插座，内置开关和线缆固定接线线路板。","无品牌要求","个",20,"全国"]
[251,"配件类","KQGLQ-KYJ","空气过滤器-空压机","气滤的规格：外径180mm，螺纹直径42mm，牙距2.3mm","无品牌要求","个",3,"全国"]
[252,"配件类","KQLX-GA45","GA45空压机空气过滤器滤芯","GA45空压机空气过滤器滤芯","无品牌要求","个",3,"全国"]
[254,"通用类","KXJT-F70199-32M","快卸接头-公充气工具F70199-32","NIPPLE/SV-F70199-32，型号：LAM-02PM，","无品牌要求","个",4,"全国"]
[255,"通用类","KXX-12X60MM","快卸销-12X60MM","六公分长，12毫米粗左右","无品牌要求","个",10,"全国"]
[256,"通用类","KXX-5MMX60MM","快卸销_直径5mm_夹持长度60mm","材质：不锈钢 直径5mm销子，夹持长度60mm 符合MS17985标准；T形手柄快卸销；手柄为黑色铝质；主体材料：不锈钢；夹持长度：60mm；含有孔及开口环,便于与系索连接；","无品牌要求","个",20,"全国"]
[257,"通用类","KXX6.36MMX32.5MM","快卸销-L型手柄 直径6.36mm长度32.50mm","304不锈钢，直径6.36mm销子，长度32.50mm，夹持长度25mm，符合MS17985标准；L形手柄快卸销；手柄为黑色铝质；含有孔及开口环,便于与系索连接；用于舱门锁锁定。","无品牌要求","个",30,"全国"]
[258,"通用类","KXX-8MMX30MM","快卸销_直径8mm_夹持长度30mm","品牌：无材质：不锈钢 直径8mm_夹持长度30mm 符合MS17985标准；T形手柄快卸销；手柄为黑色铝质；主体材料：不锈钢；夹持长度：30mm；含有孔及开口环,便于与系索连接；","无品牌要求","个",20,"全国"]
[259,"通用类","KXX-8MMX40MM","快卸销_直径8mm_夹持长度40mm","品牌：无材质：不锈钢 直径8mm_夹持长度40mm 符合MS17985标准；T形手柄快卸销；手柄为黑色铝质；主体材料：不锈钢；夹持长度：40mm；含有孔及开口环,便于与系索连接；","无品牌要求","个",45,"全国"]
[260,"通用类","KXX-8MMX50MM","快卸销_直径8mm_夹持长度50mm","品牌：无材质：不锈钢 直径8mm_夹持长度50mm 符合MS17985标准；T形手柄快卸销；手柄为黑色铝质；主体材料：不锈钢；夹持长度：50mm；含有孔及开口环,便于与系索连接；","无品牌要求","个",20,"全国"]
[261,"通用类","KXX-9.4MMX35.5MM","快卸销-L型手柄 直径9.40mm长度35.50mm","304不锈钢，直径9.40mm销子，长度35.50mm，夹持长度25mm，符合MS17985标准；L形手柄快卸销；手柄为黑色铝质；含有孔及开口环,便于与系索连接；用于舱门锁锁定。用于更换损坏的销子。","无品牌要求","个",4,"全国"]
[262,"耳机配件","LB-300Ω","喇叭-300Ω","Ø50mmH8.5mm300Ω1W铁架内磁喇叭，直径300mm，两端带环形固定接耳，阻值300Ω，适用件号ZBEJB-190/145的国产耳机的300Ω喇叭","无品牌要求，满足型号即可","个",362,"全国"]
[263,"通用类","LDC-18650","手电电池","JW7623/HZ型手电电池","海洋王","个",5,"全国"]
[264,"通用类","LDC-802040","锂电池-802040","聚合物理电池 800mAH 电压3.7V型号802040","无品牌要求","块",30,"全国"]
[265,"配件类","LD-U1","袋式过滤器滤袋","2号过滤袋，直径180*810MM，过滤精度100UM.","无品牌要求","个",6,"全国"]
[266,"配件类","LD-U100","袋式过滤器滤袋","2号过滤袋，直径180*810MM，过滤精度100UM.","无品牌要求","个",4,"全国"]
[267,"化工类","L-G68","L-G68导轨油","L-G68导轨油：16L/13KG /桶，机加车床导轨润滑","无品牌要求","桶",7,"全国"]
[268,"通用类","LG-BSZX","螺杆-拔枢轴销","螺杆-拔枢轴销，螺纹12x1.75mm，用于枢轴销拔具（EMT320001），","无品牌要求","个",40,"全国"]
[269,"通用类","LG-KX-10MM","铝管-空心-10MM","空心、内径10MM","无品牌要求","米",40,"全国"]
[270,"通用类","LG-XDCXT","拉钩-蓄电池箱体","材质：橡胶，如备注图片","无品牌要求","个",10,"全国"]
[271,"通用类","LP-SH4000DX","发电机车拉盘","适用SH4000DX发电机","无品牌要求","个",3,"全国"]
[272,"通用类","LS-BTZG-M4X16MM","螺丝-扁头自攻-M4X16毫米","扁头自攻-M4X16毫米","品牌：无品牌要求","个",200,"全国"]
[273,"通用类","LSLM-8X60","M4六角头螺丝-螺母","配自锁螺帽垫片弹簧垫片8mmX60mm全螺纹","无品牌要求","套",200,"全国"]
[274,"通用类","LSLM-M18X140","螺丝螺母M18*140","M18*140螺杆及配套螺母","无品牌要求","套",200,"全国"]
[275,"通用类","LSLM-M5X16","M5*16螺丝螺母","半圆头内六角螺钉带配套螺母","无品牌要求","套",200,"全国"]
[276,"通用类","LSLM-M8X60-JD-40","螺丝螺母M8*16脚垫D40套装","直径40mm圆形脚垫及配套M8*60螺杆、平垫、螺母","无品牌要求","套",200,"全国"]
[277,"通用类","LS-UX","螺栓-U型","型号：M6 U型环 材质：不锈钢","无品牌要求","个",40,"全国"]
[278,"通用类","LS-ZSM10X16MM","螺栓-自锁M10X16MM（螺栓+防松母+平垫）","不锈钢，M10X16MM，","无品牌要求","套",100,"全国"]
[279,"通用类","LS-ZSM10X20MM","螺栓-自锁M10X20MM（螺栓+防松母+平垫）","不锈钢，M10X20MM，","无品牌要求","套",100,"全国"]
[280,"通用类","LS-ZSM10X30MM","螺栓-自锁M10X30MM（螺栓+防松母+平垫）","不锈钢，M10X30MM，","无品牌要求","套",100,"全国"]
[281,"通用类","LS-ZSM10X40MM","螺栓-自锁M10X40MM（螺栓+防松母+平垫）","不锈钢，M10X40MM，","无品牌要求","套",100,"全国"]
[282,"通用类","LS-ZSM4X45MM","螺栓-自锁M4X45MM（螺栓+防松母+平垫）","自锁螺栓（螺栓+防松母+平垫），圆头十字螺栓，设备维修耗材，规格：M4X45MM、材质：304不锈钢。","无品牌要求","个",200,"全国"]
[283,"通用类","LS-ZSM6X10MM","自锁螺栓（螺栓+防松母+平垫）","不锈钢，M6X10MM，","无品牌要求","套",100,"全国"]
[284,"通用类","LS-ZSM6X12MM","螺栓-自锁M6X12MM（螺栓+防松母+平垫）","不锈钢，M6X12MM，","无品牌要求","套",100,"全国"]
[285,"通用类","LS-ZSM6X16MM","螺栓-自锁M6X16MM（螺栓+防松母+平垫）","不锈钢，M6X16MM，","无品牌要求","套",100,"全国"]
[286,"通用类","LS-ZSM6X20MM","螺栓-自锁M6X20MM（螺栓+防松母+平垫）","不锈钢，M6X20MM，","无品牌要求","套",100,"全国"]
[287,"通用类","LS-ZSM6X30MM","螺栓-自锁M6X30MM（螺栓+防松母+平垫）","不锈钢，M6X30MM，","无品牌要求","套",100,"全国"]
[288,"通用类","LS-ZSM6X40MM","螺栓-自锁M6X40MM（螺栓+防松母+平垫）","不锈钢，M6X40MM，","无品牌要求","套",100,"全国"]
[289,"通用类","LS-ZSM6X80MM","螺栓-自锁M6X80MM（螺栓+防松母+平垫）","M6X80MM，材质：304不锈钢（螺栓+防松母+平垫/套）","无品牌要求","套",100,"全国"]
[290,"通用类","LS-ZSM8X10MM","螺栓-自锁M8X10MM（螺栓+防松母+平垫）","不锈钢，M8X10MM，","无品牌要求","套",100,"全国"]
[291,"通用类","LS-ZSM8X16MM","螺栓-自锁M8X16MM（螺栓+防松母+平垫）","不锈钢，M8X16MM，","无品牌要求","套",100,"全国"]
[292,"通用类","LS-ZSM8X20MM","螺栓-自锁M8X20MM（螺栓+防松母+平垫）","不锈钢，M8X20MM，","无品牌要求","套",100,"全国"]
[293,"通用类","LS-ZSM8X30MM","螺栓-自锁M8X30MM（螺栓+防松母+平垫）","不锈钢，M8X30MM，","无品牌要求","套",100,"全国"]
[294,"通用类","LS-ZSM8X40MM","螺栓-自锁M8X40MM（螺栓+防松母+平垫）","不锈钢，M8X40MM，","无品牌要求","套",100,"全国"]
[295,"脚轮","LT4.00-8","橡胶轮-实心-4.00-8","名称：橡胶轮，规格：实心，材质：橡胶，规格：4.00-8，匹配轴承：30305、30307或30205、30207，建议品牌：万力","无品牌要求","个",10,"全国"]
[296,"通用类","LWT-4-HU29255","HU29255螺纹套","用于:HU29255，A330叶片拆装撞锤的头部螺纹套，品牌不做要求。","无品牌要求","个",5,"全国"]
[297,"配件类","LX-0110D010BN4HC","滤芯","工程机械吸油液压油滤芯0110D010BN4HC高压过滤器\n工作压力:41-210bar,\n过滤精度:7-100,\n工作温度:57-100℃\n滤芯形式:线隙式\n原水压力:51KG/c㎡\n长度:510-2000mm\n过滤比:X≧99.46\n工作最大压差:10\n额定流量:97-200L/min\n进出口径:51mm\n孔隙率:33%-48%\n过滤面积:10-11m2\n密度:321-350Kgs/m 3\n结构强度:21.0Mpa","品牌：HYDAC","个",4,"全国"]
[298,"配件类","LX-0240D010BN4HC","滤芯","贺德克气体过滤器润滑油滤芯;0240D010BN4HC，工作介质：液压油，滤层材质：玻璃纤维，结构类型：折叠式；工作压力：0-1Mpa，滤芯耐压差：30Mpa","品牌：HYDAC","个",5,"全国"]
[299,"配件类","LX-934784Q","滤芯","型号：934784Q","品牌：parker","个",4,"全国"]
[300,"耳机配件","MKF","麦克风（H3312）","型号：H3312耳机；耳机麦克风，等效于12948G-15","无品牌要求","个",512,"全国"]
[301,"耳机配件","MKF-H3530","麦克风（H3530）","H3530单指向麦克风（带放大电路和H3530固定螺母）、等效于12840G-07+18812G-03/18740G-52+18744G-01+18920G-02/18920G-04， 。","无品牌要求","个",30,"全国"]
[302,"耳机配件","MKFYPXZJ","麦克风音频线组件","品牌不限，规格：2*0.15mm²，外径3.6mm，两芯带屏蔽层（无氧铜丝）RF(建议截取500mm）适用于H3312耳机麦克风音频线组件，等效于22607G-01","无品牌要求","个",153,"全国"]
[303,"耳机配件","MKFZJZC","麦克风支架总成","H3312耳机麦克风支架总成，等效于18317G-02.一套共7件，包含一个支架、三颗螺钉、一颗六角螺母、两个插片螺母。等效于18317G-02","无品牌要求","个",30,"全国"]
[304,"耳机配件","MKFZZ","麦克风嘴罩","品牌不限，适用于H3312麦克风嘴罩，等效于18417G-02","无品牌要求","个",241,"全国"]
[305,"配件类","MLX-PP","平压式大胖PP棉滤芯","长50、外径11、内径2.8（厘米）","无品牌要求","个",8,"全国"]
[306,"通用类","MS15290","皮带","适用于BT400NEXD5加温机，型号MS15290","无品牌要求","件",9,"全国"]
[307,"通用类","NLJLS-BY6X50MM","内六角螺栓-半牙M6X50MM","内六角螺栓-半牙M6X50MM","无品牌要求","个",50,"全国"]
[308,"通用类","NT-4.00-8","内胎-4.00-8","轮胎-内胎弯嘴4.00-8","无品牌要求","个",34,"全国"]
[309,"脚轮","NT-4.00-12","内胎-4.00-12","4.00-12","无品牌要求","条",30,"全国"]
[310,"通用类","O-8.75X1.8","0形圈","规格：9X1.9 JB/ZQ4224","无品牌要求","个",48,"全国"]
[311,"通用类","O-9X1.9","0形圈","规格：9X1.9 JB/ZQ4224","无品牌要求","个",12,"全国"]
[312,"配件类","PC-1043","Haskel进气空气滤清器芯","PC-1043 品牌：Haskel，送货地址：昆明","品牌：Haskel","个",18,"全国"]
[313,"通用类","PSG-25X14MM","喷砂管","品牌： 规格：喷砂机专用喷砂管，外径32mm内径20mm","无品牌要求","米",5,"全国"]
[314,"通用类","PSG-32X10MM","喷砂管","品牌： 规格：喷砂机专用喷砂管，外径32mm内径20mm","无品牌要求","米",60,"全国"]
[315,"通用类","PWC52-K","胶垫-插头钳","适配插头钳","实耐宝","对",260,"全国"]
[316,"通用类","PZLS-10X80MM","膨胀螺栓-10X80MM","国标4.8级碳钢镀蓝白锌膨胀螺栓型号M10*80","无品牌要求","个",80,"全国"]
[317,"通用类","PZLS-12X80MM","膨胀螺栓-12X80MM","国标4.8级碳钢镀蓝白锌膨胀螺栓型号M12*80","无品牌要求","个",1080,"全国"]
[318,"通用类","PZLS-8X70MM","膨胀螺栓-8X70MM","国标4.8级碳钢镀蓝白锌膨胀螺栓型号M8*70","无品牌要求","个",80,"全国"]
[319,"通用类","QCG-UXGS-27X570","气撑杆-U型GS-27X570毫米","气撑杆-U型GS-27X570毫米，规格：两头U型，1、气撑杆的长度：570mm，2、气撑杆黑色部分直径：φ27mm，3、气撑杆银色金属部分直径：φ14mm，4、气撑杆两端连接方式，直径φ7mm或φ8mm的螺栓与工作梯连接孔固定。570*280-1600N 称重300KG","无品牌要求","根",10,"全国"]
[320,"通用类","QCG-UXGS-27X630","气撑杆-U型GS-27X630毫米","气撑杆-U型GS-27X630毫米，规格：两头U型，1、气撑杆的长度：630mm，2、气撑杆黑色部分直径：φ28mm，3、气撑杆银色金属部分直径：φ14mm，4、气撑杆两端连接方式，直径φ7mm或φ8mm的螺栓与工作梯连接孔固定。630*250-1500N 称重300KG","无品牌要求","根",10,"全国"]
[321,"通用类","QCG-UXGS-27X650","气撑杆-U型GS-27X650毫米","气撑杆-U型GS-27X630毫米，规格：两头U型，1、气撑杆的长度：650mm，2、气撑杆黑色部分直径：φ28mm，3、气撑杆银色金属部分直径：φ14mm，4、气撑杆两端连接方式，直径φ7mm或φ8mm的螺栓与工作梯连接孔固定。650*250-1500N 称重300KG","无品牌要求","根",10,"全国"]
[322,"通用类","QCG-UXGS-27X680","气撑杆-U型GS-27X680毫米","气撑杆-U型GS-27X680毫米，规格：两头U型，1、气撑杆的长度：680mm，2、气撑杆黑色部分直径：φ27mm，3、气撑杆银色金属部分直径：φ14mm，4、气撑杆两端连接方式，直径φ7mm或φ8mm的螺栓与工作梯连接孔固定。680*250-1600N 称重300KG","无品牌要求","根",10,"全国"]
[323,"通用类","QCG-UXGS-27X700","气撑杆-U型GS-27X700毫米","气撑杆-U型GS-27X700毫米，规格：两头U型，1、气撑杆的长度：700mm，2、气撑杆黑色部分直径：φ27mm，3、气撑杆银色金属部分直径：φ14mm，4、气撑杆两端连接方式，直径φ7mm或φ8mm的螺栓与工作梯连接孔固定。700*290-1800N 称重300KG","无品牌要求","根",10,"全国"]
[324,"通用类","QCG-UXGS-27X865","气撑杆-U型GS-27X865毫米","气撑杆-U型GS-27X865毫米，规格：两头U型，1、气撑杆的长度：865mm，2、气撑杆黑色部分直径：φ27mm，3、气撑杆银色金属部分直径：φ14mm，4、气撑杆两端连接方式，直径φ7mm或φ8mm的螺栓与工作梯连接孔固定。称重300KG","无品牌要求","根",10,"全国"]
[325,"通用类","QDJT-PF20","气动接头-PF20","PF20公头/2分-内螺纹1/4，通用内螺纹公头常用于带有外丝的气动工具","萨博","个",10,"全国"]
[326,"通用类","QDJT-PF30","气动接头-PF30","PF30公头/3分-内螺纹3/8，通用内螺纹公头常用于带有外丝的气动工具","萨博","个",10,"全国"]
[327,"通用类","QDJT-PF40","气动接头-PF40","PF40公头/4分-内螺纹1/2，通用内螺纹公头常用于带有外丝的气动工具","萨博","个",10,"全国"]
[328,"通用类","QDJT-PM30","气动接头-PM30","PM30公头/3分-外螺纹3/8，通用外螺纹公头常用于带有内丝的气动工具","萨博","个",10,"全国"]
[329,"通用类","QDJT-PM40","气动接头-PM40","PM40公头/4分-外螺纹1/2，通用外螺纹公头常用于带有内丝的气动工具","萨博","个",10,"全国"]
[330,"通用类","QDJT-SF20","气动接头-SF20","SF20母头/2分-内螺纹1/4，通用内螺纹母头常用于带有外丝的气源设备","萨博","个",10,"全国"]
[331,"通用类","QDJT-SF30","气动接头-SF30","SF30母头/3分-内螺纹3/8，通用内螺纹母头常用于带有外丝的气源设备","萨博","个",10,"全国"]
[332,"通用类","QDJT-SF40","气动接头-SF40","SF40母头/4分-内螺纹3/8，通用内螺纹母头常用于带有外丝的气源设备","萨博","个",10,"全国"]
[333,"通用类","QGP-105X1.2X16MM","切割片105X1.2X16MM","尺寸：105X1.2X16MM 50片/盒 材质树脂砂","博世","片",1500,"全国"]
[334,"通用类","QWGLW-20X0.8M","漆雾过滤棉-喷漆房","喷漆房漆雾过滤棉-20×0.8m/卷","无品牌要求","卷",30,"全国"]
[338,"通用类","RFG-10","热风管-加温车10米","直径30CM，长10M，材料要求，阻燃，耐400℃高温尼龙布（带钢丝）","无品牌要求","根",11,"全国"]
[339,"化工类","RHJ28442","Haskel专用润滑剂28442","Haskel 28442专用润滑油，氮气增压器维保配件","品牌：Haskel","桶",3,"全国"]
[340,"化工类","RHY-F2","润滑油F2","LGMT2/5规格5kg/桶","无品牌要求，满足型号即可","罐",10,"全国"]
[341,"化工类","RHZ-LJ","锂基润滑脂","15KG/桶，耐磨耐高温通用性润滑脂","无品牌要求","桶",60,"全国"]
[342,"通用类","RKRF80","配件-F80棘轮扳手","适配实耐宝F80棘轮扳手3/8\n品牌：实耐宝","品牌：实耐宝","件",30,"全国"]
[343,"配件类","RKRS80A","S80A维修包","适用于S80A棘轮扳手","实耐宝","套",3,"全国"]
[344,"配件类","RKRSSDMR4AC","配件-磁性螺刀","适用于SSDMR8A磁性解刀","实耐宝","套",20,"全国"]
[345,"配件类","RKRT72A","配件-T72棘轮扳手","适配实耐宝T72棘轮扳手1/4\n品牌：实耐宝","品牌：实耐宝","件",45,"全国"]
[346,"通用类","SBKG-YT20WP","水泵开关-YT20WP","品牌：伊藤动力 适用于伊藤动力型号：YT20WP水泵发电机","伊藤动力","个",5,"全国"]
[347,"通用类","SBT-XJ-28X125","手把套-橡胶-28X125","规格：内径28mm，\n长125mm。\n材质：优质橡胶PVC","无品牌要求","个",300,"全国"]
[348,"配件类","SB-XC15A","手柄-航空吸尘器XC15A原装","XC15A手柄","克力威","个",7,"全国"]
[349,"通用类","SDJD-7101","海洋王7101型手电背带","规格：155CM*2.5CM，两头钢制挂钩，背带长度可调节","品牌：无品牌要求","条",100,"全国"]
[352,"通用类","SDX-737TJ96MM","锁定销-737梯架96MM","长9.5CM、宽1CM，连接50cm铁链并带有弹性开口销，","无品牌要求","个",10,"全国"]
[353,"通用类","SDX-TJTC-10X95MM","锁定销-梯架拖车-10X95毫米","用于东科信生产的梯架拖车的锁定销，材质金属，直径1cm，有效长度9.5cm，头部带有3-4mm孔可以让别针卡簧销穿过锁定，尾部带有环可连接钢索。","无品牌要求","根",10,"全国"]
[354,"耳机配件","SEKG-13-15MM","双耳卡箍-13-15MM","规格：13-15mm ，带宽7.5mm 料厚1mm，","无品牌要求","个",90,"全国"]
[355,"耳机配件","SEKG-3-5MM","双耳卡箍","N/A双耳卡箍规格3-5mm带宽6.0mm料厚\n0.7mm，原厂件号：24433P10,","无品牌要求","个",80,"全国"]
[356,"耳机配件","SHDZ-68OHMS","色环电阻-68Ω","68Ω电路板组件","无品牌要求","个",20,"全国"]
[357,"化工类","Shell Tellus T46","液压油Shell Tellus T46","壳牌（Shell) 46号宽温液压油 得力士Tellus S2VX46 原得力士T46 20L，建议品牌壳牌","壳牌","桶",22,"全国"]
[358,"通用类","SJLM-BXG-M6","锁紧螺母-304不锈钢M6","锁紧螺母-304不锈钢M6","无品牌要求","个",50,"全国"]
[359,"通用类","SK-BXG","锁扣-不锈钢","型号M6，带螺母，材质：304不锈钢","无品牌要求，满足型号即可","个",63,"全国"]
[360,"通用类","SK-BZX","包装箱锁扣","宽36MM 长70MM","无品牌要求","个",100,"全国"]
[361,"通用类","SK-PELICAN1550","锁扣","用于派力肯1550系列及以上派力肯系列箱子的锁扣，ABS材质","无品牌要求","个",4,"全国"]
[362,"通用类","SL-450X380X150MM","树脂筒型砂轮","规格：外径450*内径380*高151mm，材质：棕刚玉","无品牌要求","个",20,"全国"]
[363,"化工类","SN10W-40","机油-矿物质SN10W-40","型号：SN10W-40，规格：4L/桶","无品牌要求，满足型号即可","桶",11,"全国"]
[364,"通用类","SP-40SH-8X12","SP快速接头","SP40母头/适用内径8mm，外径12mm气管","迈辰凯","个",20,"全国"]
[365,"耳机配件","SST-S11","接线端子-1.7mm*26mm","内径1.7mm*长度26mm，免压热缩管型、防水套管密封快速对接头、材质：尼龙管。工作温度:-55℃~125℃，收缩温度:>160℃.","无品牌要求","件",300,"全国"]
[366,"耳机配件","SST-S21","接线端子-2.7mm*40mm","内径2.7mm*长度40mm，免压热缩管型、防水套管密封快速对接头、材质：尼龙管。工作温度:-55℃~125℃，收缩温度:>160℃.","无品牌要求","件",300,"全国"]
[369,"通用类","SX-25G","松香膏","25G/盒","无品牌要求，满足型号即可","盒",7,"全国"]
[370,"脚轮","SXLT-4.00-8","实心轮胎-4.00-8","高弹性能量实心轮胎型号：4.00-8（3.00\\3.75）","无品牌要求，满足型号即可","个",7,"全国"]
[371,"通用类","SXT-AZLD","安装螺钉","品牌：定制\n规格：按图纸加工；确保螺纹在承受 40 磅寸力矩下，螺纹根部不发生变形","定制","个",100,"全国"]
[372,"通用类","SXTB-30MM","实心铁棒-30MM","实心圆钢棒 直径Φ30 长度6米 国标Q235","无品牌要求","米",18,"全国"]
[373,"通用类","SXTB-40MM","实心铁棒-40MM","实心圆钢棒 直径Φ40 长度6米 国标Q235","无品牌要求","米",18,"全国"]
[374,"通用类","SXTB-50MM","实心铁棒-50MM","实心圆钢棒 直径Φ50 长度6米 国标Q235","无品牌要求","米",18,"全国"]
[375,"脚轮","SXXJL","实心橡胶轮胎（包含轴承）","带轴，轴粗3CM，轮子直径40CM，轮子宽度10CM，车轴总长95CM，车轴间距75CM","青岛金良","个",8,"全国"]
[377,"通用类","TBX-YJBS","铜棒芯-羊角扳手","羊角扳手的铜芯，用于与氮气减压阀和氮气瓶连接，规格参数按照图纸制造，","无品牌要求","个",4,"全国"]
[378,"耳机配件","TDCD-H3312","头顶衬垫-H3312","用于H3312耳机配件，采用国产替代配件，因此建立件号，天津维保自理，申请建立件号。原厂件号：10133G-41。 。","无品牌要求","个",20,"全国"]
[379,"通用类","TG-32MM","铁管-32MM","品牌：无 外径32MM壁厚3MM国标GB/T8162","无品牌要求","米",30,"全国"]
[380,"通用类","TH-10X25X0.5MM","弹簧-10X25X0.5MM","不锈钢弹簧钢，外直径：10mm ，长度：25mm，线径：0.5mm，","无品牌要求","根",150,"全国"]
[381,"通用类","THDP-M12","弹簧垫片","8.8级\\M12","无品牌要求","个",240,"全国"]
[382,"通用类","THDP-M8","弹簧垫片","8.8级\\M12","无品牌要求","个",240,"全国"]
[383,"通用类","THK-M10DM","弹簧扣-M10带母","304不锈钢 带螺母弹簧扣 M10","无品牌要求","个",670,"全国"]
[384,"通用类","THK-M4DM","弹簧扣-M4带母","304不锈钢银色，带螺母弹簧扣 ，","无品牌要求","个",20,"全国"]
[385,"通用类","TL-￠10BJ","铁链10毫米","长62MM宽16MM10MM粗镀锌","无品牌要求","米",200,"全国"]
[386,"通用类","TL-3MM","铁链-3MM","品牌：无 3mm粗，304无缝不锈钢","无品牌要求","米",50,"全国"]
[387,"通用类","TL-4MM","铁链-4MM","品牌：无 M40.8米/根 50根","无品牌要求","米",40,"全国"]
[388,"通用类","TL-6MM","铁链6毫米","长42MM宽10MM 6MM粗镀锌","无品牌要求","米",50,"全国"]
[389,"通用类","TL7005PK","万用表线、表笔","品牌：FLUKE\n规格：通用型TL75","FLUKE","副",30,"全国"]
[390,"通用类","TL-BXG6MMX3M","铁链-不锈钢带螺母弹簧扣6MM*3M","铁链材质：不锈钢；弹簧扣材质：不锈钢；全长：3米；线径：6MM；不锈钢铁链*1条、弹簧扣*2个","无品牌要求","条",500,"全国"]
[391,"配件类","TM3917-2","轴套","品牌:Aerotech Herman Nelson 适用于BT400NEXD5加温机，型号TM3917-2","品牌：Aerotech Herman Nelson","件",9,"全国"]
[392,"配件类","TO3027","单向阀（油箱）","品牌:Aerotech Herman Nelson 适用于BT400NEXD5加温机，型号TO3027","品牌：Aerotech Herman Nelson","件",8,"全国"]
[393,"配件类","TR778","喷嘴","品牌:Aerotech Herman Nelson适用于BT400NEXD5加温机，型号TR778","品牌：Aerotech Herman Nelson","件",9,"全国"]
[394,"配件类","TRA3057-100","燃油滤","品牌:Aerotech Herman Nelson 适用于BT400NEXD5加温机，型号TRA3057-100","品牌：Aerotech Herman Nelson","件",9,"全国"]
[395,"配件类","TS-XCQ","提手-吸尘器","适用于克力威XC15A 吸尘器","无品牌要求，满足型号即可","个",10,"全国"]
[396,"耳机配件","TTEZ-H3312","听筒耳罩","适用件号H3312耳机的耳罩套，原件号18316G-02","无品牌要求","个",426,"全国"]
[397,"通用类","TXX-M3X20","弹性销M3X20","M3X20","无品牌要求","个",20,"全国"]
[398,"通用类","TXX-M5X30","弹性销M5X30","M5X30","无品牌要求","个",20,"全国"]
[399,"通用类","TXX-M8X50","弹性销M8X50","M8X50","无品牌要求","个",20,"全国"]
[400,"通用类","TZ-ZZ55","陶瓷芯拆装工具","用于总件号：TZ-6368，拆装陶瓷销钉工具，销芯为易损消耗件，此件号工具用于为单独拆装芯的子件替换","无品牌要求","个",4,"全国"]
[401,"耳机配件","WK-EJ","外壳-耳机","结构尺寸等同于H3530外壳有黑色和绿色两种（可按要求开孔）","无品牌要求","个",30,"全国"]
[402,"通用类","WLJLS-12X75MM8.8","外六角螺栓-12X75MM-8.8","12*75MM（8.8级）","无品牌要求","件",240,"全国"]
[403,"通用类","WLJLS-14X60MM8.8","外六角螺栓-14X60MM-8.8","配自锁螺帽垫片弹簧垫片14mmX60mm全螺纹","无品牌要求","套",20,"全国"]
[404,"通用类","WLJLS-18X60MM8.8","外六角螺栓-18X60MM8.8","配自锁螺帽垫片弹簧垫片18mmX60mm全螺纹","无品牌要求","套",20,"全国"]
[405,"通用类","WLJLS-20X80MM8.8","外六角螺栓-20X80MM8.8","配自锁螺帽垫片弹簧垫片20mmX80mm全螺纹","无品牌要求","套",20,"全国"]
[406,"通用类","WLJLS-8X25MM-4.8","外六角螺栓-8X25MM-4.8","配自锁螺帽垫片弹簧垫片8mmX25mm全螺纹","无品牌要求","套",200,"全国"]
[407,"通用类","WLJLS-8X50MM-8.8","外六角螺栓-8X50MM-8.8","碳钢8.8级8*50","无品牌要求","套",240,"全国"]
[408,"通用类","WLJLST-M10","外六角螺丝螺母套-8.8级M10","M10,长度10mm，此套是包括螺杆，螺母，平垫，弹垫","无品牌要求","套",300,"全国"]
[409,"通用类","WLJLST-M12","外六角螺丝螺母套-8.8级M12","M12长度10mm，此套是包括螺杆，螺母，平垫，弹垫","无品牌要求","套",300,"全国"]
[410,"通用类","WLJLST-M14","外六角螺丝螺母套-8.8级M14","M14,长度10mm，此套是包括螺杆，螺母，平垫，弹垫","无品牌要求","套",300,"全国"]
[411,"通用类","WLJLST-M16","外六角螺丝螺母套-8.8级M16","M16,长度10mm，此套是包括螺杆，螺母，平垫，弹垫","无品牌要求","套",310,"全国"]
[412,"通用类","WLJLST-M6","外六角螺丝螺母套-8.8级M6","M6,长度10mm，此套是包括螺杆，螺母，平垫，弹垫","无品牌要求","套",400,"全国"]
[413,"通用类","WLJLST-M8","外六角螺丝螺母套-8.8级M8","M8,长度10mm，此套是包括螺杆，螺母，平垫，弹垫","无品牌要求","套",300,"全国"]
[414,"通用类","WLJZW-DD4.8X100","外六角钻尾-带垫4.8X100MM","不锈钢，4.8X100MM","无品牌要求","颗",100,"全国"]
[415,"通用类","WLJZW-DD4.8X20MM","带垫外六角钻尾-4.8X20MM","4.8X20MM","无品牌要求","颗",200,"全国"]
[416,"通用类","WLJZW-DD4.8X30MM","外六角钻尾-带垫4.8X30MM","4.8X30MM","无品牌要求","颗",200,"全国"]
[417,"通用类","WLJZW-DD4.8X40MM","外六角钻尾-带垫4.8X40MM","4.8X40MM","无品牌要求","颗",200,"全国"]
[418,"通用类","WLJZW-DD4.8X50MM","外六角钻尾-带垫4.8X50MM","不锈钢，4.8X50MM","无品牌要求","颗",100,"全国"]
[419,"通用类","WLJZW-DD4.8X60MM","外六角钻尾-带垫4.8X60MM","不锈钢，4.8X60MM","无品牌要求","颗",100,"全国"]
[420,"通用类","WLJZW-DD4.8X70MM","外六角钻尾-带垫4.8X70MM","不锈钢，4.8X70MM","无品牌要求","颗",100,"全国"]
[421,"通用类","WLJZW-DD4.8X80MM","外六角钻尾-带垫4.8X80MM","不锈钢，4.8X80MM","无品牌要求","颗",100,"全国"]
[422,"通用类","WLJZW-DD5.5X30MM","外六角钻尾-带垫5.5X30MM","5.5X30MM","无品牌要求","颗",200,"全国"]
[423,"通用类","WLJZW-DD5.5X50MM","外六角钻尾-带垫5.5X50MM","5.5X50MM","无品牌要求","颗",200,"全国"]
[424,"通用类","WLJZW-DD5.5X80MM","外六角钻尾-带垫5.5X80MM","不锈钢，5.5X80MM","无品牌要求","颗",100,"全国"]
[425,"配件类","WLNJ-LD-N","行程开关-欧姆龙","WLNJ-30-N，防护等级IP67，含 LED 指示灯，做动时亮","欧姆龙","个",392,"全国"]
[426,"脚轮","WT-4.00-8","外胎-4.00-8","加厚耐磨轮胎4.00-8","无品牌要求","个",30,"全国"]
[427,"脚轮","WT-400-12","外胎-4.00-12","4.00-12","无品牌要求","条",30,"全国"]
[428,"脚轮","WXHL-XC15A","万向后轮-航空吸尘器XC15A原装","XC15A后轮克力威","克力威","个",6,"全国"]
[429,"脚轮","WXL-XC15A","万向轮-航空吸尘器XC15A原装","XC15A前置万向轮","克力威","个",6,"全国"]
[430,"通用类","XDC-12V17AH","蓄电池-12V17AH","型号：6-FM-17(12V17AH)","无品牌要求","块",5,"全国"]
[431,"通用类","XDC-6V4.5AH","蓄电池-6V4.5AH","用于寺冈电子秤DS-673-30KG的铅酸免维护蓄电池，规格：100*47*70mm，电压6V，容量4.5AH","无品牌要求","个",10,"全国"]
[432,"脚轮","XJDXL-10","橡胶定向轮-10寸","规格：带轮架，铁芯PU，聚氨酯，轮径250MM/10寸，轮宽65MM,载重大于1500公斤，安装高度307MM左右，满足向荣J35-04-250-282规格要求。","品牌：不限制\n","个",22,"全国"]
[433,"脚轮","XJDXL-3","橡胶定向轮-3寸","规格：3寸、定向、铝芯橡胶轮","无品牌要求","个",30,"全国"]
[434,"脚轮","XJDXL-4","橡胶定向轮-4寸","重型铝芯橡胶静音定向轮；规格：4寸","无品牌要求","个",180,"全国"]
[435,"脚轮","XJDXL-5","橡胶定向轮-5寸","规格：带轮架，铁芯，聚氨酯，轮径125/5寸，轮宽50MM,载重大于500公斤，安装高度175MM左右，满足向荣J17-04-125-282规格要求。","品牌：不限制\n","个",10,"全国"]
[436,"脚轮","XJDXL-6","橡胶定向轮-6寸","6寸，材质：橡胶轮，万向","无品牌要求，满足型号即可","个",210,"全国"]
[437,"脚轮","XJDXL-8","橡胶定向轮-8寸","规格：带轮架，铁芯PU，聚氨酯，轮径200MM/8寸，轮宽50MM,载重大于800公斤，安装高度250MM左右，满足向荣J17-04-200-352规格要求。","品牌：不限制\n","个",68,"全国"]
[438,"脚轮","XJL-14-87ZX","橡胶轮-14寸87重型","橡胶轮-14寸87重型，孔径30mm。","无品牌要求","个",8,"全国"]
[439,"脚轮","XJL-16-400X100ZX","橡胶轮-16寸400X100重型","橡胶轮-16寸400X100重型，孔径30mm，400X100宽，单轮重约20kg。","无品牌要求","个",8,"全国"]
[440,"脚轮","XJL300-130","脚轮-300-130实芯橡胶轮-单轮","规格：300-130；轮宽：75mm；轮直径：300mm；轴承：深沟球轴承6206","无品牌要求","个",12,"全国"]
[441,"通用类","XJLD","软漏斗","上端直径：φ150mm\n（外径），下端直\n径：φ70mm（外径），用于放油工具98A28104000000","无品牌要求","个",3,"全国"]
[442,"脚轮","XJL-SX18X7-8","橡胶轮-实心18X7-8","实心轮胎18×7-8配8孔钢圈，材质：全橡胶。","无品牌要求","个",6,"全国"]
[443,"脚轮","XJL-SX-250MM","橡胶轮-实心-250毫米","名称：橡胶轮，规格：实心，材质：橡胶，直径：250mm，宽57mm，带与轴承连接铁盘，匹配6205轴承","无品牌要求","个",10,"全国"]
[444,"脚轮","XJL-SX-300MM","橡胶轮-实心-300毫米","名称：橡胶轮，规格：实心，材质：橡胶，直径：300mm，宽80mm，带与轴承连接铁盘，匹配6206轴承","无品牌要求","个",60,"全国"]
[445,"脚轮","XJL-SX-350MM","橡胶轮-实心-350毫米","名称：橡胶轮，规格：实心，材质：橡胶，直径：350mm，宽90mm，带与轴承连接铁盘，匹配6206轴承","无品牌要求","个",10,"全国"]
[446,"脚轮","XJL-SX400X8","橡胶轮-实心400X8","规格：实心橡胶轮，轮子直径40CM，轮子宽度10CM","无品牌要求，满足型号即可","个",48,"全国"]
[447,"脚轮","XJWXL-10","橡胶万向轮-10寸","规格：带轮架，铁芯PU，聚氨酯，轮径250MM/10寸，轮宽65MM,载重大于1500公斤，安装高度307MM左右，满足向荣J35-01-250-282规格要求。","品牌：不限制\n","个",32,"全国"]
[448,"脚轮","XJWXL-3","橡胶万向轮-3寸","规格：带轮架，铁芯，橡胶实心，轮径75MM/3寸，轮宽32MM,载重大于80公斤，安装高度106MM左右，满足向荣J03S-01-250-282规格要求。","品牌：不限制\n","个",50,"全国"]
[449,"脚轮","XJWXL-4","橡胶万向轮-4寸","规格：带轮架，铁芯，橡胶实心，轮径100MM/4寸，轮宽32MM,载重大于110公斤，安装高度130MM左右，满足向荣J03S-01C-100-521规格要求。","品牌：不限制\n","个",80,"全国"]
[450,"脚轮","XJWXL-5","橡胶万向轮-5寸","5寸，材质：橡胶轮，万向","无品牌要求，满足型号即可","个",60,"全国"]
[451,"脚轮","XJWXL-8","橡胶万向轮-8寸","规格：带轮架，铁芯PU，聚氨酯，轮径200MM/8寸，轮宽50MM,载重大于800公斤，安装高度250MM左右，满足向荣J17-01-150-282规格要求。","品牌：不限制\n","个",50,"全国"]
[452,"化工类","XJXL-14L","稀料-14L","规格：14L/桶","无品牌要求","桶",60,"全国"]
[453,"通用类","XK-UX5T","卸扣-U型","品牌：无T8 级 D 型带螺母 9.5T","无品牌要求","个",20,"全国"]
[454,"通用类","XLS-18MM","系留绳18MM","材质：高强涤纶纤维，12股编织。\n直径：18MM，50米/卷","无品牌要求","米",110,"全国"]
[455,"化工类","XSJ-YQ-20L","稀释剂-油漆-20升","名称：通用稀释剂，每桶包含：20升，颜色：透明","无品牌要求","桶",83,"全国"]
[456,"通用类","XZH-MY","焊锡环-免压","20只/1盒，蓝色，使用导线范围：1.5~2.5平方","无品牌要求","盒",7,"全国"]
[458,"耳机配件","YER-H3312","右耳罩","型号：H3312耳机；耳机右听筒外壳，等效于11353P-24","无品牌要求","个",20,"全国"]
[459,"通用类","YG-10MM","圆钢-10MM","深灰色 实心圆钢棒 直径Φ10 长度6米 材质Q235 国标GB/T 702-2004","无品牌要求","米",18,"全国"]
[460,"通用类","YG-20MM","圆钢-20MM","深灰色 实心圆钢棒 直径Φ20 长度6米 材质Q235 国标GB/T 702-2004","无品牌要求","米",18,"全国"]
[461,"通用类","YG-3","高压油管","品牌：无材质：液压钢丝软管 长：1米直径1.2CM 接头PT1/8（10MM） 承受压力4000PSI","无品牌要求","根",6,"全国"]
[462,"通用类","YG-30MM","圆钢-30MM","深灰色 实心圆钢棒 直径Φ30 长度6米 材质Q235 国标GB/T 702-2004","无品牌要求","米",18,"全国"]
[463,"通用类","YG-40MM","圆钢-40MM","深灰色 实心圆钢棒 直径Φ40 长度6米 材质Q235 国标GB/T 702-2004","无品牌要求","米",18,"全国"]
[464,"通用类","YG-50MM","圆钢-50MM","深灰色 实心圆钢棒 直径Φ50 长度6米 材质Q235 国标GB/T 702-2004","无品牌要求","米",12,"全国"]
[465,"通用类","YJXDL-35V","22MFD 35V 有极性电容","22uf 35V，有极性轴向电容，等效于18289G-13","无品牌要求","个",92,"全国"]
[466,"通用类","YKQ-BJQ","遥控器-报警器","品牌：无型号：5000-2 频率：315MHZ 适用于KY-JD588声光报警器","无品牌要求","个",20,"全国"]
[468,"耳机配件","YPCT-6.35MM","音频插头","型号：H3312耳机；耳机通讯线组件套件，等效于18028G-11","无品牌要求","个",545,"全国"]
[469,"配件类","YPXNM-DJJPD780G","音频旋钮帽-对讲机PD780G","用于件号海能达PD780G型号对讲机，音量旋钮，品牌无要求。","无品牌要求","个",10,"全国"]
[470,"化工类","YQ-DH-13KG","油漆-大红-大孚13KG","13KG/桶，颜色：大红 硝基漆","无品牌要求","桶",20,"全国"]
[471,"化工类","YQ-HS14KG","黑色油漆14KG","14KG/桶，颜色：黑色 硝基漆","无品牌要求","桶",20,"全国"]
[472,"化工类","YQ-HYFXDQ-28KG","油漆-环氧富锌底漆-28千克","名称：环氧富锌底漆，参数：含锌量70%，每桶包含：25.5千克主漆+2.5千克固化剂，颜色：红色","无品牌要求","桶",20,"全国"]
[473,"化工类","YQ-LS20KG","油漆-蓝色20公斤/桶","20KG/桶，天蓝色 硝基漆","无品牌要求","桶",20,"全国"]
[474,"化工类","YQ-ZH16L","中黄色油漆16L","16L/桶，中黄色 硝基漆","无品牌要求","桶",30,"全国"]
[475,"耳机配件","YTLD-M3X6","听筒固定螺钉","H3312耳机喇叭固定螺钉，M3*6圆头螺钉，等效13180P-03；","无品牌要求","个",184,"全国"]
[476,"化工类","YYY-DEXRONIII","液压油-DexronIII","ATF DEXRON III自动变速箱油/助力油 18L/桶； ；","无品牌要求","桶",10,"全国"]
[477,"化工类","YYY-HK10#","地面液压油-航空10#-10KG","10号液压油，10KG/桶","无品牌要求，满足型号即可","桶",160,"全国"]
[478,"化工类","YYY-IOS-VG32","液压油-IOS-VG32","规格：液压油规格:ISO VG32，品牌：美孚，规格：18L/桶","品牌：无品牌要求","桶",4,"全国"]
[479,"化工类","YY-ZKB","真空泵油液","品牌：无适用于Yellow Jacket真空泵 1加仑/桶","无品牌要求","桶",4,"全国"]
[480,"通用类","ZC-30305","轴承","轴承深沟球，轴承钢，6507","哈尔滨","个",10,"全国"]
[481,"通用类","ZC-30307","轴承","轴承深沟球，轴承钢，6507","哈尔滨","个",10,"全国"]
[482,"通用类","ZC-32008","轴承-32008X","品牌：HRB32008轴承，内径为:40mm，外径为:68 mm，厚度为:19 mm，类型为圆锥滚子轴承","哈尔滨","个",40,"全国"]
[483,"通用类","ZC-3202","轴承-3202","品牌：HRB3202轴承，内径为:15mm，外径为:35 mm，厚度为:15.9 mm","哈尔滨","个",40,"全国"]
[484,"通用类","ZC-51207","轴承-51207","品牌：HRB51207轴承，内径为:35mm，外径为:62 mm，厚度为:18 mm","哈尔滨","个",40,"全国"]
[485,"通用类","ZC-6004","轴承","轴承深沟球，轴承钢，6004","哈尔滨","个",6,"全国"]
[486,"通用类","ZC-6006LLU","轴承6006LLU","规格：轴承胶盖密封6006LLU；内径（mm）：30，外径（mm）：55，厚度（mm）：13","NTN","个",20,"全国"]
[487,"通用类","ZC-6201-ZZ","轴承6201-ZZ","规格：韩国KBC铁封精密深沟球轴承12*32*10mm，6201-ZZ","KBC","个",10,"全国"]
[488,"通用类","ZC-6204","轴承","轴承深沟球，轴承钢，6204","哈尔滨","个",4,"全国"]
[489,"通用类","ZC-6205-ZZ","轴承6205-ZZ","规格：韩国KBC铁封精密深沟球轴承25*52*15mm，6205-ZZ","KBC","个",10,"全国"]
[490,"通用类","ZC-6304","轴承-6304","品牌：HRB6304轴承，内径为:20mm，外径为:52 mm，厚度为:15 mm","哈尔滨","个",40,"全国"]
[491,"通用类","ZC-6507","轴承","轴承深沟球，轴承钢，6507","哈尔滨","个",20,"全国"]
[492,"通用类","ZC-6903Z","轴承-6903Z","型号：6903Z 金属密封","哈尔滨","个",30,"全国"]
[493,"通用类","ZC-7205","轴承-7205","品牌：HRB7205轴承，内径为:25mm，外径为:52 mm，厚度为:15mm","哈尔滨","个",40,"全国"]
[494,"通用类","ZC-7206E","轴承-7206E","品牌：HRB7206E轴承，内径为:30mm，外径为:62 mm，厚度为:17.25mm","哈尔滨","个",40,"全国"]
[495,"通用类","ZC-8207","轴承-8207","型号：8207 轴承钢内置高强度滚动体","哈尔滨","个",40,"全国"]
[499,"耳机配件","ZEZ-H3312","左耳罩","型号：H3312耳机；耳机左听筒外壳，等效于11353P-23","无品牌要求","个",60,"全国"]
[500,"通用类","ZFR5F","火花塞","品牌：NGK型号：BPR5ES/BPR4ES","NGK","个",10,"全国"]
[501,"通用类","ZGLS-M5X40","自攻螺丝-M5X40","规格：扁头自攻-M5X40毫米","品牌：无品牌要求","个",200,"全国"]
[502,"化工类","ZHFXQ-10KG","中灰防锈漆-10KG","10kg/桶 硝基漆","无品牌要求","桶",21,"全国"]
[503,"耳机配件","ZJ-3312LB","支架-3312喇叭","型号：H3312耳机； \nHP5085300100-001喇叭支架含螺钉。","无品牌要求","个",60,"全国"]
[504,"通用类","ZJT-M14/1XG1/4","转接头-M14X1母头转G1/4公头","转接头：M14*1(外径14mm螺距1mm)母头转G1/4公头（外径13.158mm,内径11.446mm,螺距1.337m）","无品牌要求","个",20,"全国"]
[505,"通用类","ZJT-YZG-1/4NPT","转接头-英转公-1/4NPT","参数：外口1/4NPT，内口M14*1.5","无品牌要求","个",20,"全国"]

{"sheet":"各基地维保耗材清单","index":2,"n_rows":1000,"n_cols":11,"rows_kept":1000,"hidden":true}
["序号","件号","名称","规格","品牌","单位","年度需求数量","单价","总价","申请基地","反馈人"]
[1,"11353P-24","右耳罩","无品牌要求。型号：H3312耳机；耳机右听筒外壳，等效于11353P-24","无品牌要求","件",20,80,{"$f":"G2*H2","v":1600},"福州","魏晓虎"]
[2,"TTEZ-H3312","听筒耳罩","无品牌要求，适用件号H3312耳机的耳罩套，原件号18316G-02","无品牌要求","件",25,15,375,"福州","魏晓虎"]
[3,"YTLD-M3X6","听筒固定螺钉","无品牌要求。H3312耳机喇叭固定螺钉，M3*6圆头螺钉，等效13180P-03；","无品牌要求","件",75,2,150,"福州","魏晓虎"]
[4,"ZJ-3312LB","支架-3312喇叭","无品牌要求。型号：H3312耳机； \nHP5085300100-001喇叭支架含螺钉。","无品牌要求","件",60,50,3000,"福州","魏晓虎"]
[5,"HMD-EJTD","海绵垫-耳机头顶","品牌不限，海绵垫：净重32G，总长度160MM，无品牌要求。适用于H3310、H3312、H3530耳机头顶海绵垫，H3312耳机的头弓套等效于10133G-41","无品牌要求","件",20,50,1000,"福州","魏晓虎"]
[6,"MKFYPXZJ","麦克风音频线组件","品牌不限，规格：2*0.15mm²，外径3.6mm，两芯带屏蔽层（无氧铜丝）RF(建议截取500mm）适用于H3312耳机麦克风音频线组件，等效于22607G-01","无品牌要求","件",20,30,600,"福州","魏晓虎"]
[7,"11353P-23","左耳罩","无品牌要求。型号：H3312耳机；耳机左听筒外壳，等效于11353P-23","无品牌要求","件",20,80,1600,"福州","魏晓虎"]
[8,"YPCT-6.35MM","音频插头","无品牌要求。型号：H3312耳机；耳机通讯线组件套件，等效于18028G-11","无品牌要求","件",55,20,1100,"福州","魏晓虎"]
[9,"MKFZJZC","麦克风支架总成","无品牌要求。H3312耳机麦克风支架总成，等效于18317G-02.一套共7件，包含一个支架、三颗螺钉、一颗六角螺母、两个插片螺母。等效于18317G-02","无品牌要求","件",20,80,1600,"福州","魏晓虎"]
[10,"MKFZZ","麦克风嘴罩","品牌不限，适用于H3312麦克风嘴罩，等效于18417G-02","无品牌要求","件",35,15,525,"福州","魏晓虎"]
[11,"MKF","麦克风（H3312）","无品牌要求。型号：H3312耳机；耳机麦克风，等效于12948G-15","无品牌要求","件",35,120,4200,"福州","魏晓虎"]
[12,"11389P-14","麦克风盒","无品牌要求。型号：H3312耳机；耳机话筒外壳，等效于11389P-14","无品牌要求","件",28,150,4200,"福州","魏晓虎"]
[13,"18315G-02","Microphone M-1/DC","无品牌要求。型号：H3312耳机；麦克风线组件；等效于18315G-02","无品牌要求","件",15,25,375,"福州","魏晓虎"]
[14,"AYKG-EJ","PTT开关","无品牌要求。PTT开关-耳机，开孔尺寸：Φ12，按下导通自复位开关","无品牌要求","件",50,20,1000,"福州","魏晓虎"]
[15,"15097P-01","STOP DOME 耳机护片","无品牌要求，型号：H3312耳机；耳机限位器，等效于15097P-01","无品牌要求","件",40,10,400,"福州","魏晓虎"]
[16,"JSP-EJTD","金属片-耳机头顶","无品牌要求，金属片：宽16MM，厚1.2MM，总长度29MM，无品牌要求。适用于H3310、H3312、H3530耳机头顶金属片，等效于25630P-01","无品牌要求","件",15,100,1500,"福州","魏晓虎"]
[17,"22378G-01","STIRRUP & CLAMP KIT 耳机卡圈","适用于H3312耳机；支架，等效于22378G-01","无品牌要求","件",20,60,1200,"福州","魏晓虎"]
[18,"YJXDL-35V","22MFD 35V 有极性电容","无品牌要求，22uf 35V，有极性轴向电容，等效于18289G-13","无品牌要求","件",45,60,2700,"福州","魏晓虎"]
[19,"JHYQ-XA","桔红油漆","20千克/桶；颜色：桔红","无品牌要求","桶",36,450,16200,"新疆","谢福延"]
[20,"XSJ-YQ-20L","稀释剂-油漆-20升","名称：通用稀释剂，每桶包含：20升，颜色：透明","无品牌要求","桶",72,200,14400,"新疆","谢福延"]
[21,"GS125","滚刷","8寸，刷油漆使用","无品牌要求","个",40,7,280,"新疆","谢福延"]
[22,"FZT-30MM","防撞条-φ30mm","黑黄警示防撞海绵管，内径30mm 壁厚10mm 1米/根，型号:JAHM-0014","无品牌要求","根",400,56,22400,"新疆","谢福延"]
[23,"10W-30","机油-美孚黑霸王柴油机","18L/桶，柴油发动机机油","美孚","桶",3,465,1395,"新疆","谢福延"]
[24,"CCFDY-2","长城防冻液-2","长城FD-2,9KG/桶","长城","桶",4,118,472,"新疆","谢福延"]
[25,"RHZ-LJ","锂基润滑脂","15KG/桶，耐磨耐高温通用性润滑脂","无品牌要求","桶",2,220,440,"新疆","谢福延"]
[26,"DP12V-60AH","电瓶","电压：12伏，容量60AH，型号：l2-400","瓦尔塔","块","2",580,1160,"新疆","谢福延"]
[27,"JY-800ML","机油（二冲程","美孚小霸王二冲程机油","美孚","罐",10,60,600,"新疆","谢福延"]
[28,"HKYYY-10#170KG","航空液压油-10号170KG","执行标准目前需要满足MIL-PRF-5606H或SH0358-1995或QSY YM0024-2022或QSY YM0024-2000或QQCDF 009-2022;","无品牌要求","桶",2,4250,8500,"新疆","谢福延"]
[29,"HYQQXJ-450ML","化油器清洗剂-450ML","柴油机汽油机通用，450ML/瓶","无品牌要求","罐",30,15,450,"新疆","谢福延"]
[30,"RFG-10","热风管-加温车10米","直径30CM，长10M，材料要求，阻燃，耐400℃高温尼龙布（带钢丝）","无品牌要求","根",10,1300,13000,"新疆","谢福延"]
[31,"JQX-DKX-190","剪切销-190(东科信10X92）","规格：10X92，适用拖把-190 拖把","东科信","根",60,120,7200,"新疆","谢福延"]
[32,"SV-TB-787JQX-105","威克特B787牵引杆剪切销","品牌：威克特 12.7*105","威克特","根",12,165,1980,"新疆","谢福延"]
[33,"SV-TB-330JQX-105","A330拖把剪切销","品牌：威克特 12.7*104","威克特","根",12,160,1920,"新疆","谢福延"]
[34,"JQX-DKX-737/319","剪切销-737/319(东科信8X129）","品牌：东科信8*129","东科信","根",60,122,7320,"新疆","谢福延"]
[35,"PWC52-K","胶垫-插头钳","适配插头钳","实耐宝","对",60,78,4680,"新疆","谢福延"]
[36,2755,"充气接头","标准件，8V1螺纹式充气接 头（减震支柱充气接头）","schrader","个",20,380,7600,"新疆","谢福延"]
[37,"H-5265","波音充气接头","8V1卡式轮胎充气接头　SV-F70199-6/H-5265，型号：H-5265","schrader","个",20,180,3600,"新疆","谢福延"]
[38,"H-4660A","空客充气接头","12V1卡式轮胎充气接头SV-F70199-35/H-4660A，型号：H-4660A","schrader","个",20,500,10000,"新疆","谢福延"]
[39,"MKFZZ","麦克风嘴罩",null,null,"个",60,18,1080,"重庆","孙昊"]
[40,"MKF","麦克风",null,null,"个",60,70,4200,"重庆","孙昊"]
[41,"MKFYPXZJ","麦克风音频线组件",null,null,"个",60,45,2700,"重庆","孙昊"]
[42,"AYKG-EJ","PTT开关",null,null,"个",60,12,720,"重庆","孙昊"]
[43,"18289G-13","线路板",null,null,"个",60,25,1500,"重庆","孙昊"]
[44,"TTEZ-H3312","听筒耳罩",null,null,"个",60,108,6480,"重庆","孙昊"]
[45,"YPCT-6.35MM","音频插头",null,null,"个",30,2.6,78,"重庆","孙昊"]
[46,"H-5265","波音充气接头",null,null,"个",5,180,900,"重庆","孙昊"]
[47,"H-4660A","空客充气接头",null,null,"个",5,500,2500,"重庆","孙昊"]
[48,"JSP-EJTD","金属片-耳机头顶",null,null,"件",30,48,1440,"重庆","孙昊"]
[49,"10W-30","机油-美孚黑霸王柴油机",null,null,"桶",3,465,1395,"重庆","孙昊"]
[50,"CCFDY-2","长城防冻液-2",null,null,"桶",3,118,354,"重庆","孙昊"]
[51,"RHZ-LJ","锂基润滑脂",null,null,"桶",3,220,660,"重庆","孙昊"]
[52,"SHDZ-68OHMS","色环电阻-68Ω",null,null,"个",20,2,40,"重庆","孙昊"]
[53,"SEKG-13-15MM","双耳卡箍-13-15MM",null,null,"个",20,2,40,"重庆","孙昊"]
[54,"YTLD-M3X6","圆头螺钉",null,null,"个",20,1,20,"重庆","孙昊"]
[55,"FZT-50MM","防撞条-Φ50mm","半圆形 宽5CM 厚2.6CM 橡胶材质，橘红色 ，耐腐蚀、耐高温、耐磨损","/","米",1000,63.5,63500,"北京","宗学龙"]
[56,"FZT-30MM","防撞条-φ30mm","防撞海绵管，内径30mm壁厚20mm 1.8米/根","/","米",1800,26.5,47700,"北京","宗学龙"]
[57,"YSH-3CM","钥匙环-3cm","大环3CM；不锈钢；","/","个",800,0.4,320,"北京","宗学龙"]
[58,"NLS-24MM","尼龙绳-24MM","24毫米","/","米",800,6,4800,"北京","宗学龙"]
[59,"CXJ-400ML-WD40","除锈剂-400ML-WD40","400ML/瓶，品牌：WD40","WD40","罐",300,53,15900,"北京","宗学龙"]
[60,"LT-600X200MM","轮胎-600*200mm","600*200，带钢圈、法兰、轴承","/","套",2,1460,2920,"北京","宗学龙"]
[61,"ZSJ-1.8L","环保装饰胶","1.8L","/","桶",40,65,2600,"北京","宗学龙"]
[62,"HSMQ-18L","黄色面漆-18公斤","黄色，18KG/桶","红狮","桶",20,935,18700,"北京","宗学龙"]
[63,"XJXL-14L","稀料-14L","14L 硝基","红狮","桶",80,220,17600,"北京","宗学龙"]
[64,"ZHFXQ-10KG","中灰防锈漆-10KG","10kg/桶","红狮","桶",20,485,9700,"北京","宗学龙"]
[65,"DLFGQ-1KG","道路反光漆-1千克","栗树棵路反光油漆地标油漆 1公斤黄色反光漆","红狮","桶",20,150,{"$f":"G66*H66","v":3000},"北京","宗学龙"]
[66,"12V120AH","电池-12V","12V12000毫安（37*60*1200mm）","/","块",20,337,6740,"北京","宗学龙"]
[67,"NT-400-12","内胎-4.00-12","4.00-12","/","条",30,91,2730,"北京","宗学龙"]
[68,"WT-400-12","外胎-4.00-12","4.00-12","/","条",30,255.5,7665,"北京","宗学龙"]
[69,"XJL-SX400X8","橡胶轮-实心400X8","400-8","/","个",30,339.5,10185,"北京","宗学龙"]
[70,"NT-4.00-8","内胎-4.00-8","轮胎-内胎弯嘴4.00-8","/","个",30,56,1680,"北京","宗学龙"]
[71,"WT-4.00-8","外胎-4.00-8","加厚耐磨轮胎4.00-8","/","个",30,182,5460,"北京","宗学龙"]
[72,6204,"轴承-滚珠","轴承深沟球，HRB，6204胶封","/","个",20,7,140,"北京","宗学龙"]
[73,"ZC-6507","轴承","轴承深沟球，轴承钢，6507","/","个",20,22,440,"北京","宗学龙"]
[74,6206,"轴承","轴承钢，6206铁盖封胶","/","个",20,8,160,"北京","宗学龙"]
[75,"YG-10MM","圆钢-10MM","深灰色 实心圆钢棒 直径Φ10 长度6米 材质Q235 国标GB/T 702-2004","/","米",18,20,360,"北京","宗学龙"]
[76,"YG-20MM","圆钢-20MM","深灰色 实心圆钢棒 直径Φ20 长度6米 材质Q235 国标GB/T 702-2004","/","米",18,35,630,"北京","宗学龙"]
[77,"YG-30MM","圆钢-30MM","深灰色 实心圆钢棒 直径Φ30 长度6米 材质Q235 国标GB/T 702-2004","/","米",18,80,1440,"北京","宗学龙"]
[78,"YG-40MM","圆钢-40MM","深灰色 实心圆钢棒 直径Φ40 长度6米 材质Q235 国标GB/T 702-2004","/","米",18,145,2610,"北京","宗学龙"]
[79,"YG-50MM","圆钢-50MM","深灰色 实心圆钢棒 直径Φ50 长度6米 材质Q235 国标GB/T 702-2004","/","米",12,200,2400,"北京","宗学龙"]
[80,"JT-30X30MM","角铁-30*30MM","等边角铁30*30*3MM6米长 国标:GB/T9787-1988","/","米",18,15,270,"北京","宗学龙"]
[81,"JT-40X40MM","角铁-40*40*6000","等边角铁40*40*4MM6米长","/","米",18,30,540,"北京","宗学龙"]
[82,"JT-50X50MM","角铁-50*50MM","等边角钢50*50*5MM6米长 国标:GB/T9787-1988","/","米",18,40,720,"北京","宗学龙"]
[83,"CG-80X40X6000MM","槽钢80X40X6000MM","国标GB/T706-2008 黑铁 槽钢80*40mm6米长","/","米",18,95,1710,"北京","宗学龙"]
[84,"CG-100X48X6M","槽钢100X48X6M","国标GB/T706-2008 黑铁 槽钢100*48mm6米长","/","米",18,135,2430,"北京","宗学龙"]
[85,"SXTB-30MM","实心铁棒-30MM","实心圆钢棒 直径Φ30 长度6米 国标Q235","/","米",18,70,1260,"北京","宗学龙"]
[86,"SXTB-40MM","实心铁棒-40MM","实心圆钢棒 直径Φ40 长度6米 国标Q235","/","米",18,125,2250,"北京","宗学龙"]
[87,"SXTB-50MM","实心铁棒-50MM","实心圆钢棒 直径Φ50 长度6米 国标Q235","/","米",18,160,2880,"北京","宗学龙"]
[88,"LMD-TY","拉铆钉","4*10MM 100个/盒","/","盒",10,20,200,"北京","宗学龙"]
[89,"LMD-TY","拉铆钉","5*15MM 100个/盒","/","盒",10,32,320,"北京","宗学龙"]
[90,"LMD-TY","拉铆钉","5*25MM 50个/盒","/","盒",10,28.5,285,"北京","宗学龙"]
[91,"LMD-TY","拉铆钉","6*20MM 50个/盒","/","盒",10,45,450,"北京","宗学龙"]
[92,"WLJZW-DD4.8X20MM","带垫外六角钻尾-4.8X20MM","4.8X20MM","/","颗",100,0.8,80,"北京","宗学龙"]
[93,"WLJZW-DD4.8X30MM","外六角钻尾-带垫4.8X30MM","4.8X30MM","/","颗",100,0.9,90,"北京","宗学龙"]
[94,"WLJZW-DD4.8X40MM","外六角钻尾-带垫4.8X40MM","4.8X40MM","/","颗",100,1,100,"北京","宗学龙"]
[95,"WLJZW-DD5.5X30MM","外六角钻尾-带垫5.5X30MM","5.5X30MM","/","颗",100,1.05,105,"北京","宗学龙"]
[96,"WLJZW-DD5.5X50MM","外六角钻尾-带垫5.5X50MM","5.5X50MM","/","颗",100,1.1,110,"北京","宗学龙"]
[97,"WLJLST-M6","外六角螺丝螺母套-8.8级M6","M6,长度10mm，此套是包括螺杆，螺母，平垫，弹垫","/","套",100,0.8,80,"北京","宗学龙"]
[98,"WLJLST-M6","外六角螺丝螺母套-8.8级M6","M6,长度15mm，此套是包括螺杆，螺母，平垫，弹垫","/","套",100,0.9,90,"北京","宗学龙"]
[99,"WLJLST-M6","外六角螺丝螺母套-8.8级M6","M6,长度20mm，此套是包括螺杆，螺母，平垫，弹垫","/","套",100,1,100,"北京","宗学龙"]
[100,"WLJLST-M8","外六角螺丝螺母套-8.8级M8","M8,长度10mm，此套是包括螺杆，螺母，平垫，弹垫","/","套",100,1.1,110,"北京","宗学龙"]
[101,"WLJLST-M8","外六角螺丝螺母套-8.8级M8","M8,长度15mm，此套是包括螺杆，螺母，平垫，弹垫","/","套",100,1.15,115,"北京","宗学龙"]
[102,"WLJLST-M8","外六角螺丝螺母套-8.8级M8","M8,长度20mm，此套是包括螺杆，螺母，平垫，弹垫","/","套",100,1.2,120,"北京","宗学龙"]
[103,"WLJLST-M10","外六角螺丝螺母套-8.8级M10","M10,长度10mm，此套是包括螺杆，螺母，平垫，弹垫","/","套",100,1.4,140,"北京","宗学龙"]
[104,"WLJLST-M10","外六角螺丝螺母套-8.8级M10","M10,长度15mm，此套是包括螺杆，螺母，平垫，弹垫","/","套",100,1.45,145,"北京","宗学龙"]
[105,"WLJLST-M10","外六角螺丝螺母套-8.8级M10","M10,长度20mm，此套是包括螺杆，螺母，平垫，弹垫","/","套",100,1.5,150,"北京","宗学龙"]
[106,"WLJLST-M12","外六角螺丝螺母套-8.8级M12","M12长度10mm，此套是包括螺杆，螺母，平垫，弹垫","/","套",100,2.25,225,"北京","宗学龙"]
[107,"WLJLST-M12","外六角螺丝螺母套-8.8级M12","M12长度15mm，此套是包括螺杆，螺母，平垫，弹垫","/","套",100,2.3,230,"北京","宗学龙"]
[108,"WLJLST-M12","外六角螺丝螺母套-8.8级M12","M12,长度20mm，此套是包括螺杆，螺母，平垫，弹垫","/","套",100,2.35,235,"北京","宗学龙"]
[109,"WLJLST-M14","外六角螺丝螺母套-8.8级M14","M14,长度10mm，此套是包括螺杆，螺母，平垫，弹垫","/","套",100,2.8,280,"北京","宗学龙"]
[110,"WLJLST-M14","外六角螺丝螺母套-8.8级M14","M14,长度15mm，此套是包括螺杆，螺母，平垫，弹垫","/","套",100,2.9,290,"北京","宗学龙"]
[111,"WLJLST-M14","外六角螺丝螺母套-8.8级M14","M14,长度20mm，此套是包括螺杆，螺母，平垫，弹垫","/","套",100,3,300,"北京","宗学龙"]
[112,"WLJLST-M16","外六角螺丝螺母套-8.8级M16","M16,长度10mm，此套是包括螺杆，螺母，平垫，弹垫","/","套",100,3.45,345,"北京","宗学龙"]
[113,"WLJLST-M16","外六角螺丝螺母套-8.8级M16","M16,长度15mm，此套是包括螺杆，螺母，平垫，弹垫","/","套",100,3.5,350,"北京","宗学龙"]
[114,"WLJLST-M16","外六角螺丝螺母套-8.8级M16","M16,长度20mm，此套是包括螺杆，螺母，平垫，弹垫","/","套",100,3.65,365,"北京","宗学龙"]
[115,"THK-M10DM","弹簧扣-M10带母","304不锈钢 带螺母弹簧扣 M10","/","个",50,11.5,575,"北京","宗学龙"]
[116,"BTB-1MX2MX1.5MM","白铁板-1MX2MX1.5MM","制作参数：白铁板；长1m宽2m厚1.5mm；","/","张",10,350,3500,"北京","宗学龙"]
[117,"QCG-UXGS-27X865","气撑杆-U型GS-27X865毫米","气撑杆-U型GS-27X865毫米，规格：两头U型，1、气撑杆的长度：865mm，2、气撑杆黑色部分直径：φ27mm，3、气撑杆银色金属部分直径：φ14mm，4、气撑杆两端连接方式，直径φ7mm或φ8mm的螺栓与工作梯连接孔固定。称重300KG","/","根",10,175,1750,"北京","宗学龙"]
[118,"QCG-UXGS-27X680","气撑杆-U型GS-27X680毫米","气撑杆-U型GS-27X680毫米，规格：两头U型，1、气撑杆的长度：680mm，2、气撑杆黑色部分直径：φ27mm，3、气撑杆银色金属部分直径：φ14mm，4、气撑杆两端连接方式，直径φ7mm或φ8mm的螺栓与工作梯连接孔固定。680*250-1600N 称重300KG","/","根",10,168,1680,"北京","宗学龙"]
[119,"QCG-UXGS-27X700","气撑杆-U型GS-27X700毫米","气撑杆-U型GS-27X700毫米，规格：两头U型，1、气撑杆的长度：700mm，2、气撑杆黑色部分直径：φ27mm，3、气撑杆银色金属部分直径：φ14mm，4、气撑杆两端连接方式，直径φ7mm或φ8mm的螺栓与工作梯连接孔固定。700*290-1800N 称重300KG","/","根",10,170,1700,"北京","宗学龙"]
[120,"QCG-UXGS-27X570","气撑杆-U型GS-27X570毫米","气撑杆-U型GS-27X570毫米，规格：两头U型，1、气撑杆的长度：570mm，2、气撑杆黑色部分直径：φ27mm，3、气撑杆银色金属部分直径：φ14mm，4、气撑杆两端连接方式，直径φ7mm或φ8mm的螺栓与工作梯连接孔固定。570*280-1600N 称重300KG","/","根",10,153,1530,"北京","宗学龙"]
[121,"QCG-UXGS-27X630","气撑杆-U型GS-27X630毫米","气撑杆-U型GS-27X630毫米，规格：两头U型，1、气撑杆的长度：630mm，2、气撑杆黑色部分直径：φ28mm，3、气撑杆银色金属部分直径：φ14mm，4、气撑杆两端连接方式，直径φ7mm或φ8mm的螺栓与工作梯连接孔固定。630*250-1500N 称重300KG","/","根",10,158,1580,"北京","宗学龙"]
[122,"QCG-UXGS-27X650","气撑杆-U型GS-27X650毫米","气撑杆-U型GS-27X630毫米，规格：两头U型，1、气撑杆的长度：650mm，2、气撑杆黑色部分直径：φ28mm，3、气撑杆银色金属部分直径：φ14mm，4、气撑杆两端连接方式，直径φ7mm或φ8mm的螺栓与工作梯连接孔固定。650*250-1500N 称重300KG","/","根",10,163,1630,"北京","宗学龙"]
[123,"481-068","IDG加油车滤芯","圆柱形 型号481-068滤芯 1微米级的止水滤芯","malabar","个",12,3220,38640,"北京","宗学龙"]
[124,"YYY-HK10#","地面液压油-航空10#-10KG","昆仑10号液压油，10KG/桶","昆仑","桶",40,410,16400,"北京","宗学龙"]
[125,"TL-3MM","铁链-3MM","品牌：无 3mm粗，304无缝不锈钢","/","米",50,6.7,335,"北京","宗学龙"]
[126,"TL-6MM","铁链6毫米","长42MM宽10MM 6MM粗镀锌","/","米",50,10,500,"北京","宗学龙"]
[127,"TL-￠10BJ","铁链10毫米","长62MM宽16MM10MM粗镀锌","/","米",50,23.85,1192.5,"北京","宗学龙"]
[128,"ZDX-DKX-737","止动销-东科信737","适用于东科信737机型拖把","东科信","个",40,320,12800,"北京","宗学龙"]
[129,"JQX-DKX737","剪切销-东科信-737","品牌：东科信 8*83","东科信","根",120,120,{"$f":"G130*H130","v":14400},"北京","宗学龙"]
[130,"JQX-DKX-737/319","737/A319剪切销","品牌：东科信 8*83","东科信","根",432,120,51840,"北京","宗学龙"]
[131,"SV-TB-330JQX-105","A330拖把剪切销","品牌：威克特 12.7*104","威克特","根",192,160,30720,"北京","宗学龙"]
[132,"SV-TB-787JQX-105","威克特B787牵引杆剪切销","品牌：威克特 12.7*105","威克特","根",264,160,42240,"北京","宗学龙"]
[133,"JQX-DKX33/35/787","A330/350/787剪切销","品牌：东科信 12*102","东科信","根",168,120,20160,"北京","宗学龙"]
[134,"JQX-DKX737/320","剪切销-东科信-737/320通用","品牌：东科信8*129","东科信","根",48,120,5760,"北京","宗学龙"]
[135,"JQX-DKX-A330","剪切销-A330","品牌：东科信 适用飞机拖把-A33011.3*94","东科信","根",48,120,5760,"北京","宗学龙"]
[136,"JQX-DKX-320","剪切销-东科信-320","品牌：东科信 9.8*80","东科信","根",48,120,5760,"北京","宗学龙"]
[137,"JQX-WKT33/35/767","A330/A350/767剪切销","品牌：威克特 12.7*104","威克特","根",48,120,5760,"北京","宗学龙"]
[138,"JQX-DKX-190","剪切销-190(东科信10X92）","品牌：东科信适用190牵引杆 10*92","东科信","根",120,160,19200,"北京","宗学龙"]
[139,"25SB10","B型球锁销","直径/Diameter: 1/4\"有效长度/Grip length: 1\"主体材质/Body: 304不锈钢","/","根",200,42,8400,"北京","宗学龙"]
[140,"KTLWPJ","空调拦网配件","含右胶皮2块，上下胶皮 4个，左胶皮2个，空调过滤 网2个","东科信","套",22,1900,41800,"北京","宗学龙"]
[141,"HK-737/320","滑块-737/320通用牵引杆","品牌：东科信 适用于737/320通用牵引杆 包含（1个滑块、2个滑块轨道、4根M8螺栓）",null,"套",5,550,2750,"北京","宗学龙"]
[142,"QJJ-3M7100-1KG","清洁剂-3M7100-1KG","品牌：3M 型号：Novec7100 1kg","3M","桶",2,750,1500,"北京","宗学龙"]
[143,"DHQ-JX","电焊钳-金象","品牌：金象 功率800A紫铜 防烫 耐热 不烫手","金象","个",2,85,170,"北京","宗学龙"]
[144,"JDX-6","接地线","规格：16平方 PVC软胶外皮 紫铜铜线铜绞线","/","米",100,20,2000,"北京","宗学龙"]
[145,"LS-UX","螺栓-U型","型号：M6 U型环 材质：不锈钢","/","个",40,8,320,"北京","宗学龙"]
[146,"ES01-1-250K-402","脚轮-环球10英寸聚氨酯单轮","品牌：环球10英寸聚氨酯轮子直径：250mm，材料：铁芯聚氨脂，5MM厚，形式：单轮，轴承型号：6205（52，25）","环球","个",20,185,3700,"北京","宗学龙"]
[147,"XDC-12V45AH","蓄电池-12V45AH","品牌：CAMEL/骆驼 型号：12V45AH","CAMEL/骆驼","块",2,386,772,"北京","宗学龙"]
[148,"XDC-12V17AH","蓄电池-12V17AH","品牌: 三瑞 型号：6-FM-17(12V17AH)","三瑞","块",5,245,1225,"北京","宗学龙"]
[149,"SBKG-YT20WP","水泵开关-YT20WP","品牌：伊藤动力 适用于伊藤动力型号：YT20WP水泵发电机","伊藤动力","个",5,50,250,"北京","宗学龙"]
[150,"FF5052","发动机燃油滤清器","品牌：康明斯燃油滤清器 型号：C3931063","康明斯","个",1,69,69,"北京","宗学龙"]
[151,"FS1280","发动机燃油滤清器","品牌：康明斯 型号：FS1280 3930942发动机燃油滤清器","康明斯","个",1,185,185,"北京","宗学龙"]
[152,"LF3349","滤清器芯-弗列加机油","品牌：弗列加 型号：LF3349机油滤清器芯","弗列加","个",1,115,115,"北京","宗学龙"]
[153,"K14900D","空气滤清器滤芯","品牌：康明斯 型号：K14900D4938598空气滤清器滤芯","康明斯","个",1,175,175,"北京","宗学龙"]
[154,"FDJLXT-YMH380V","发电机滤芯套-雅马哈380V","品牌：雅马哈型号：适合EDL26000TE发电机整套滤芯，包括机油滤、柴滤、空气滤","雅马哈","套",2,650,1300,"北京","宗学龙"]
[155,"FDJLP-GX200","发电机拉盘-GX200","品牌：本田 型号：适合本田GX200发电机孔距160MM 芯宽55MM 圆形拉盘","本田","个",3,240,720,"北京","宗学龙"]
[156,"LTE-1101J","警示灯-12V10W","型号：LTE-1101J黄色 声光报警器选装爆闪警报灯 -12V10W 强磁底座/三角底座螺丝固定 直径6CM","/","个",2,35,70,"北京","宗学龙"]
[157,"DHT-3.2MM","电焊条-3.2MM","3.2MM 5公斤/包","无品牌要求","包",5,68,340,"北京","宗学龙"]
[158,"JL-6-WX","脚轮-6寸聚氨酯万向","轮子直径150mm，孔距128X74MM，材料：铁芯聚氨酯，底板尺寸158X114MM 6寸，万向，不带刹车，带减震，安装高度200MM","环球","个",40,155,6200,"北京","宗学龙"]
[159,"JL-8-WX","脚轮-8寸聚氨酯万向","轮子直径：200mm，孔距：128X74mm，材料：铁芯聚氨脂，轮宽：48mm 底板尺寸158X114MM 8寸，万向、不带刹车，带减震 安装高度255MM","环球","个",40,185,7400,"北京","宗学龙"]
[160,"JL-10-WX","脚轮-10寸聚氨酯万向","轮子直径：250mm，孔距：128X74MM，材料：铁芯聚氨脂 底板尺寸158X114MM 10寸，万向，不带刹车，带减震，铁芯聚氨脂 安装高度315MM","无品牌要求","个",40,350.06,14002.4,"北京","宗学龙"]
[161,"JL-6-DX","脚轮6寸定向","轮子直径150mm，孔距128X74MM，材料：铁芯聚氨酯，底板尺寸158X114MM 6寸，定向、不带刹车，带减震，安装高度200MM","环球","个",40,140,5600,"北京","宗学龙"]
[162,"JL-8-DX","脚轮8寸定向","轮子直径：200mm，孔距：128X74，材料：铁芯聚氨脂，轮宽：48mm 底板尺寸158X114MM 8寸，定向、不带刹车，带减震 安装高度255MM","环球","个",40,175,7000,"北京","宗学龙"]
[163,"ES01-1-250K-402","脚轮-环球10英寸聚氨酯单轮","品牌：环球 10英寸聚氨酯轮子直径：250mm，材料：铁芯聚氨脂，形式：单轮，轴承型号：6205（52，25）","环球","个",40,120,4800,"北京","宗学龙"]
[164,"ES01-1-200K-402","脚轮-环球8英寸聚氨酯6204型单轮","品牌：环球，轮子直径：200mm，材料：铁芯聚氨脂，形式：单轮，轴承型号：6204","环球","个",40,105,4200,"北京","宗学龙"]
[165,"JL-12-DL","脚轮-12寸聚氨酯单轮","12寸聚氨酯单轮 轮子直径300mm 轮款70mm 材料：铁芯聚氨脂 单轮载重3吨 可配6206轴承","无品牌要求","个",6,220,1320,"北京","宗学龙"]
[166,"XJL300-130","脚轮-300-130实芯橡胶轮-单轮","规格：300-130；轮宽：75mm；轮直径：300mm；轴承：深沟球轴承6206","无品牌要求","个",12,586,7032,"北京","宗学龙"]
[167,"GYQGZC-3M","高压气管总成-3M","名称：602型钢丝编织液压软管 ；型号：602-0602 ；最大工作压力：56.0MPa/8120PSI；材质:丁腈橡胶+钢丝；长度3米； 接头规格：M14*1.5;C型接头；接头材质：铜；","无品牌要求","根",10,85,850,"北京","宗学龙"]
[168,"GYQGZC-1.5M","高压气管总成-1.5M","602型钢丝编织液压软管 ；型号：602-0602 ；最大工作压力：56.0MPa/8120PSI；材质:丁腈橡胶+钢丝；长度1.5米； 接头规格：M14*1.5;C型接头；接头材质：铜；","无品牌要求","根",10,75,750,"北京","宗学龙"]
[169,"FTCZ-SK220V","防脱插座-三孔220V","三孔防脱 安装板短款30A 220V 100%纯铜安装板孔距60mm","无品牌要求","个",10,16,160,"北京","宗学龙"]
[170,"JGJTZ-33/350/787","紧固件套装-330/350/787牵引杆","用于东科信生产的330/350/787牵引杆，包含：1.六角头螺栓8.8级，M14x100，2个、M10x25，2个。2.六角头螺栓C级，M10x20,4个、M8x50，3个。3.内六角圆柱头螺钉，M16x65，12个、M12x60，3个、M10x50，8个、M6x15，6个。4.C级开槽螺母,M20,2个、M24，1个、M12，3个、M10，6个。5.内六角圆柱头螺钉，平垫，自锁螺母，M8x45，2个、M8x30，1个。内六角圆柱头螺钉，M8x30，6个，螺栓，M20x111，2个。以上螺栓螺钉均应配有相匹配的弹垫和平垫，所有螺栓螺母均要求镀锌且均不低于8.8级。要求符合：GBT 3098.1-2010 紧固件机械性能螺栓、螺钉和螺柱标准。（包括拖把减震垫）","东科信","套",5,1600,8000,"北京","宗学龙"]
[171,"JGJTZ-737/320QYG","紧固件套装-737/320牵引杆","用于东科信生产的737/319/320牵引杆，包含：1.内六角圆柱头螺钉平垫、弹垫，M6*12，6个、M8*30，10个、M10*60，8个、M12*55，12个、M12*60，2个。2.六角头螺栓8.8级，M8*25，4个、M8*50,2个、M10*25,2个、M10*20，4个、M16*100，2个。3.自锁螺母，M6，4个、M8，4个、M12，2个、M16，2个、M20，1个。以上螺栓螺钉均应配有相匹配的弹垫和平垫，所有螺栓螺母均要求镀锌且均不低于8.8级。要求符合：GBT 3098.1-2010 紧固件机械性能螺栓、螺钉和螺柱标准。（包括拖把减震垫）","东科信","套",20,1600,32000,"北京","宗学龙"]
[172,"JGJTZ-190QYG","紧固件套装-190牵引杆","用于东科信E190牵引杆，按照图纸整套包含：1.内六角圆柱头螺钉，M10*95,8个、M10*50，8个、M12*60，2个、M12*50,18个。2.六角头螺栓C级，M10*15，2个、M8*40,2个、M8*25，4个、M6*45，1个。3.六角头螺栓8.8级，M10*25，2个、M12*95，4个。4.六角头螺母8.8级，M10，12个、M12，16个、M27，1个。5.自锁螺母，M8，8个、M10，3个、M12，2个、M20，1个。以上螺栓螺钉均应配有相匹配的弹垫和平垫，所有螺栓螺母均要求镀锌且均不低于8.8级。要求符合：GBT 3098.1-2010 紧固件机械性能螺栓、螺钉和螺柱标准。（包括拖把减震垫）","东科信","套",5,1600,8000,"北京","宗学龙"]
[173,"JGJTZ-737QYG","紧固件套装-737牵引杆","用于东科信737牵引杆，按照图纸整套包含：1.内六角圆柱头螺钉，M10x60,8个、M12x60，2个。2.8.8级六角螺母、平垫、弹垫，M10，8个、M20,2个、M16，1个。3.六角头螺栓8.8级，M16x100，2个、M10x25，2个、M12x55，12个。4.六角头螺栓、平垫、弹垫，M10x20，1个。5.六角头螺栓、平垫，M8x50，1个、M6x50，1个。6.开槽螺母，M20厚18，2个。7.自锁螺母，M12,2个、M8,1个、M6，5个。8.内六角圆柱头螺钉，平垫，自锁螺母，M8x55，1个、M8x45，1个、M8x30，1个。9.内六角圆柱头螺钉，M8x30，6个。10.螺栓，M20x108，2个。以上螺栓螺钉均应配有相匹配的弹垫和平垫，所有螺栓螺母均要求镀锌且均不低于8.8级。要求符合：GBT 3098.1-2010 紧固件机械性能螺栓、螺钉和螺柱标准。（包括拖把减震垫）","东科信","套",5,1600,8000,"北京","宗学龙"]
[174,"JGJTZ-320QYG","紧固件套装-320牵引杆","用于东科信320牵引杆，按照图纸整套包含：1.六角头螺栓8.8级，M16x100,2个、M10x25，2个、M10x20，4个、M8x50，3个、M12x55，12个。2.内六角圆柱头螺钉，M12x60，2个、M8x30,7个、M8x55，2个、M10x50，8个。3.8.8级六角螺母，M20，1个、M16，2个。4.自锁螺母，M12，2个、M8，4个、M6，4个。5.内六角圆柱头螺钉，平垫，自锁螺母，M8x55，1个、M8x45，1个，M8x30，1个。6.内六角圆柱头螺钉，M8x30，6个。7.螺栓，M20x108,2个。以上螺栓螺钉均应配有相匹配的弹垫和平垫，所有螺栓螺母均要求镀锌且均不低于8.8级。要求符合：GBT 3098.1-2010 紧固件机械性能螺栓、螺钉和螺柱标准。（包括拖把减震垫）","海德罗","套",2,1600,3200,"北京","宗学龙"]
[175,"JGJTZ-330QYG","紧固件套装-330牵引杆","用于东科信330牵引杆，按照图纸整套包含：1.开槽螺母，M20,2个。2.弹垫，M20，2个、M16,12个、M10，14个。3.六角头螺栓8.8级平垫，M14x100，各2个、M10x25，各2个。4.六角头螺栓C级平垫，M10x20，各4个、M8x50，各3个。5.内六角圆柱头螺钉平垫，M16x65，各12个、M12x60，各3个，M10x50，各8个。6.自锁螺母，M24，1个、M12,3个、M10，6个、M8，3个。7.内六角圆柱头螺钉，平垫，自锁螺母，M8x45,2个、M8x30，1个。8.内六角圆柱头螺钉，M8x30，6个。9.螺栓，M20x111，2个。以上螺栓螺钉均应配有相匹配的弹垫和平垫，所有螺栓螺母均要求镀锌且均不低于8.8级。要求符合：GBT 3098.1-2010 紧固件机械性能螺栓、螺钉和螺柱标准。（包括拖把减震垫）","才才","套",2,1600,3200,"北京","宗学龙"]
[176,"JGJTZ-787QYG","紧固件套装-787牵引杆","用于威克特787牵引杆，按照图纸整套包含：螺栓GB/T 5783 M10×20 镀锌4个，平垫GB/T 97.1 10 镀锌4个，弹垫GB/T 93 10 镀锌4个，螺栓GB/T 5782 M16×70 镀锌12个，平垫GB/T 97.1 16 镀锌12个，自锁螺母GB/T 889.1 M16 镀锌12个，自锁螺母GB/T 889.1 M12 镀锌2个，螺栓GB/T 5782 M10×65 镀锌钝化1个，自锁螺母GB/T 889.1 M10 镀锌钝化1个，螺栓GB/T 5783 M8×40 镀锌钝化2个，内六角螺钉GB/T 70.1 M8×45 镀锌钝化6个，螺栓GB/T 5782 M10×50 镀锌钝化2个，自锁螺母GB/T 889.1 M10 镀锌钝化2个，螺钉GB/T 818 M4×10 镀锌1个，六角螺栓GB/T 5783 M8×16 镀锌1个，自锁螺母GB/T 889.1 M12 镀锌2个，平垫GB/T 97.1 12 镀锌4个，螺栓GB/T 5782 M24×120 镀锌1个，自锁螺母GB/T 889.1 M24 镀锌1个，平垫GB/T 97.1 24 镀锌1个，弹垫GB/T 93 8 镀锌8个，平垫GB/T 97.1 8 镀锌2个，六角螺栓GB/T 5782 M20×120 镀锌2个，自锁螺母GB/T 889.1 M20 镀锌2个，平垫GB/T 97.1 20 镀锌4个，螺栓GB/T 5781 M4×10 镀锌8个，弹垫GB/T 93 4 8个，六角螺栓GB/T 5783 M12×35 镀锌12个，螺母GB/T 6170 M12 12个，弹垫GB/T 93 12 12个。（包括拖把减震垫）","威克特","套",11,415,4565,"北京","宗学龙"]
[177,"JGJTZ-SV330QYG","紧固件套装-330牵引杆","用于威克特330牵引杆，按照图纸整套包含：螺栓GB/T 5783 M10×20 镀锌钝化4个，螺栓GB/T 5783 M10×20 镀锌钝化4个，\n平垫GB/T 97.1 10 镀锌4个，弹垫GB/T 93 10 镀锌4个，螺栓GB/T 5782 M16×70 镀锌钝化12个，平垫GB/T 97.1 16 镀锌12个，自锁螺母GB/T 889.1 M16 镀锌12个，自锁螺母GB/T 889.1 M12 镀锌2个，螺栓GB/T 5782 M10×65 镀锌钝化1个，自锁螺母GB/T 889.1 M10 镀锌钝化1个，螺栓GB/T 5783 M8×40 镀锌钝化2个，内六角螺钉GB/T 70.1 M8×45 镀锌钝化6个，螺栓GB/T 5782 M10×50 镀锌钝化2个，自锁螺母GB/T 889.1 M10 镀锌钝化2个，螺钉GB/T 818 M4×10 镀锌1个，六角螺栓GB/T 5783 M8×16 镀锌钝化15个，自锁螺母GB/T 889.1 M12 镀锌钝化2个，平垫GB/T 97.1 12 镀锌4个，螺栓GB/T 5782 M24×120 镀锌钝化1个，自锁螺母GB/T 889.1 M24 镀锌钝化1个，平垫GB/T 97.1 24 镀锌1个，弹垫GB/T 93 8 镀锌8个，平垫GB/T 97.1 8 镀锌2个六角螺栓GB/T 5782 M20×120 镀锌2个，自锁螺母GB/T 889.1 M20 镀锌2个，平垫GB/T 97.1 20 镀锌2个，螺栓GB/T 5781 M4×10 镀锌8个，弹垫GB/T 93 4 8个，六角螺栓GB/T 5783 M12×35 镀锌12个，螺母GB/T 6170 M12 12个，弹垫GB/T 93 12 12个。（包括拖把减震垫）","威克特","套",8,415,3320,"北京","宗学龙"]
[178,"JGJTZ-33/350/767","紧固件套装-33/350/767牵引杆","用于威克特330/350/767牵引杆，按照图纸整套包含：螺栓GB/T 5783 M10×20 镀锌钝化4个，螺栓GB/T 5783 M10×20 镀锌钝化4个，平垫GB/T 97.1 10 镀锌4个，弹垫GB/T 93 10 镀锌4个，螺栓GB/T 5782 M16×70 镀锌钝化12个，平垫GB/T 97.1 16 镀锌12个，自锁螺母GB/T 889.1 M16 镀锌12个，自锁螺母GB/T 889.1 M12 镀锌2个，螺栓GB/T 5782 M10×65 镀锌钝化1个，自锁螺母GB/T 889.1 M10 镀锌钝化1个，螺栓GB/T 5783 M8×40 镀锌钝化2个，内六角螺钉GB/T 70.1 M8×45 镀锌钝化6个，螺栓GB/T 5782 M10×50 镀锌钝化2个，自锁螺母GB/T 889.1 M10 镀锌钝化2个，螺钉GB/T 818 M4×10 镀锌1个，六角螺栓GB/T 5783 M8×16 镀锌钝化15个，自锁螺母GB/T 889.1 M12 镀锌钝化2个，平垫GB/T 97.1 12 镀锌4个，螺栓GB/T 5782 M24×120 镀锌钝化1个，自锁螺母GB/T 889.1 M24 镀锌钝化1个，平垫GB/T 97.1 24 镀锌1个，弹垫GB/T 93 8 镀锌8个，平垫GB/T 97.1 8 镀锌2个六角螺栓GB/T 5782 M20×120 镀锌2个，自锁螺母GB/T 889.1 M20 镀锌2个，平垫GB/T 97.1 20 镀锌2个，螺栓GB/T 5781 M4×10 镀锌8个，弹垫GB/T 93 4 8个，六角螺栓GB/T 5783 M12×35 镀锌12个，螺母GB/T 6170 M12 12个，弹垫GB/T 93 12 12个。（包括拖把减震垫）","威克特","套",2,415,830,"北京","宗学龙"]
[179,"BS-GZT","工作梯安全标示","厂家件号：SHJH321490、140张和SHJH321491、140张 材料：阻燃PVC背面带胶 外形尺寸：700MM*200MM 2张/套","制作","张",560,76,42560,"北京","宗学龙"]
[180,"FG-20X20X1000MM","方钢-20*20*1000MM","品牌：无20mm*2mm 厚3mm Q345B 空心 3米/根","/","米",156,29.4,4586.4,"北京","宗学龙"]
[181,"FG-40X40X1000MM","方钢-40*40*1000MM","品牌：无 40*40mm 厚3mm 65CM/根 （49根） 26M/根 （5根）空心 Q345B","/","米",162,39,6318,"北京","宗学龙"]
[182,"FG-50X50MM","方钢-50*50MM","品牌：无 50*50mm 厚4mm 16cm/根 （50根） 空心 Q345B","/","米",8,80,640,"北京","宗学龙"]
[183,"TL-4MM","铁链-4MM","品牌：无 M40.8米/根 50根","/","米",40,6.35,254,"北京","宗学龙"]
[184,"LT-3MM","钢丝绳铝套-3MM","品牌：无 M3","/","个",500,0.28,140,"北京","宗学龙"]
[185,"YQ-HS14KG","黑色油漆14KG","品牌：红狮，14KG/桶，颜色：黑色","红狮","桶",20,420,8400,"北京","宗学龙"]
[186,"YQ-DH-13KG","油漆-大红-大孚13KG","品牌：大孚，13KG/桶，颜色：大红","大孚","桶",20,495,9900,"北京","宗学龙"]
[187,"YQ-ZH16L","中黄色油漆16L","品牌：红狮16L/桶，中黄色","红狮","桶",20,520,10400,"北京","宗学龙"]
[188,"YQ-LS20KG","油漆-蓝色20公斤/桶","品牌：红狮20KG/桶，天蓝色","红狮","桶",20,625,12500,"北京","宗学龙"]
[189,"BPR5ES","火花塞","品牌：NGK型号：BPR5ES/BPR4ES","NGK","个",30,12,360,"北京","宗学龙"]
[190,"YG-3","高压油管","品牌：无材质：液压钢丝软管 长：1米直径1.2CM 接头PT1/8（10MM） 承受压力4000PSI","/","根",6,87.58,525.48,"北京","宗学龙"]
[191,"KG-40-63MM","卡箍-40-63毫米","品牌：无不锈钢强力卡箍，直径40-63MM，宽9MM 厚0.6MM","/","个",40,5,200,"北京","宗学龙"]
[192,"KG-60-63MM","卡箍-60-63毫米","品牌：无不锈钢强力卡箍，直径60-63MM，宽22MM 厚0.8MM","/","个",40,5,200,"北京","宗学龙"]
[193,"KG-70-89MM","卡箍-70-89毫米","品牌：无不锈钢强力卡箍，直径70-89MM，宽9MM 厚0.6MM","/","个",40,5,{"$f":"G194*H194","v":200},"北京","宗学龙"]
[194,"KG-64-67MM","卡箍-64-67毫米","品牌：无不锈钢强力卡箍，直径64-67MM，宽22MM 厚0.8MM","/","个",40,5,200,"北京","宗学龙"]
[195,"SK-BZX","包装箱锁扣","品牌：无 宽36MM 长70MM 适用于各种型号派力肯安全箱","/","个",100,105,10500,"北京","宗学龙"]
[196,"DC-VTR-1000","VTR-1000对讲机电池","品牌：飞利浦3000mah;电压3.7V","飞利浦","块",80,80,6400,"北京","宗学龙"]
[197,"LDC-802040","锂电池-802040","品牌：无聚合物理电池 800mAH 电压3.7V型号802040","/","块",30,18,540,"北京","宗学龙"]
[198,"15W-40","长城牌CD 柴油机油","品牌：长城CD 15W4016KG/桶","长城","桶",2,325.5,651,"北京","宗学龙"]
[199,"10W-30-CF4","柴油机油10W-30-CF4","品牌：无型号：柴油机油10W-30-CF4，规格：4L/桶","/","桶",3,108.5,325.5,"北京","宗学龙"]
[200,"10W-30","汽油机机油","品牌：无型号：汽油机机油10W-30，规格：4L/桶","/","桶",3,108.5,325.5,"北京","宗学龙"]
[201,"SN10W-40","机油-壳牌黄喜力矿物质机油SN10W-40","品牌：壳牌型号：SN10W-40，规格：4L/桶","壳牌","桶",3,161,483,"北京","宗学龙"]
[202,"0W-30","壳牌超凡喜力SN0W-30","品牌：壳牌型号：SN0W-30，规格：4L/桶","壳牌","桶",3,294.5,883.5,"北京","宗学龙"]
[203,"GWRHZ","高温润滑脂","品牌：无 高温润滑脂；规格：耐350度高温 15KG/桶","/","桶",1,496,496,"北京","宗学龙"]
[204,"L-G68","L-G68导轨油","品牌：无 L-G68导轨油：16L/13KG /桶，机加车床导轨润滑","/","桶",1,380,380,"北京","宗学龙"]
[205,"L-G32","L-G32导轨油","品牌：无 L-G32导轨油：16L/13KG /桶，机加车床导轨润滑","/","桶",1,380,380,"北京","宗学龙"]
[206,"DC-RJW7102","电池-海洋王手电RJW7102","品牌：无 适用于海洋王防爆手电RJW7102/LT四节组合电池","/","块",30,120,3600,"北京","宗学龙"]
[207,"ER18505M","数字压力表电池","品牌：无 电池型号：ER18505M 电压：3.6V 容量：4000mAh，","/","块",30,20,600,"北京","宗学龙"]
[208,"XDC-12V5AH","蓄电池-12V5AH","品牌：无 12V5AH蓄电池 电压12V 容量：5AH 尺寸：90*70*100MM","/","块",2,85,170,"北京","宗学龙"]
[209,"SJJGFCZ","升降机构防尘罩","品牌：无 规格：60*330mm，材质：PVC,颜色：蓝色","/","个",50,55,2750,"北京","宗学龙"]
[210,"FQ-D4.5X1.0MM","封圈-内径4.5X1毫米","品牌:无 材质：NBR70，形状：O形，尺寸：4.5mm内径，1mm线径，ADT附件包常备封圈，用于Ps输出口","/","件",100,0.19,19,"北京","宗学龙"]
[211,"FQ-D7.5X1.0MM","封圈-内径7.5X1毫米","品牌:无 材质：NBR70，形状：O形，尺寸：7.5mm内径，1mm线径，ADT附件包常备封圈，用于Pt输出口","/","件",100,0.19,19,"北京","宗学龙"]
[212,"FQ-D10X1MM","封圈-D10X1毫米","品牌:无 D10.0mm（外径）*1.0mm（线径）材质NBR70","/","件",100,0.19,19,"北京","宗学龙"]
[213,"FQ-D7.5X1.5MM","封圈-D7.5X1.5毫米","品牌:无 D7.5mm（外径）*1.5mm（线径）材质NBR70","/","件",100,0.16,16,"北京","宗学龙"]
[214,"1A-30","燃油滤芯","品牌:无 适用于BT400NEXD5加温机，型号1A-30","/","件",5,130,650,"北京","宗学龙"]
[215,"MS15290","皮带","品牌:无 适用于BT400NEXD5加温机，型号MS15290","/","件",5,560,2800,"北京","宗学龙"]
[216,"TM3917-2","轴套","品牌:无 适用于BT400NEXD5加温机，型号TM3917-2","/","件",5,570,2850,"北京","宗学龙"]
[217,"TR778","喷嘴","品牌:无 适用于BT400NEXD5加温机，型号TR778","/","件",5,950,4750,"北京","宗学龙"]
[218,"TRA3057-100","燃油滤","品牌:无 适用于BT400NEXD5加温机，型号TRA3057-100","/","件",5,735,3675,"北京","宗学龙"]
[219,"TO3027","单向阀（油箱）","品牌:无 适用于BT400NEXD5加温机，型号TO3027","/","件",5,1655,8275,"北京","宗学龙"]
[220,"TRF762MODA","点火盘","品牌：Aerotech Herman Nelson 用于BT400NEXD5加温车","Aerotech Herman Nelson","个",2,"2310",4620,"北京","宗学龙"]
[221,"T0655A","单向阀","品牌：Aerotech Herman Nelson 用于BT400NEXD5加温车","Aerotech Herman Nelson","个",2,"1960",3920,"北京","宗学龙"]
[222,"T0553C","喷嘴座固定卡子","品牌：Aerotech Herman Nelson 用于BT400NEXD5加温车","Aerotech Herman Nelson","个",2,"430",860,"北京","宗学龙"]
[223,4040008,"燃烧室","品牌：Aerotech Herman Nelson 用于BT400NEXD5加温车","Aerotech Herman Nelson","个",2,"3180",6360,"北京","宗学龙"]
[224,5300144,"喷嘴座","品牌：Aerotech Herman Nelson 用于BT400NEXD5加温车","Aerotech Herman Nelson","个",2,"1420",2840,"北京","宗学龙"]
[225,"P365-25","25PSI单向阀","品牌：Aerotech Herman Nelson 用于BT400NEXD5加温车","Aerotech Herman Nelson","个",2,"1980",3960,"北京","宗学龙"]
[226,"KXX-8MMX40MM","快卸销_直径8mm_夹持长度40mm","品牌：无材质：不锈钢 直径8mm_夹持长度40mm 符合MS17985标准；T形手柄快卸销；手柄为黑色铝质；主体材料：不锈钢；夹持长度：40mm；含有孔及开口环,便于与系索连接；","/","个",20,34.5,690,"北京","宗学龙"]
[227,"KXX-8MMX30MM","快卸销_直径8mm_夹持长度30mm","品牌：无材质：不锈钢 直径8mm_夹持长度30mm 符合MS17985标准；T形手柄快卸销；手柄为黑色铝质；主体材料：不锈钢；夹持长度：30mm；含有孔及开口环,便于与系索连接；","/","个",20,31.6,632,"北京","宗学龙"]
[228,"KXX-8MMX50MM","快卸销_直径8mm_夹持长度50mm","品牌：无材质：不锈钢 直径8mm_夹持长度50mm 符合MS17985标准；T形手柄快卸销；手柄为黑色铝质；主体材料：不锈钢；夹持长度：50mm；含有孔及开口环,便于与系索连接；","/","个",20,38.2,764,"北京","宗学龙"]
[229,6202,"轴承6202","品牌：HRB轴承深沟球，轴承钢，型号：6202橡胶密封","哈尔滨","个",40,5.63,225.2,"北京","宗学龙"]
[230,30205,"压力轴承","品牌：HRB30205轴承，内径为:25mm，外径为:52 mm，厚度为:16.5 mm，类型为圆锥滚子轴承","哈尔滨","个",40,15.84,633.6,"北京","宗学龙"]
[231,30206,"轴承","品牌：HRB30206轴承，内径为:30mm，外径为:62 mm，厚度为:17.5 mm，类型为圆锥滚子轴承","哈尔滨","个",40,23,920,"北京","宗学龙"]
[232,30207,"轴承","品牌：HRB30207轴承，内径为:35mm，外径为:72 mm，厚度为:18.5 mm，类型为圆锥滚子轴承","哈尔滨","个",40,25,1000,"北京","宗学龙"]
[233,30208,"轴承（拖车）","品牌：HRB30208轴承，内径为:40mm，外径为:80 mm，厚度为:20 mm，类型为圆锥滚子轴承","哈尔滨","个",40,25,1000,"北京","宗学龙"]
[234,"ZC-32008","轴承-32008X","品牌：HRB32008轴承，内径为:40mm，外径为:68 mm，厚度为:19 mm，类型为圆锥滚子轴承","哈尔滨","个",40,13,520,"北京","宗学龙"]
[235,"ZC-51207","轴承-51207","品牌：HRB51207轴承，内径为:35mm，外径为:62 mm，厚度为:18 mm","哈尔滨","个",40,7,280,"北京","宗学龙"]
[236,"ZC-6304","轴承-6304","品牌：HRB6304轴承，内径为:20mm，外径为:52 mm，厚度为:15 mm","哈尔滨","个",40,5,200,"北京","宗学龙"]
[237,"HRB6207Z","轴承-6207","品牌：HRB6207轴承，内径为:35mm，外径为:72 mm，厚度为:17 mm","哈尔滨","个",40,8,320,"北京","宗学龙"]
[238,"ZC-3202","轴承-3202","品牌：HRB3202轴承，内径为:15mm，外径为:35 mm，厚度为:15.9 mm","哈尔滨","个",40,9,360,"北京","宗学龙"]
[239,"ZC-7206E","轴承-7206E","品牌：HRB7206E轴承，内径为:30mm，外径为:62 mm，厚度为:17.25mm","哈尔滨","个",40,7,280,"北京","宗学龙"]
[240,"ZC-7205","轴承-7205","品牌：HRB7205轴承，内径为:25mm，外径为:52 mm，厚度为:15mm","哈尔滨","个",40,7,280,"北京","宗学龙"]
[241,"ZC-8207","轴承-8207","型号：8207 轴承钢内置高强度滚动体","/","个",40,20,800,"北京","宗学龙"]
[242,"ZC-6903Z","轴承-6903Z","型号：6903Z 金属密封","/","个",30,10,300,"北京","宗学龙"]
[243,6205,"双封深沟珠轴承","哈尔滨轴承深沟球，HRB，6205胶封","哈尔滨","个",40,10,400,"北京","宗学龙"]
[244,"DHT-3.2MM","焊条","品牌：无 3.2MM 5公斤/包","/","包",40,67,2680,"北京","宗学龙"]
[245,"HT-BJ","焊条-2.5","品牌：无 2.5MM 5公斤/包 不锈钢焊条","/","包",20,93,1860,"北京","宗学龙"]
[246,"THK-M10DM","弹簧扣-M10带母","品牌：无 304不锈钢 带螺母弹簧扣 M10","/","个",100,18.2,1820,"北京","宗学龙"]
[247,"QGP-105X1.2X16MM","切割片105X1.2X16MM","品牌：博世 尺寸：105X1.2X16MM 50片/盒","博世","片",1000,1.25,1250,"北京","宗学龙"]
[248,"11353P-23","左耳罩","品牌：无 适用于H3530耳机","/","个",20,80,1600,"北京","宗学龙"]
[249,"11353P-24","右耳罩","品牌：无 适用于H3530耳机","/","个",20,80,1600,"北京","宗学龙"]
[250,"TTEZ-H3312","听筒耳罩","适用件号H3312耳机的听筒耳罩，原厂件号：18316G-02，按照图纸制造","/","个",20,15,300,"北京","宗学龙"]
[251,"KHK-2.5MM","卡箍","E型卡簧扣 开口挡圈￠2.5，原厂件号：00009M-03","/","个",20,1.5,30,"北京","宗学龙"]
[252,"EJX-3.6MMX700MM","头顶线组件","2*0.15mm²，外径3.6mm，两芯带屏蔽层（无氧铜丝），原厂件号：22607G-01，每根7米","/","根",10,30,300,"北京","宗学龙"]
[253,"EJX-4.5MMX7M","接头音频线组件","规格1：4*0.2mm²，外径4.5mm，四芯带屏蔽层（无氧铜丝），原厂件号：18028G-11，每根700MM","/","根",10,200,2000,"北京","宗学龙"]
[254,"YPCT-6.35MM","接头音频线组件","规格2：6.35mm音频接头3芯，原厂件号：18028G-11","/","个",30,20,600,"北京","宗学龙"]
[255,"MKFZZ","麦克风嘴罩","麦克风嘴罩，原厂件号18417G-02，按照图纸制造","/","个",15,15,225,"北京","宗学龙"]
[256,"MKF","麦克风","单指向麦克风（带放大电路），原厂件号：12948G-15，按照图纸制造","/","个",30,120,3600,"北京","宗学龙"]
[257,"MKFYPXZJ","麦克风音频线组件","2*0.15mm²，外径3.6mm，两芯带屏蔽层（无氧铜丝），原厂件号：18315G-02，每根500MM","/","根",6,25,{"$f":"G258*H258","v":150},"北京","宗学龙"]
[258,"KGH-EJX","开关盒-耳机线","进线口4.5mm，带常开PTT按键，带可连接头戴耳机的6.25插座，内置开关和线缆固定接线线路板。","/","个",20,100,2000,"北京","宗学龙"]
[259,"10W-30","机油-美孚黑霸王柴油机","品牌：美孚10W-30 4L/桶","美孚","桶",3,136,408,"北京","宗学龙"]
[260,"80W90","安索齿轮油80W-90GL5","品牌：安索（AMSOIL）全合成齿轮油 差速器油 后桥油 80W-90 GL5 946ml AGLQT 支持LSD 养车保养","安索","瓶",6,120,720,"北京","宗学龙"]
[261,"FDY-CC4L","防冻液","品牌：长城 4kg零下35℃","长城","桶",20,60,1200,"北京","宗学龙"]
[262,"LMD-5X25MM","拉铆钉","品牌：无 规格，5*25mm大帽 帽沿16MM 250个/盒","/","个",2500,0.18,450,"北京","宗学龙"]
[263,"CMR6H","火花塞","品牌：NGK 适用BR-600-Z型号吹雪机","NGK","个",8,50,400,"北京","宗学龙"]
[264,"BD-10T","绑带-10吨","品牌：无受力10T,10CM宽","/","米",300,12,3600,"北京","宗学龙"]
[265,"BDLJQ-10T","绑带拉紧器架子-10T","品牌：无受力10T,11CM宽","/","个",20,81.5,1630,"北京","宗学龙"]
[266,"XK-UX5T","卸扣-U型","品牌：无T8 级 D 型带螺母 9.5T","/","个",20,67,1340,"北京","宗学龙"]
[267,"YY-ZKB","真空泵油液","品牌：无适用于Yellow Jacket真空泵 1加仑/桶","/","桶",3,1728,5184,"北京","宗学龙"]
[268,"ZBTS-2MM","铁丝-2MM直径软","品牌：无 直径2mm100m/卷，镀锌铁丝","/","卷",2,52,104,"北京","宗学龙"]
[269,"QWNJJ-AB","漆雾凝聚剂-AB剂","品牌：无 A型号PY-805A 2桶B型号PY-800B 2桶 25KG/桶","/","桶",4,215,860,"北京","宗学龙"]
[270,"YKQ-BJQ","遥控器-报警器","品牌：无型号：5000-2 频率：315MHZ 适用于KY-JD588声光报警器","/","个",20,23,460,"北京","宗学龙"]
[271,"TG-32MM","铁管-32MM","品牌：无 外径32MM壁厚3MM国标GB/T8162","/","米",30,2,60,"北京","宗学龙"]
[272,"TS-XCQ","提手-吸尘器","品牌：无 适用于克力威XC15A 吸尘器","/","个",10,26,260,"北京","宗学龙"]
[273,"DLB-XCQ","电路板-吸尘器","品牌：无 适用于克力威XC15A 吸尘器","/","个",10,110,1100,"北京","宗学龙"]
[274,null,"电机-吸尘器","品牌：无 适用于克力威XC15A 吸尘器","/","个",10,290,2900,"北京","宗学龙"]
[275,"MP-SB125X55MM","设备铭牌","规格：12.5cmX5.5cm，加工产品︱125*55MM,印刷内容以通知为准","无品牌要求","张",100,3.78,378,"云南","赵灼莹"]
[276,"RSG-6MM","热缩管-6mm","热缩管内径φ6mm，6mm，100米/卷，硅橡胶","伊凡","卷",2,34,68,"云南","赵灼莹"]
[277,"SX-25G","松香膏","25G/盒","老A","盒",7,10.67,74.69,"云南","赵灼莹"]
[278,"HXS-500G","焊锡丝","净含量：100g，锡丝直径：1.0MM，锡含量30%，产品尺寸55*30mm，DL395100","得力","卷",7,23.4,163.8,"云南","赵灼莹"]
[279,"3M983D","反光贴-3M警示","通用型（反光警示标示）3M983D 反光面料红白，长24M，宽 5CM，反光材质","3M","卷",30,145,4350,"云南","赵灼莹"]
[280,"DRT68923-10","SLEEVE-LOCK GROUND MLG","DRT68923-10","威克特原厂","个",10,155,1550,"云南","赵灼莹"]
[281,"DC-DJJ","对讲机电池","SPTT-T1对讲机配套电池","森海克斯","个",90,85,7650,"云南","赵灼莹"]
[282,"PWC52-K","胶垫-插头钳","原装","Snap-on","件",100,126,12600,"云南","赵灼莹"]
[283,"ZZQXCJR-P37-2LX","滤芯","ZZQXCJR-P37-2LX","上海威克特原厂","个",2,1395,2790,"云南","赵灼莹"]
[284,"ZZQXC-JR-P372FQ1","滤芯密封圈","ZZQXC-JR-P37-2FQ1","上海威克特原厂","个",2,80,160,"云南","赵灼莹"]
[285,"DP12V-200A","电瓶12V-200A免维护","电池型号：U1-7(200)，12V，200A","鸿雁","个",4,590,2360,"云南","赵灼莹"]
[286,"DLTT-QJZ110G","电烙铁头-清洁座110G","铁盒座，70mm*75mm，净重：110g","无品牌要求","个",4,64,256,"云南","赵灼莹"]
[287,"XZH-MY","焊锡环-免压","20只/1盒，蓝色，使用导线范围：1.5~2.5平方","无品牌要求","盒",7,70,490,"云南","赵灼莹"]
[288,30205,"轮轴轴承",30205,"无品牌要求","个",6,12,72,"云南","赵灼莹"]
[289,"XJWXL-5","橡胶万向轮-5寸","5寸","无品牌要求","个",60,195,11700,"云南","赵灼莹"]
[290,"XJDXL-6","橡胶定向轮-6寸","6寸","伦越","个",60,138,8280,"云南","赵灼莹"]
[291,"ZPQ-350ML","自喷漆-黑色","350毫升/瓶，颜色：黑色、中黄色、银色、魂红色、白色等","三和","瓶",100,20,2000,"云南","赵灼莹"]
[292,"KT-GSS","不锈钢钢丝绳夹头卡头","M10","江苏东明","个",63,4.1,258.3,"云南","赵灼莹"]
[293,"SK-BXG","锁扣-不锈钢","M6","江苏东明","个",63,3.6,226.8,"云南","赵灼莹"]
[294,"KKX-M2X30","304 不锈钢开口销","M2*30，304不锈钢","纳毅","个",200,0.04,8,"云南","赵灼莹"]
[295,"KKX-M4X50","304 不锈钢开口销","M4*50，304不锈钢","天诚五金","个",200,0.11,22,"云南","赵灼莹"]
[296,"KKX-M3X40","304 不锈钢开口销","M3*40，304不锈钢","无品牌要求","个",200,0.09,18,"云南","赵灼莹"]
[297,"LB-300Ω","喇叭-300Ω","Ø50mmH8.5mm300Ω1W铁架内磁喇叭，直径300mm，两端带环形固定接耳，阻值300Ω，适用件号ZBEJB-190/145的国产耳机的300Ω喇叭","骅鹏电子","个",100,5.85,585,"云南","赵灼莹"]
[298,"FQ-D7.5X1.0MM","封圈-内径7.5X1毫米","材质：NBR70，形状：O形，尺寸：7.5mm内径，1mm线径，ADT附件包常备封圈，用于Ps输出口","无限制，满足规格即可","个",100,0.5,50,"云南","赵灼莹"]
[299,"FQ-D4.5X1.0MM","封圈-内径4.5X1毫米","材质：NBR70，形状：O形，尺寸：4.5mm内径，1mm线径，ADT附件包常备封圈，用于Ps输出口","无限制，满足规格即可","个",100,0.5,50,"云南","赵灼莹"]
[300,"EF1-25","加油车滤芯","EF1-25液压","无限制，满足型号即可","个",18,33.9,610.2,"云南","赵灼莹"]
[301,"DJ-XC15A","航空吸尘器XC15A原装电机","XC15A电机（115V，400HZ）","克力威","个",6,380,2280,"云南","赵灼莹"]
[302,"SB-XC15A","手柄-航空吸尘器XC15A原装","XC15A手柄","克力威","个",7,135,945,"云南","赵灼莹"]
[303,"WXL-XC15A","万向轮-航空吸尘器XC15A原装","XC15A前置万向轮","克力威","个",6,60,360,"云南","赵灼莹"]
[304,"WXHL-XC15A","万向后轮-航空吸尘器XC15A原装","XC15A后轮","克力威","个",6,114,684,"云南","赵灼莹"]
[305,"LS-ZSM6X80MM","螺栓-自锁M6X80MM（螺栓+防松母+平垫）","M6X80MM，材质：304不锈钢（螺栓+防松母+平垫/套）","无品牌要求","套",100,"1.81",181,"云南","赵灼莹"]
[306,"15W-40","柴油机油","型号：15W-40，容量18L/桶","美孚超级黑霸王柴油机油","桶",10,703.5,7035,"云南","赵灼莹"]
[307,"JY-5W-30","机油-高压清洗车5W-30","型号：5W-30，容量4L/瓶","美孚速霸2000","瓶",6,376,2256,"云南","赵灼莹"]
[308,"KKX-M2.5X50","开口销M2.5X50","规格：M2.5*50","金超","个",200,0.39,78,"云南","赵灼莹"]
[309,"KKX-M4X70","开口销M4X70","规格：M4*70","金超","个",200,1.06,212,"云南","赵灼莹"]
[310,"WLNJ-LD-N","行程开关-欧姆龙","WLNJ-30-N，防护等级IP67，含 LED 指示灯，做动时亮","欧姆龙","个",30,154,4620,"云南","赵灼莹"]
[311,"SP-40SH-8X12","SP快速接头","SP40母头/适用内径8mm，外径12mm气管","迈辰凯","个",20,12.54,250.8,"云南","赵灼莹"]
[312,"BXGPP-40","不锈钢C式自锁快速接头","pp40公头/适用内径8mm，外径12mm气管，通用气管公接头，带自锁螺母不易脱出，适用于内径8mm，外径12mm气管。","萨博","个",10,9,90,"云南","赵灼莹"]
[313,"JHF-20PM","快速气动接头","PM20公头/2分-外螺纹1/4，通用外螺纹公头常用于带有内丝的气动工具","萨博","个",10,5.4,54,"云南","赵灼莹"]
[314,"QDJT-PM30","气动接头-PM30","PM30公头/3分-外螺纹3/8，通用外螺纹公头常用于带有内丝的气动工具","萨博","个",10,7.2,72,"云南","赵灼莹"]
[315,"QDJT-PM40","气动接头-PM40","PM40公头/4分-外螺纹1/2，通用外螺纹公头常用于带有内丝的气动工具","萨博","个",10,9,90,"云南","赵灼莹"]
[316,"QDJT-PF20","气动接头-PF20","PF20公头/2分-内螺纹1/4，通用内螺纹公头常用于带有外丝的气动工具","萨博","个",10,5.4,54,"云南","赵灼莹"]
[317,"QDJT-PF30","气动接头-PF30","PF30公头/3分-内螺纹3/8，通用内螺纹公头常用于带有外丝的气动工具","萨博","个",10,7.2,72,"云南","赵灼莹"]
[318,"QDJT-PF40","气动接头-PF40","PF40公头/4分-内螺纹1/2，通用内螺纹公头常用于带有外丝的气动工具","萨博","个",10,9,90,"云南","赵灼莹"]
[319,"QDJT-SF20","气动接头-SF20","SF20母头/2分-内螺纹1/4，通用内螺纹母头常用于带有外丝的气源设备","萨博","个",10,39.62,396.2,"云南","赵灼莹"]
[320,"QDJT-SF30","气动接头-SF30","SF30母头/3分-内螺纹3/8，通用内螺纹母头常用于带有外丝的气源设备","萨博","个",10,41.42,414.2,"云南","赵灼莹"]
[321,"QDJT-SF40","气动接头-SF40","SF40母头/4分-内螺纹3/8，通用内螺纹母头常用于带有外丝的气源设备","萨博","个",10,43.22,{"$f":"G322*H322","v":432.2},"云南","赵灼莹"]
[322,"BTJT-BXG","宝塔接头-不锈钢","ZG1/4-ø6（内丝+外丝/套）","无品牌要求","个",10,17.63,176.3,"云南","赵灼莹"]
[323,"FZT-30MM","防撞条-φ30mm","黑黄警示防撞海绵管，内径30mm 壁厚10mm 1米/根，型号:JAHM-0014","无品牌要求","根",120,"65",7800,"云南","赵灼莹"]
[324,"FZT-50MM","防撞条-φ50mm","黑黄警示防撞海绵管，内径50mm 壁厚10mm 1米/根，型号:JAHM-0014","无品牌要求","根",80,76,6080,"云南","赵灼莹"]
[325,2755,"充气接头","适用减震支柱充气工具14-6804-6000，8V1螺纹式充气接 头（减震支柱充气接头）名称：air chuck，成品工具配件，原厂：schrader-bridgeport international，2755的充气接头为进口OEM件。","进口OEM件","个",10,380,3800,"云南","赵灼莹"]
[326,"BP-KMGZT-21X15CM","标牌-昆明工作梯-21X15CM","尺寸：21cmX15cm，不锈钢标牌","订做","件",100,85,8500,"云南","赵灼莹"]
[327,"WK-EJ","外壳-耳机","结构尺寸等同于H3530外壳有黑色和绿色两种（可按要求开孔）无品牌要求","无品牌要求","个",30,80,2400,"云南","赵灼莹"]
[328,"GYM-10MM","成型隔音棉","厚度10mm中密度隔音泡棉，椭圆，成型裁切好，无品牌要求","无品牌要求","个",30,5,150,"云南","赵灼莹"]
[329,"JSP-EJTD","金属片-耳机头顶","宽16MM，厚1.2MM，总长度29MM，适用于H3310、H3312、H3530耳机头顶金属片。无品牌要求","无品牌要求","个",20,48,960,"云南","赵灼莹"]
[330,"HMD-EJTD","海绵垫-耳机头顶","海绵垫：净重32G，总长度160MM。适用于H3310、H3312、H3530耳机头顶海绵垫。无品牌要求","无品牌要求","个",30,28,840,"云南","赵灼莹"]
[331,"MKF-H3530","麦克风（H3530）","H3530单指向麦克风（带放大电路和H3530固定螺母）、等效于12840G-07+18812G-03/18740G-52+18744G-01+18920G-02/18920G-04，无品牌要求。","无品牌要求","个",30,90,2700,"云南","赵灼莹"]
[332,"FXQ-18KG","防锈漆-18KG","柠黄亮光油漆，18kg/桶，无品牌要求","无品牌要求","桶",5,805,4025,"云南","赵灼莹"]
[333,"FXDQ-350ML","防锈底漆-350毫升","镀锌/不锈管/铝专用底漆,灰色/规格350ML自喷罐装,无品牌要求","无品牌要求","瓶",100,9,900,"云南","赵灼莹"]
[334,"JL-8-WX","脚轮-8寸聚氨酯万向","规格：8寸聚氨酯弹簧减震万向轮，材质：聚氨酯弹簧减震万向轮。品牌：伦越","品牌：伦越","个",20,160,3200,"云南","赵灼莹"]
[335,"EH01-11-100SB304","脚轮-4英寸双刹聚氨酯万向","4英寸脚轮直径10厘米左右，形式：金属双刹活动万向。品牌：伦越","品牌：伦越","个",20,62,1240,"云南","赵灼莹"]
[336,"JL-8-DX","脚轮-8寸定向","8寸聚氨酯直行轮，品牌：环球","品牌：环球","　个",20,170,3400,"云南","赵灼莹"]
[337,"YQD-370","　减压阀","SV-F70199-P1，型号：YQD-370\n高压氮气减压器，上海减压阀厂家　","上海减压阀厂家　\n","　个",10,680,6800,"云南","赵灼莹"]
[338,"4-5179-939","脚轮-5寸万向","5寸聚氨酯万向轮，品牌：环球","品牌：环球","　个",20,76,1520,"云南","赵灼莹"]
[339,"4-6179-939","脚轮-6寸万向","6寸聚氨酯万向轮，品牌：环球","品牌：环球","　个",20,96,1920,"云南","赵灼莹"]
[340,"CXMD-2.4X6MM","　抽芯铆钉-2.4X6MM","　不锈钢，2.4X6MM，无品牌要求","无品牌要求","颗",100,0.66,66,"云南","赵灼莹"]
[341,"CXMD-3X7MM","　抽芯铆钉-3X7MM","不锈钢，3X7MM，无品牌要求","无品牌要求","颗",100,0.22,22,"云南","赵灼莹"]
[342,"CXMD-3X12MM","　抽芯铆钉-3X12MM","　不锈钢，3X12MM，无品牌要求","无品牌要求","颗",100,0.27,27,"云南","赵灼莹"]
[343,"CXMD-4X6MM","抽芯铆钉-4X6MM","　不锈钢，4X6MM，无品牌要求","无品牌要求","颗",100,0.18,18,"云南","赵灼莹"]
[344,"CXMD-5X10MM","　抽芯铆钉-5X10MM","　不锈钢，5X10MM，无品牌要求","无品牌要求","颗",100,0.26,26,"云南","赵灼莹"]
[345,"CXMD-5X20MM","　抽芯铆钉-5X20MM","　不锈钢，5X20MM，无品牌要求","无品牌要求","颗",100,0.42,42,"云南","赵灼莹"]
[346,"WLJZW-DD4.8X20MM","外六角钻尾-带垫4.8X20MM","不锈钢，4.8X20MM，无品牌要求","无品牌要求","颗",100,0.24,24,"云南","赵灼莹"]
[347,"WLJZW-DD4.8X30MM","外六角钻尾-带垫4.8X30MM","不锈钢，4.8X30MM，无品牌要求","无品牌要求","颗",100,0.29,29,"云南","赵灼莹"]
[348,"WLJZW-DD4.8X40MM","外六角钻尾-带垫4.8X40MM","不锈钢，4.8X40MM，无品牌要求","无品牌要求","颗",100,0.3,30,"云南","赵灼莹"]
[349,"WLJZW-DD4.8X50MM","外六角钻尾-带垫4.8X50MM","不锈钢，4.8X50MM，无品牌要求","无品牌要求","颗",100,0.31,31,"云南","赵灼莹"]
[350,"WLJZW-DD4.8X60MM","外六角钻尾-带垫4.8X60MM","不锈钢，4.8X60MM，无品牌要求","无品牌要求","颗",100,0.33,33,"云南","赵灼莹"]
[351,"WLJZW-DD4.8X70MM","外六角钻尾-带垫4.8X70MM","不锈钢，4.8X70MM，无品牌要求","无品牌要求","颗",100,0.4,40,"云南","赵灼莹"]
[352,"WLJZW-DD4.8X80MM","外六角钻尾-带垫4.8X80MM","不锈钢，4.8X80MM，无品牌要求","无品牌要求","颗",100,0.44,44,"云南","赵灼莹"]
[353,"WLJZW-DD4.8X100","外六角钻尾-带垫4.8X100MM","不锈钢，4.8X100MM，无品牌要求","无品牌要求","颗",100,0.52,52,"云南","赵灼莹"]
[354,"WLJZW-DD5.5X30MM","外六角钻尾-带垫5.5X30MM","不锈钢，5.5X30MM，无品牌要求","无品牌要求","颗",100,0.24,24,"云南","赵灼莹"]
[355,"WLJZW-DD5.5X50MM","外六角钻尾-带垫5.5X50MM","不锈钢，5.5X50MM，无品牌要求","无品牌要求","颗",100,0.28,28,"云南","赵灼莹"]
[356,"WLJZW-DD5.5X80MM","外六角钻尾-带垫5.5X80MM","不锈钢，5.5X80MM，无品牌要求","无品牌要求","颗",100,0.58,58,"云南","赵灼莹"]
[357,"LS-ZSM6X10MM","自锁螺栓（螺栓+防松母+平垫）","不锈钢，M6X10MM，无品牌要求","无品牌要求","套",100,0.4,40,"云南","赵灼莹"]
[358,"LS-ZSM6X12MM","螺栓-自锁M6X12MM（螺栓+防松母+平垫）","不锈钢，M6X12MM，无品牌要求","无品牌要求","套",100,0.4,40,"云南","赵灼莹"]
[359,"LS-ZSM6X16MM","螺栓-自锁M6X16MM（螺栓+防松母+平垫）","不锈钢，M6X16MM，无品牌要求","无品牌要求","套",100,0.42,42,"云南","赵灼莹"]
[360,"LS-ZSM6X20MM","螺栓-自锁M6X20MM（螺栓+防松母+平垫）","不锈钢，M6X20MM，无品牌要求","无品牌要求","套",100,0.42,42,"云南","赵灼莹"]
[361,"LS-ZSM6X30MM","螺栓-自锁M6X30MM（螺栓+防松母+平垫）","不锈钢，M6X30MM，无品牌要求","无品牌要求","套",100,0.46,46,"云南","赵灼莹"]
[362,"LS-ZSM6X40MM","螺栓-自锁M6X40MM（螺栓+防松母+平垫）","不锈钢，M6X40MM，无品牌要求","无品牌要求","套",100,0.54,54,"云南","赵灼莹"]
[363,"LS-ZSM8X10MM","螺栓-自锁M8X10MM（螺栓+防松母+平垫）","不锈钢，M8X10MM，无品牌要求","无品牌要求","套",100,0.66,66,"云南","赵灼莹"]
[364,"LS-ZSM8X16MM","螺栓-自锁M8X16MM（螺栓+防松母+平垫）","不锈钢，M8X16MM，无品牌要求","无品牌要求","套",100,0.66,66,"云南","赵灼莹"]
[365,"LS-ZSM8X20MM","螺栓-自锁M8X20MM（螺栓+防松母+平垫）","不锈钢，M8X20MM，无品牌要求","无品牌要求","套",100,0.7,70,"云南","赵灼莹"]
[366,"LS-ZSM8X30MM","螺栓-自锁M8X30MM（螺栓+防松母+平垫）","不锈钢，M8X30MM，无品牌要求","无品牌要求","套",100,0.78,78,"云南","赵灼莹"]
[367,"LS-ZSM8X40MM","螺栓-自锁M8X40MM（螺栓+防松母+平垫）","不锈钢，M8X40MM，无品牌要求","无品牌要求","套",100,0.9,90,"云南","赵灼莹"]
[368,"LS-ZSM10X16MM","螺栓-自锁M10X16MM（螺栓+防松母+平垫）","不锈钢，M10X16MM，无品牌要求","无品牌要求","套",100,1.5,150,"云南","赵灼莹"]
[369,"LS-ZSM10X20MM","螺栓-自锁M10X20MM（螺栓+防松母+平垫）","不锈钢，M10X20MM，无品牌要求","无品牌要求","套",100,1.5,150,"云南","赵灼莹"]
[370,"LS-ZSM10X30MM","螺栓-自锁M10X30MM（螺栓+防松母+平垫）","不锈钢，M10X30MM，无品牌要求","无品牌要求","套",100,1.7,170,"云南","赵灼莹"]
[371,"LS-ZSM10X40MM","螺栓-自锁M10X40MM（螺栓+防松母+平垫）","不锈钢，M10X40MM，无品牌要求","无品牌要求","套",100,1.8,180,"云南","赵灼莹"]
[372,"H-5265","波音充气接头　","8V1卡式轮胎充气接头　SV-F70199-6/H-5265，型号：H-5265，进口OEM件","进口OEM件","　个",10,148,1480,"云南","赵灼莹"]
[373,"H-4660A","空客充气接头　","12V1卡式轮胎充气接头SV-F70199-35/H-4660A，型号：H-4660A，H-466A的充气接头为进口OEM件","进口OEM件","　个",20,460,9200,"云南","赵灼莹"]
[374,"CQGJT-QJD30PM","千斤顶充气接头（公头）","30PM，材质：碳钢。无品牌要求","无品牌要求","　个",5,22,110,"云南","赵灼莹"]
[375,"CQMJT-QJD40SP","千斤顶充气接头（母头）","40SP，材质：碳钢。无品牌要求","无品牌要求","　个",5,50,250,"云南","赵灼莹"]
[376,"QCG-WXGS-8-60","气撑杆-万向GS-8-60","两头万向GS-8-60，材质：碳钢。无品牌要求","无品牌要求","　个",2,1300,2600,"云南","赵灼莹"]
[377,"JLG-QJD","加力杆-千斤顶","55001，型号：FULCRUM打压手柄，无品牌要求","无品牌要求","　个",3,1560,4680,"云南","赵灼莹"]
[378,"GDX-QJD55002","固定销-千斤顶55002","55002，型号：FLAT HEAD PIN,5/16 DIA，材质：碳钢。无品牌要求","无品牌要求","　个",2,520,1040,"云南","赵灼莹"]
[379,"GDXBZ-QJD372-028","固定销别针-千斤顶372-028","要求规格：372-028，型号：BOW TIE COTTER，材质：碳钢。无品牌","无品牌要求","　个",2,100,200,"云南","赵灼莹"]
[380,"THK-M4DM","弹簧扣-M4带母","304不锈钢银色，带螺母弹簧扣 ，无品牌要求","无品牌要求","　个",20,10,200,"云南","赵灼莹"]
[381,"KXJT-SYB17-20-00","快卸接头-反推手摇泵　","手摇泵厂家TMH生产的TMHG17-20-00快卸接头；型号：Ball-Locking 常规液压快速接头，无品牌要求","无品牌要求","　个",2,560,1120,"云南","赵灼莹"]
[382,"RHY-F2","润滑油F2","LGMT2/5规格5kg/桶，品牌: SKF/斯凯孚","品牌: SKF/斯凯孚","罐",10,455,4550,"云南","赵灼莹"]
[383,"ZC-3030S","轴承-3030S","型号：3030S，无品牌要求","无品牌要求","个",2,20.5,41,"云南","赵灼莹"]
[384,"XJL-SX18X7-8","橡胶轮-实心18X7-8","实心轮胎18×7-8配8孔钢圈，材质：全橡胶。无品牌要求","无品牌要求","个",6,610,3660,"云南","赵灼莹"]
[385,"TJZCJ-ZLA330","梯架支撑脚-主轮A330舱内铝合金","330A330-FDJCNTJ，材质：铝合金。无品牌要求","无品牌要求","　个",2,820,{"$f":"G386*H386","v":1640},"云南","赵灼莹"]
[386,"TJZCJ-FDJA330","梯架支撑脚-发动机A330舱内铝合金","A330-ZQLJCNTJ，材质：铝合金。无品牌要求","无品牌要求","　个",2,820,1640,"云南","赵灼莹"]
[387,"XJL-14-87ZX","橡胶轮-14寸87重型","橡胶轮-14寸87重型，孔径30mm。无品牌要求","无品牌要求","个",8,460,3680,"云南","赵灼莹"]
[388,"XJL-16-400X100ZX","橡胶轮-16寸400X100重型","橡胶轮-16寸400X100重型，孔径30mm，400X100宽，单轮重约20kg。无品牌要求","无品牌要求","个",8,729,5832,"云南","赵灼莹"]
[389,"H-5265","波音充气接头","8V1卡式轮胎充气接头SVF70199-\n6/H5265，型号：H5265，进口OEM件","进口OEM件","个",10,148,1480,"云南","赵灼莹"]
[390,"JTXJQ","波音充气接头橡胶垫圈","外直径11.5mm*内径6mm*厚度3，无品牌要求","无品牌要求","个",200,0.3,60,"云南","赵灼莹"]
[391,"JTXJQ","空客充气接头橡胶垫圈","外直径16mm*内径8mm*厚度3，无品牌要求","无品牌要求","个",200,0.3,60,"云南","赵灼莹"]
[392,6991014,"快速母接头头-1/4内丝","母头1/4内丝，无品牌要求","无品牌要求","个",10,19.5,195,"云南","赵灼莹"]
[393,"JT-NPT1/4","接头-NPT1/4两端外丝","两端公头1/4外丝，无品牌要求","无品牌要求","个",48,4.5,216,"云南","赵灼莹"]
[394,"DSK-M8","登山扣-M8","型号：M8，带环型。无品牌要求","无品牌要求","个",300,10,3000,"云南","赵灼莹"]
[395,"DSK-M5","登山扣-M5","型号：M5，椭圆接环。无品牌要求","无品牌要求","个",300,7,2100,"云南","赵灼莹"]
[396,"JL-2.5YCTXJAZDX","脚轮-2.5英寸铁芯聚氨酯定向","铁芯聚氨酯、2.5英寸脚轮直径63mm，轮子高度85mm定向脚轮。无品牌要求","无品牌要求","个",10,18,180,"云南","赵灼莹"]
[397,"XDT-XDJG-YS","消毒桶-XDJG-YS","7L消毒桶，最大工作压力0.3Mpa，打压方式为手动，最大流量2L/min。无品牌要求","无品牌要求","个",6,198,1188,"云南","赵灼莹"]
[398,"KXX-5MMX60MM","快卸销_直径5mm_夹持长度60mm","材质：不锈钢 直径5mm销子，夹持长度60mm 符合MS17985标准；T形手柄快卸销；手柄为黑色铝质；主体材料：不锈钢；夹持长度：60mm；含有孔及开口环,便于与系索连接；无品牌要求","无品牌要求","个",20,70,1400,"云南","赵灼莹"]
[399,"AYKG-EJ","PTT开关","M12上螺纹按下导通自复位开关，原厂件号：26619P-29，无品牌要求","无品牌要求","个",30,12,360,"云南","赵灼莹"]
[400,"MJT-LW8V1","母接头-充气工具LW8V1","F70199-31（8921螺纹8V1），无品牌要求","无品牌要求","　个",2,590,1180,"云南","赵灼莹"]
[401,"MJT-F70199-32","母接头-充气工具F70199-32","F70199-32（8921螺纹12V1），无品牌要求","无品牌要求","　个",2,670,1340,"云南","赵灼莹"]
[402,"KXJT-F70199-31M","快卸接头-母充气工具F70199-31","COUPLER/SV-F70199-31，型号：LAM-02SF，无品牌要求","无品牌要求","  个　",2,120,240,"云南","赵灼莹"]
[403,"KXJT-F70199-32M","快卸接头-公充气工具F70199-32","　NIPPLE/SV-F70199-32，型号：LAM-02PM，无品牌要求","无品牌要求","　个",2,60,120,"云南","赵灼莹"]
[404,"FYGZ-LAM-02PM","　放油杆罩LAM-02PM","罩子口直径23.5cm*底部宽度6.6cm*高度23cm。硅胶材质，型号：LAM-02PM，无品牌要求","无品牌要求","　个",10,660,6600,"云南","赵灼莹"]
[405,"PTTH-QPC12MM","爬梯弹簧-气瓶车12MM","中央减震，弹簧粗12mm，无品牌要求","无品牌要求","　个",2,224,448,"云南","赵灼莹"]
[406,"RHJ28442","Haskel专用润滑剂28442","Haskel 28442专用润滑油品牌：Haskel，送货地址：昆明","品牌：Haskel","桶",3,588,1764,"云南","赵灼莹"]
[407,"29376-AA-30","O型密封圈","型号：29376-AA-30，O型密封圈品牌：Haskel，送货地址：昆明","品牌：Haskel","个",3,175,525,"云南","赵灼莹"]
[408,"PC-1043","Haskel进气空气滤清器芯","PC-1043 品牌：Haskel，送货地址：昆明","品牌：Haskel","个",3,1400.5,4201.5,"云南","赵灼莹"]
[409,"SXLT-4.00-8","实心轮胎-4.00-8","高弹性能量实心轮胎型号：4.00-8（3.00\\3.75）\n品牌：chaolida","品牌：chaolida","个",7,480,3360,"云南","赵灼莹"]
[410,"YYY-HK10#","地面液压油-航空10#-10KG","执行标准目前需要满足MIL-PRF-5606H或SH0358-1995或QSY YM0024-2022或QSY YM0024-2000或QQCDF 009-2022；昆仑10号液压油：10KG/桶，品牌：昆仑\n送货地址：成都天府","品牌：昆仑","桶",5,430,2150,"云南","赵灼莹"]
[411,"RKRT72A","配件-T72棘轮扳手","适配实耐宝T72棘轮扳手1/4\n品牌：实耐宝","品牌：实耐宝","件",10,125,1250,"云南","赵灼莹"]
[412,"RKRF80","配件-F80棘轮扳手","适配实耐宝F80棘轮扳手3/8\n品牌：实耐宝","品牌：实耐宝","件",10,168,1680,"云南","赵灼莹"]
[413,"SEKG-3-5MM","双耳卡箍","N/A双耳卡箍规格3-5mm带宽6.0mm料厚\n0.7mm，原厂件号：24433P10,无品牌要求","无品牌要求","个",30,8,240,"云南","赵灼莹"]
[414,"YPCT-6.35MM","接头音频线组件","接头音频线组件2：6.35mm（耳机配件）（插头）规格2：6.35mm音频接头3芯，原厂件号：18028G11,无品牌要求","无品牌要求","副",30,20,600,"云南","赵灼莹"]
[415,"ZT-FGZ","锥套-反光锥","反光面料白，上长40M，下长64CM，高27CM，反光材质按要求印刷LOGO，无品牌要求","无品牌要求","张",200,17,3400,"云南","赵灼莹"]
[416,"ZPQ-350ML","手摇自动喷漆","350ml/瓶，中黄色，无品牌要求","无品牌要求","瓶",50,4.54,227,"天津","金晓龙"]
[417,"KKX-M3X50","开口销3X50","镀锌开口销M3*50","无品牌要求","个",500,0.24,120,"天津","金晓龙"]
[418,"MD-M5X30","抽芯铆钉-5X30MM","规格：5X30MM、材质：抽芯铆钉/铝","无品牌要求","个",600,0.11,66,"天津","金晓龙"]
[419,"MD-M3X16","抽芯铆钉-3X16MM","规格：3X16MM、材质：抽芯铆钉/铝","无品牌要求","个",600,0.05,30,"天津","金晓龙"]
[420,"ZGD-YW","燕尾钉","规格：M12X40，六角钻尾螺丝","无品牌要求","个",400,0.25,100,"天津","金晓龙"]
[421,"XJ-RX-8.4MM","线夹-R型-8.4毫米","用于各类高空车防撞杆与防撞开关连接。规格：形状R型，R孔直径8-8.4mm，固定孔直径4mm，材质尼龙，无品牌要求","无品牌要求","个",200,0.45,90,"天津","金晓龙"]
[422,"XJ-RX-6.4MM","线夹-R型-6.4毫米","用于各类高空车防撞杆与防撞开关连接。规格：形状R型，R孔直径6-6.4mm，固定孔直径4mm，材质尼龙，无品牌要求","无品牌要求","个",200,0.35,70,"天津","金晓龙"]
[423,"XJ-RX-12.7MM","线夹-R型-12.7毫米","用于各类高空车防撞杆与防撞开关连接。规格：形状R型，R孔直径12-12.7mm，固定孔直径4mm，材质尼龙，无品牌要求","无品牌要求","个",200,0.55,110,"天津","金晓龙"]
[424,"MD-BXGYT-M4X10MM","铆钉-不锈钢圆头-M4X10毫米","用于高空车防撞开关头部固定防撞杆，规格：直径：4mm，铆钉长度10mm，半圆形头部，头部直径7mm，不锈钢材质，无品牌要求","无品牌要求","个",200,0.45,90,"天津","金晓龙"]
[425,"MD-BXGYT-M3.5X18","铆钉-不锈钢圆头-M3.5X18毫米","用于高空车防撞开关头部固定防撞杆，规格：直径：3.5mm，铆钉长度18mm，半圆形头部，头部直径6mm，不锈钢材质，无品牌要求","无品牌要求","个",200,0.78,156,"天津","金晓龙"]
[426,"LT-2MM","铝套-2MM","内径为2MM，用于夹紧包塑钢丝绳，无品牌要求","无品牌要求","个",600,0.1,60,"天津","金晓龙"]
[427,"KKX-M5X50","开口销","镀锌开口销M5*50","无品牌要求","个",300,0.58,174,"天津","金晓龙"]
[428,"KKX-M4X45","开口销4X45","镀锌开口销M4*45","无品牌要求","个",300,0.34,102,"天津","金晓龙"]
[429,"JMJ-4","角磨机切割片/4寸","内径1.5cm，外径10cm，用于切割钢管角铁等，无品牌要求。","无品牌要求","片",500,1.3,650,"天津","金晓龙"]
[430,"WLJLS-8X25MM-4.8","外六角螺栓-8X25MM-4.8","配自锁螺帽垫片弹簧垫片8mmX25mm全螺纹","无品牌要求","套",200,1.5,300,"天津","金晓龙"]
[431,"LS-ZSM4X45MM","螺栓-自锁M4X45MM（螺栓+防松母+平垫）","自锁螺栓（螺栓+防松母+平垫），圆头十字螺栓，设备维修耗材，规格：M4X45MM、材质：304不锈钢。无品牌要求","无品牌要求","个",200,3.5,700,"天津","金晓龙"]
[432,"LSLM-8X60","M4六角头螺丝-螺母","配自锁螺帽垫片弹簧垫片8mmX60mm全螺纹","无品牌要求","套",200,2.24,448,"天津","金晓龙"]
[433,"FZT-50MM","防撞条-Φ50mm","半圆D形，宽5CM，厚0.5CM，半圆处高度3CM，表面红色，橡胶材质，耐腐蚀、耐高温、耐磨损，详见附件截面图片，无品牌要求","无品牌要求","米",100,66,6600,"天津","金晓龙"]
[434,"TTEZ-H3312","听筒耳罩","吸塑TPU内夹低密度海绵，外形尺寸按照图纸制造，适用件号H3312耳机的听筒耳罩，原厂件号：18316G-02","无品牌要求","只",150,9.26,1389,"天津","金晓龙"]
[435,"FQ-D7.5X1.0MM","封圈-内径7.5X1毫米","材质：NBR70，形状：O形，尺寸：7.5mm内径，1mm线径，无品牌要求","无品牌要求","个",100,0.5,50,"天津","金晓龙"]
[436,"FQ-D4.5X1.0MM","封圈-内径4.5X1毫米","材质：NBR70，形状：O形，尺寸：4.5mm内径，1mm线径，无品牌要求","无品牌要求","个",100,0.5,50,"天津","金晓龙"]
[437,"PWC52-K","胶垫-插头钳","品牌：Snap-on（插头钳原装胶垫），适配PWC52A插头钳","无品牌要求","对",100,78,7800,"天津","金晓龙"]
[438,"AGK-8M","弹簧扣M8","材质：不锈钢，长80毫米，宽40毫米，开口宽度11毫米，载重不低于100千克，带螺母，无品牌要求","无品牌要求","个",150,13.06,1959,"天津","金晓龙"]
[439,"JZD-737/320QYG","减震垫-737/320牵引杆","用于件号ZZTBGZ-737/319、98A09003000001的东科信牵引杆，规格：内径50.2，外径125，厚度20，5个组成1套，每根牵引杆1套。无品牌要求","无品牌要求","套",18,180,3240,"天津","金晓龙"]
[440,"ZDX-737320DKXJZD","止动销-737/320东科信减震垫","适用于东科信生产的带有减震垫的737/320牵引杆，止动销用于固定减震垫的结构件，更换减震垫须拆卸此部件，东科信答复此止动销不能重复使用。品牌：东科信。","无品牌要求","根",21,120,2520,"天津","金晓龙"]
[441,"TL-￠10BJ","铁链","长6公分宽2公分左右，协议件号：TL-￠10，特殊字符无法新建立件号，本次以老件号TL-￠10BJ申请","无品牌要求","米",150,6.78,1017,"天津","金晓龙"]
[442,"PZLS-8X70MM","膨胀螺栓-8X70MM","国标4.8级碳钢镀蓝白锌膨胀螺栓型号M8*70","无品牌要求","个",80,1.09,87.2,"天津","金晓龙"]
[443,"PZLS-12X80MM","膨胀螺栓-12X80MM","国标4.8级碳钢镀蓝白锌膨胀螺栓型号M12*80","无品牌要求","个",80,2.54,203.2,"天津","金晓龙"]
[444,"PZLS-10X80MM","膨胀螺栓-10X80MM","国标4.8级碳钢镀蓝白锌膨胀螺栓型号M10*80","无品牌要求","个",80,2.4,192,"天津","金晓龙"]
[445,"LG-BSZX","螺杆-拔枢轴销","螺杆-拔枢轴销，螺纹12x1.75mm，用于枢轴销拔具（EMT320001），无品牌要求","无品牌要求","个",40,90,3600,"天津","金晓龙"]
[446,"GDX-EMT320001","固定销-EMT320001","固定销-EMT320001，规格：10.8X21.6mm；7.46x6.2mm孔径5.1mm，用于枢轴销拔具（EMT320001），无品牌要求","无品牌要求","个",20,20,400,"天津","金晓龙"]
[447,"FZG-TXW-6MM","防撞杆-碳纤维-6MM","材质：碳纤维，外径6mm，内径4.7mm，单根长度1.5米，无品牌要求","无品牌要求","根",60,20,1200,"天津","金晓龙"]
[448,"EP512","开关","开孔6mm.按下接通自锁，适用件号ZBEJB-190/145的国产耳机的开关，型号30PL006","无品牌要求","只",50,25,1250,"天津","金晓龙"]
[449,"EP510","插头","6.35mm音频接头3芯，适用件号ZBEJB-190/145的国产耳机的插头","无品牌要求","件",60,35,{"$f":"G450*H450","v":2100},"天津","金晓龙"]
[450,"DP-30MM","垫片","金属垫片M30，镀锌内径30mm","无品牌要求","个",60,3.16,189.6,"天津","金晓龙"]
[451,"DP-28MM","垫片","金属垫片M27，镀锌内径28mm","无品牌要求","个",60,1.88,112.8,"天津","金晓龙"]
[452,"DP-20MM","垫片","金属垫片M20，镀锌内径20mm","无品牌要求","个",60,0.88,52.8,"天津","金晓龙"]
[453,"AYKG-EJ","PTT开关","M12上螺纹按下导通自复位开关，原厂件号：26619P-29","无品牌要求","只",60,20,1200,"天津","金晓龙"]
[454,"FZXJG-38MM","防撞橡胶管-38MM","直径38毫米，内径38mm*5层","无品牌要求","米",100,28.1,2810,"天津","金晓龙"]
[455,"Shell Tellus T46","液压油Shell Tellus T46","壳牌（Shell) 46号宽温液压油 得力士Tellus S2VX46 原得力士T46 20L，建议品牌壳牌","壳牌","桶",10,640,6400,"天津","金晓龙"]
[456,"JGJTZ-737/320QYG","紧固件套装-737/320牵引杆","用于件号ZZTBGZ-737/319的东科信牵引杆，包含但不限于：1.内六角圆柱头螺钉平垫、弹垫，M6*12，6个、M8*30，10个、M10*60，8个、M12*55，12个、M12*60，2个。2.六角头螺栓8.8级，M8*25，4个、M8*50,2个、M10*25,2个、M10*20，4个、M16*100，2个。3.自锁螺母，M6，4个、M8，4个、M12，2个、M16，2个、M20，1个。以上螺栓螺钉均应配有相匹配的弹垫和平垫，所有螺栓螺母均要求镀锌且均不低于8.8级。要求符合：GBT 3098.1-2010 紧固件机械性能螺栓、螺钉和螺柱标准。无品牌要求","无品牌要求","套",9,1350,12150,"天津","金晓龙"]
[457,"CXJ-400ML-WD40","除锈剂-400ML-WD40","名称：WD40除锈剂，每瓶400ml，品牌不做要求。","无品牌要求","瓶",60,60,3600,"天津","金晓龙"]
[458,"YTLD-M3X6","听筒固定螺钉","M3*6圆头螺钉，原厂件号：13180P-03","无品牌要求","只",50,2,100,"天津","金晓龙"]
[459,"YPCT-6.35MM","音频插头","规格2：6.35mm音频接头3芯，原厂件号：18028G-11，无品牌要求。据一线反馈甬声品牌插头不耐磨，建议不选用此品牌。","无品牌要求","个",50,20,1000,"天津","金晓龙"]
[460,"YLX36G-015P","加油车油滤芯","用于东科信生产的件号PF53481-BP2197、PF55451-23、DH13PM、PF53361-2PWS、7211勤务加油车的油滤芯，优先选用OEM件，无品牌要求","东科信","个",10,700,7000,"天津","金晓龙"]
[461,"WLNJ-LD-N","行程开关-欧姆龙","型号：WLNJ-LD-N,带灯，弹簧，IP67 - 防尘，防水，建议品牌欧姆龙","欧姆龙","个",50,142,7100,"天津","金晓龙"]
[462,"WLJLS-20X80MM8.8","外六角螺栓-20X80MM8.8","配自锁螺帽垫片弹簧垫片20mmX80mm全螺纹","无品牌要求","套",20,26.11,522.2,"天津","金晓龙"]
[463,"WLJLS-18X60MM8.8","外六角螺栓-18X60MM8.8","配自锁螺帽垫片弹簧垫片18mmX60mm全螺纹","无品牌要求","套",20,18.61,372.2,"天津","金晓龙"]
[464,"WLJLS-14X60MM8.8","外六角螺栓-14X60MM-8.8","配自锁螺帽垫片弹簧垫片14mmX60mm全螺纹","无品牌要求","套",20,9.04,180.8,"天津","金晓龙"]
[465,"MKFZZ","麦克风嘴罩","麦克风嘴罩，原厂件号18417G-02，按照图纸制造","无品牌要求","只",40,15,600,"天津","金晓龙"]
[466,"MKF","麦克风","单指向麦克风（带放大电路），原厂件号：12948G-15，按照图纸制造","无品牌要求","个",50,120,6000,"天津","金晓龙"]
[467,"KHX-BZ-M3X110MM","卡簧销-别针-M3X110毫米","材质：不锈钢，直径3mm，全长110mm，别针卡簧销","无品牌要求","个",20,10,200,"天津","金晓龙"]
[468,"KG-64-76MM","卡箍","64-76mm(直径)，用于放油工具98A28104000000","无品牌要求","个",50,1.37,68.5,"天津","金晓龙"]
[469,"KG-46-70MM","卡箍","46-70mm(直径)","无品牌要求","个",50,1.03,51.5,"天津","金晓龙"]
[470,"KG-38-57MM","卡箍","38-57mm宽12mm，304不锈钢","无品牌要求","个",50,0.83,41.5,"天津","金晓龙"]
[471,"KG-25-38MM","卡箍","25-38mm宽8mm，304不锈钢","无品牌要求","个",50,0.9,45,"天津","金晓龙"]
[472,"KG-18-32MM","卡箍","18-32mm(直径)","无品牌要求","个",50,0.87,43.5,"天津","金晓龙"]
[473,"KG-10-16MM","卡箍","10-16mm宽8mm，304不锈钢","无品牌要求","个",50,0.45,22.5,"天津","金晓龙"]
[474,"K-3658","滤芯","适用于tronair油车滤芯，适用于06-5022-6600，品牌tronair","tronair","个",8,3100,24800,"天津","金晓龙"]
[475,"JZTH-190QYG","减震弹簧-190牵引杆","用于件号AGE-01306-401的东科信牵引杆，压簧：外径90*钢丝直径12*圈数6*总长105。无品牌要求","无品牌要求","个",10,360,3600,"天津","金晓龙"]
[476,"JGJTZ-190QYG","紧固件套装-190牵引杆","用于件号AGE-01306-401的东科信牵引杆，包含但不限于：1.内六角圆柱头螺钉，M10*95,8个、M10*50，8个、M12*60，2个、M12*50,18个。2.六角头螺栓C级，M10*15，2个、M8*40,2个、M8*25，4个、M6*45，1个。3.六角头螺栓8.8级，M10*25，2个、M12*95，4个。4.六角头螺母8.8级，M10，12个、M12，16个、M27，1个。5.自锁螺母，M8，8个、M10，3个、M12，2个、M20，1个。以上螺栓螺钉均应配有相匹配的弹垫和平垫，所有螺栓螺母均要求镀锌且均不低于8.8级。要求符合：GBT 3098.1-2010 紧固件机械性能螺栓、螺钉和螺柱标准。无品牌要求","无品牌要求","套",53,1350,71550,"天津","金晓龙"]
[477,"FLLM-M12","法兰螺母-M12","螺纹M12x1.75mm，材质：45#钢，表面处理：整体发黑处理，螺母对边：18mm，法兰直径：25mm，法兰厚度：4mm，整体高度：18mm，与LG-BSZX螺杆搭配使用","无品牌要求","个",30,35,1050,"天津","金晓龙"]
[478,"FDY-CC4L","防冻液","4kg零下35℃，建议品牌长城","无品牌要求","桶",20,49.89,997.8,"天津","金晓龙"]
[479,"EP509","螺旋导线","规格：4*0.2mm²，外径4.5mm，四芯带屏蔽层（无氧铜丝）螺旋线静置状态大约4米，螺旋展开长度是12米，自带6.35mm音频接头，适用件号ZBEJB-190/145的国产耳机和H3312耳机，型号：30CR003，无品牌要求","无品牌要求","根",50,280,14000,"天津","金晓龙"]
[480,"AQX-GZTFS-9X75MM","安全销-工作梯扶手-9X75毫米","用于工作梯滑动扶手的安全锁定销，金属材质，销子：有效长度7.5cm，直径0.9cm，尾部带有可穿越的固定环。","无品牌要求","个",30,28,840,"天津","金晓龙"]
[481,"704GXJ","704硅橡胶","型号：704硅橡胶，快速固化绝缘，耐老化，防潮抗震，耐高低温，无品牌要求，颜色：白色，每件不少于45克，品牌不做要求。","无品牌要求","个",30,9,270,"天津","金晓龙"]
[482,"JGJTZ-320QYG","紧固件套装-320牵引杆","用于件号98A09003000001的东科信320牵引杆，包含但不限于：1.内六角圆柱头螺钉平垫、弹垫M10*50，8个、M8*55，2个、M8*30，7个、M12*60，2个。2.六角头螺栓8.8级M12*55，12个、M8*50，3个、M10*20，4个、M10*25，2个、M16*100，2个。3.自锁螺母M6，4个、M8，4个、M12，2个。4.8.8级六角螺母M16，2个、M20，1个。以上螺栓螺钉均应配有相匹配的弹垫和平垫，所有螺栓螺母均要求镀锌且均不低于8.8级。要求符合：GBT 3098.1-2010 紧固件机械性能螺栓、螺钉和螺柱标准。无品牌要求","无品牌要求","套",9,195,1755,"天津","金晓龙"]
[483,"JY-800ML","机油（二冲程","美孚（Mobil）美孚小霸王2T 摩托车机油 二冲程发动机油 FB级 1L 汽车保养","无品牌要求","瓶",8,46.8,374.4,"天津","金晓龙"]
[484,"HELISB-011-13","冷拔配件","膨胀配件标准件号工具，HELISB-011-13，无品牌要求","无品牌要求","个",8,580,4640,"天津","金晓龙"]
[485,"HELISB-010-13","冷拔配件","膨胀配件标准件号工具，HELISB-010-13，无品牌要求","无品牌要求","个",8,580,4640,"天津","金晓龙"]
[486,"CLY-80W90GL-5","齿轮油-80W90GL-5","API等级: GL-5 粘度等级: 80W-90 净含量：16kg/桶，无品牌要求\n需配送到指定地点，5桶配发天津，3桶配发呼和。","无品牌要求","桶",8,330,2640,"天津","金晓龙"]
[487,"JZD-330QYG","减震垫-330牵引杆","用于件号ZZTOWBAR-A330的威克特牵引杆，材质：缓冲橡胶垫，规格：内34×外60×44，硬度没有特别要求，无品牌要求","无品牌要求","个",6,32,192,"天津","金晓龙"]
[488,"JGJTZ-330QYG","紧固件套装-330牵引杆","用于件号ZZTOWBAR-A330的威克特牵引杆，详细规格见附件清单，螺栓螺钉均应配有相匹配的弹垫和平垫，所有螺栓螺母均要求镀锌且均不低于8.8级。要求符合：GBT 3098.1-2010 紧固件机械性能螺栓、螺钉和螺柱标准。无品牌要求","无品牌要求","套",6,258,1548,"天津","金晓龙"]
[489,"BPR5ES","发电机火花塞","适用EG6500CXS型号发电机，98079-55846,适用ELT6500CX型号发电机，品牌工卡要求NGK品牌","NGK","个",20,25,500,"天津","金晓龙"]
[490,"ZC-30307","轴承","属圆锥滚子公制30000系列，内圈：30307 外圈：30307 d（内径）：35.000 mm D（外径）：80.000 mm T（厚度）：21.00mm，品牌要求哈尔滨","哈尔滨","件",10,30.24,302.4,"天津","金晓龙"]
[491,"ZC-30305","轴承","属圆锥滚子公制30000系列，尺寸参数 内圈：30305 外圈：30305 内径：25.000 mm 外径：62.000 mm 厚度：18.500 mm，品牌要求哈尔滨","哈尔滨","件",10,21.6,216,"天津","金晓龙"]
[492,"ZEZ-H3312","左耳罩","用于H3312耳机，由于采用国产配件，无法使用原厂件号，故自编件号，天津维保自理，申请建立件号。替代原厂件号：11353P-23。无品牌要求。","无品牌要求","个",20,34,680,"天津","金晓龙"]
[493,"YPXNM-DJJPD780G","音频旋钮帽-对讲机PD780G","用于件号海能达PD780G型号对讲机，音量旋钮，品牌无要求。","无品牌要求","个",10,19,190,"天津","金晓龙"]
[494,"YER-H3312","右耳罩","用于H3312耳机，由于采用国产配件，无法使用原厂件号，故自编件号，天津维保自理，申请建立件号。替代原厂件号：11353P-24。无品牌要求。","无品牌要求","个",20,34,680,"天津","金晓龙"]
[495,"TDCD-H3312","头顶衬垫-H3312","用于H3312耳机配件，采用国产替代配件，因此建立件号，天津维保自理，申请建立件号。原厂件号：10133G-41。无品牌要求。","无品牌要求","个",20,70,1400,"天津","金晓龙"]
[496,"SJJGFCZ","升降机构防尘罩","规格：60*330mm，材质：PVC,颜色：蓝色，此工具用于牵引杆升降机构丝杠防尘，无品牌要求","无品牌要求","个",20,35,700,"天津","金晓龙"]
[497,"MKFZJZC","麦克风支架总成","H3312耳机麦克风支架总成，等效于18317G-02.一套共7件，包含一个支架、三颗螺钉、一颗六角螺母、两个插片螺母。无品牌要求。","无品牌要求","个",10,75,750,"天津","金晓龙"]
[498,"MKFYPXZJ","麦克风音频线组件","2*0.15mm²，外径3.6mm，两芯带屏蔽层（无氧铜丝），原厂件号：18315G-02，每根3米","无品牌要求","根",20,25,500,"天津","金晓龙"]
[499,"KHK-2.5MM","卡箍","E型卡簧扣 开口挡圈￠2.5，原厂件号：00009M-03","无品牌要求","只",20,1.5,30,"天津","金晓龙"]
[500,"EYTB-750X250X40","镀锌鳄鱼踏板750X250X40","材质：镀锌板，横向开口底部回弯用于固定，规格，长：750mm，宽：250mm，高：40mm","无品牌要求","个",20,210,4200,"天津","金晓龙"]
[501,"EP515","导线保护套","适用件号ZBEJB-190/145的国产耳机的导线保护套，型号：30PL004和30PL005","无品牌要求","只",20,9,180,"天津","金晓龙"]
[502,"EP514","开关耳罩线","2*0.15mm²，外径3.6mm，两芯带屏蔽层（无氧铜丝），每根50厘米，适用件号ZBEJB-190/145的国产耳机的开关耳罩线,型号：30CR002","无品牌要求","根",20,20,400,"天津","金晓龙"]
[503,"EP508","头弓线","2*0.15mm²，外径3.6mm，两芯带屏蔽层（无氧铜丝），每根50厘米，适用件号ZBEJB-190/145的国产耳机的头弓线","无品牌要求","根",20,10,200,"天津","金晓龙"]
[504,"EP506","话筒","开孔6mm，长18厘米，阻抗250欧姆，适用件号ZBEJB-190/145的国产耳机的话筒（安拓）型号30EL003","无品牌要求","套",10,165,1650,"天津","金晓龙"]
[505,"EJX-3.6MMX700MM","头顶线组件","2*0.15mm²，外径3.6mm，两芯带屏蔽层（无氧铜丝），原厂件号：22607G-01，每根7米","无品牌要求","根",30,10,300,"天津","金晓龙"]
[506,"ATF220","美孚ATF220自动排挡液","Mobil 美孚ATF220自动排挡液 自动变速箱油ATF220 18L，建议品牌美孚","美孚","桶",5,680,3400,"天津","金晓龙"]
[507,"3M983D","反光贴-3M警示","型号：983D，规格：5cm宽, 国家标准GB23254-2009二级车身反光标识，每卷24米","3M","卷",10,145,1450,"天津","金晓龙"]
[508,"YYY-HK10#","地面液压油-航空10#-10KG","航空地面10号液压油，10KG/桶，执行标准目前需要满足MIL-PRF-5606H或SH0358-1995或QSY YM0024-2022或QSY YM0024-2000或QQCDF 009-2022，品牌无要求\n需配送到指定地点，4桶配发天津，4桶配发呼和。","无品牌要求","桶",8,340,2720,"天津","金晓龙"]
[509,"XZ-QYGSJJG","销子-牵引杆升降机构","用于东科信生产的牵引杆升降机构的内部锁定销，直径6mm，长度38mm。","无品牌要求","根",10,180,1800,"天津","金晓龙"]
[510,"XJL-SX-350MM","橡胶轮-实心-350毫米","名称：橡胶轮，规格：实心，材质：橡胶，直径：350mm，宽90mm，带与轴承连接铁盘，匹配6206轴承，建议品牌：万力","无品牌要求","个",10,350,3500,"天津","金晓龙"]
[511,"XJL-SX-300MM","橡胶轮-实心-300毫米","名称：橡胶轮，规格：实心，材质：橡胶，直径：300mm，宽80mm，带与轴承连接铁盘，匹配6206轴承，建议品牌：万力","无品牌要求","个",10,260,2600,"天津","金晓龙"]
[512,"XJL-SX-250MM","橡胶轮-实心-250毫米","名称：橡胶轮，规格：实心，材质：橡胶，直径：250mm，宽57mm，带与轴承连接铁盘，匹配6205轴承，建议品牌：万力","无品牌要求","个",10,210,2100,"天津","金晓龙"]
[513,"XJG-2","橡胶管|2寸","直径51毫米，单根长度1.5米，耐寒耐磨橡胶，放水车橡胶管，配套卡箍，无品牌要求","无品牌要求","根",10,220,{"$f":"G514*H514","v":2200},"天津","金晓龙"]
[514,"XDC-6V4.5AH","蓄电池-6V4.5AH","用于电子秤的铅酸免维护蓄电池，规格：100*47*70mm，电压6V，容量4.5AH，无品牌要求","无品牌要求","个",10,51.2,512,"天津","金晓龙"]
[515,"SN10W-40","机油-矿物质机油SN10W-40","4L/桶，矿物质机油SN10W-40，用于ELT6500CX（2台）、EG6500CXS（4台），品牌不做要求。","无品牌要求","瓶",8,141.6,1132.8,"天津","金晓龙"]
[516,"SDX-737TJ96MM","锁定销-737梯架96MM","长9.5CM、宽1CM，连接50cm铁链并带有弹性开口销，无品牌要求","无品牌要求","个",10,60,600,"天津","金晓龙"]
[517,"SDJG-190QYG","锁定机构-190牵引杆","用于更换天津维修基地东科信生产的190牵引杆磨损或弯曲折断的锁定机构，厂家信息：东科信。","无品牌要求","个",10,700,7000,"天津","金晓龙"]
[518,"PC-1043","进气空气滤清器滤芯","用于TRONAIR氮气增压器18-4201-1010进气空气滤滤芯，品牌：TRONAIR","无品牌要求","个",4,1350,5400,"天津","金晓龙"]
[519,"MLX-PP","平压式大胖PP棉滤芯","长50、外径11、内径2.8（厘米）","无品牌要求","个",8,115,920,"天津","金晓龙"]
[520,"LT4.00-8","橡胶轮-实心-4.00-8","名称：橡胶轮，规格：实心，材质：橡胶，规格：4.00-8，匹配轴承：30305、30307或30205、30207，建议品牌：万力","无品牌要求","个",10,580,5800,"天津","金晓龙"]
[521,"460005835-6","460005835舱门锁上的一根销子","L型手柄按钮插销，直径6.36mm，长32.50mm，用于件号460005835舱门锁，无品牌要求","无品牌要求","个",20,145,2900,"天津","金晓龙"]
[522,"42/20","线缆组件直径4.0毫米","用于工具42/734APU钓鱼竿，工具钢缆磨损断股替换，吊具类工具，要求原厂件",null,"根",4,null,0,"天津","金晓龙"]
[523,30207,"轴承","30207轴承属圆锥滚子公制30000系列，内径宽35 mm，外径是72 mm，厚度是18.25 mm，品牌要求哈尔滨","哈尔滨","件",10,20.4,204,"天津","金晓龙"]
[524,30205,"轴承","30205轴承，内径为:25mm，外径为:52 mm，厚度为:16.25 mm，类型为圆锥滚子轴承，品牌要求哈尔滨","哈尔滨","件",10,15.84,158.4,"天津","金晓龙"]
[525,6206,"轴承","轴承型号：6026胶封，内径30mm，外径62mm，厚度16mm，带防尘盖深沟球轴承，品牌要求哈尔滨","哈尔滨","件",10,8,80,"天津","金晓龙"]
[526,6205,"轴承","哈尔滨轴承深沟球，内径:25mm，外径:52 mm，厚度:15 mm，HRB，6205胶封，品牌要求哈尔滨","哈尔滨","件",10,10,100,"天津","金晓龙"]
[527,6204,"轴承","6204轴承是属于深沟球轴承系列，型号为6204，内径为20mm，外径为47mm，厚度为14mm，品牌要求哈尔滨","哈尔滨","件",10,7,70,"天津","金晓龙"]
[528,6007,"轴承","6007轴承属于深沟球轴承，内径是35mm。中文名6007轴承型号6007系列深沟球轴承外径62mm厚度14mm额定动载荷10300N额定静载荷17000N极限速度16100r/min参考速度11600r/min","哈尔滨","件",10,15.6,156,"天津","金晓龙"]
[529,"TBX-YJBS","铜棒芯-羊角扳手","羊角扳手的铜芯，用于与氮气减压阀和氮气瓶连接，规格参数按照图纸制造，无品牌要求","无品牌要求","个",4,360,1440,"天津","金晓龙"]
[530,"PC-1011","接头","适用氮气增压器18-4201-1010","无品牌要求","个",5,560,2800,"天津","金晓龙"]
[531,"PC-1007","接头","适用轮胎充气工具14-6807-6011，用于190/737","无品牌要求","个",5,450,2250,"天津","金晓龙"]
[532,"KXX-8MMX40MM","快卸销_直径8mm_夹持长度40mm_配200mm系索","品牌：无 材质：不锈钢 直径8mm_夹持长度40mm NASM17985标准标准号MS17985C516；T形手柄快卸销；手柄为黑色铝质；主体材料：不锈钢；夹持长度：40mm；含有孔及开口环,便于与系索连接；","无品牌要求","根",14,635,8890,"天津","金晓龙"]
[533,"KXX-12X60MM","快卸销-12X60MM","六公分长，12毫米粗左右","无品牌要求","个",10,10,100,"天津","金晓龙"]
[534,"JZD-787QYG","减震垫-787牵引杆","用于件号TB787-JX的威克特牵引杆，材质：缓冲橡胶垫，规格：内30×外60×45，无品牌要求","无品牌要求","个",3,150,450,"天津","金晓龙"]
[535,"JYP-1L","接油瓶","白色。接油瓶容量\n1000ml，接油瓶口直\n径：φ28mm（外径），用于放油工具98A28104000000","无品牌要求","个",5,28,140,"天津","金晓龙"]
[536,"JY-5W-30","机油-5W-30","4冲程汽油发动机油，SAE型号：5W-30，等级不低于SE，每瓶容量1升，无品牌要求。","无品牌要求","瓶",4,113,452,"天津","金晓龙"]
[537,"JGJTZ-787QYG","紧固件套装-787牵引杆","用于件号TB787-JX的威克特牵引杆，详细规格见附件清单。无品牌要求","无品牌要求","套",3,345,1035,"天津","金晓龙"]
[538,"HKYZX-8X76.2","滑块抑制销-8X76.2","名称：按钮式抑制销，用于东科信320牵引杆，规格：直径：8mm，有效长度：76.2mm","无品牌要求","根",20,220,4400,"天津","金晓龙"]
[539,"HKYYY-10#170KG","航空液压油-10号170KG","航空地面10号液压油，170KG/桶，执行标准目前需要满足MIL-PRF-5606H或SH0358-1995或QSY YM0024-2022或QSY YM0024-2000或QQCDF 009-2022，品牌无要求","无品牌要求","桶",3,4600,13800,"天津","金晓龙"]
[540,"FB-LS4X4M","帆布","一面涂层，防水遮阳，4*4米带拉绳","无品牌要求","块",4,225,900,"天津","金晓龙"]
[541,"CX-320737QYGSDJG","插销-320/737牵引杆锁定机构","用于更换天津维修基地东科信生产的320牵引杆折断损坏的锁定机构内插销，厂家信息：东科信。","东科信","个",10,120,1200,"天津","金晓龙"]
[542,"28400-Z7E-E72NH1","反冲启动器总成","适用本田EG6500CXS型号发电机，发电机拉盘，无品牌要求。","无品牌要求","个",10,118,1180,"天津","金晓龙"]
[543,"15W-40","柴油机油","孚莱陆地巡洋舰柴油发动机油 SAE 15W-40 API CH-4 20升，建议品牌孚莱","无品牌要求","桶",4,385.56,1542.24,"天津","金晓龙"]
[544,"0W-30","汽油机油-壳牌超凡喜力SN0W-30","壳牌（Shell）API SN 超凡喜力 全合成机油 灰壳 0W-30 ACEA C2/C3 4L 极净动力 节能先锋 香港原装进口","无品牌要求","桶",4,273.36,1093.44,"天津","金晓龙"]
[545,2755,"充气接头","适用减震支柱充气工具14-6804-6000","无品牌要求","个",5,380,1900,"天津","金晓龙"]
[546,162657,"液压回流滤芯","用于SJ63AJ，无品牌要求","无品牌要求","个",3,1330,3990,"天津","金晓龙"]
[547,147072,"机油滤，01174416","Deutz TD2.9L型号发动机、Deutz D2011型号发动机，机油滤，无品牌要求","无品牌要求","个",3,490,1470,"天津","金晓龙"]
[548,138402,"液压高压滤芯","用于SJ63AJ，无品牌要求","无品牌要求","个",3,1050,3150,"天津","金晓龙"]
[549,50866,"润滑脂-氮气增压器","件号替代28442，用于TRONAIR氮气增压器18-4201-1010空气循环阀润滑，一件对应一小袋，约用于一次工作润滑，根据厂家答复：无容量信息因此无多少毫升。工卡品牌要求Haskel","Haskel","个",3,1416,4248,"天津","金晓龙"]
[550,"ZFR5F","火花塞","适用ET12000型号发电机,98079-5587G，品牌工卡要求NGK品牌","NGK","个",10,70,700,"天津","金晓龙"]
[551,"XJLD","软漏斗","上端直径：φ150mm\n（外径），下端直\n径：φ70mm（外径），用于放油工具98A28104000000","无品牌要求","个",3,80,240,"天津","金晓龙"]
[552,"TZ-ZZ55","陶瓷芯拆装工具","用于总件号：TZ-6368，拆装陶瓷销钉工具，销芯为易损消耗件，此件号工具用于为单独拆装芯的子件替换","无品牌要求","个",4,290,1160,"天津","金晓龙"]
[553,"SK-PELICAN1550","锁扣","品牌：派力肯，用于1550及以上派力肯箱子的锁扣","派力肯","个",4,100,400,"天津","金晓龙"]
[554,"SDX-TJTC-10X95MM","锁定销-梯架拖车-10X95毫米","用于东科信生产的梯架拖车的锁定销，材质金属，直径1cm，有效长度9.5cm，头部带有3-4mm孔可以让别针卡簧销穿过锁定，尾部带有环可连接钢索。","无品牌要求","根",10,140,1400,"天津","金晓龙"]
[555,"SDJG-320/737QYG","锁定机构-320/737牵引杆","用于东科信生产的320/737牵引杆，品牌：东科信","东科信","个",6,980,5880,"天津","金晓龙"]
[556,"QYGSJJG-737/320","牵引杆升降机构-737/320","通用型牵引杆升降机构，两种构型各需求1个","东科信","个",6,2650,15900,"天津","金晓龙"]
[557,"QJJ-3M7100-1KG","清洁剂-3M7100-1KG","3M Novec 7100（3M HFE7100）or Asahiklin AK 225 or DuPont Vertrel XF依据工卡要求三种清洁剂均可。品牌：3M 型号：Novec7100一桶要求1kg。\n一桶1千克天津收货地，另外1千克需要分装0.5千克两桶收货地址分别为呼和机场和贵阳机场。","3M","桶",4,610,2440,"天津","金晓龙"]
[558,"LX-PF53361-2P","滤芯","用于建议品牌为东科信生产的件号为PF53361-2P油车的精密油滤滤芯，包含成套密封圈2.65*直径37.5和直径16*2.4封圈。品牌不做要求。","东科信","个",2,700,1400,"天津","金晓龙"]
[559,"LWT-4-HU29255","HU29255螺纹套","用于:HU29255，A330叶片拆装撞锤的头部螺纹套，品牌不做要求。","无品牌要求","个",5,130,650,"天津","金晓龙"]
[560,"LP-SH4000DX","发电机车拉盘","适用SH4000DX发电机","无品牌要求","个",3,300,900,"天津","金晓龙"]
[561,"KXJT-F70199-32M","快卸接头-公充气工具F70199-32","NIPPLE/SV-F70199-32，型号：LAM-02PM，无品牌要求","无品牌要求","个",2,45,90,"天津","金晓龙"]
[562,"JGJTZ-HYDRO-320","紧固件套装-海德罗-320牵引杆","用于HYDRO生产的件号：CNTOWA320的320牵引杆，1.螺栓-六角开槽圆柱头螺钉，DIN912-M12x60，数量：12个。2.螺母-圆顶帽自锁螺母，DIN985-M12，数量：12个。3.螺母-城堡螺母，DIN 937-M20X1,5，数量：2个。4.垫圈，DIN 125-B21 Washer，数量：2个。5.螺栓-六角头螺钉，DIN 933-M5X20，数量：8个。6.垫圈，DIN 127-B5，数量：8个。7.螺栓-六角头螺钉，DIN 933-M10X45，数量：8个。8.垫圈，DIN 125-B10,5，数量：8个。9.螺母-圆顶帽自锁螺母，DIN 985-M10，数量：8个。10.螺栓-开槽圆柱头螺钉，DIN 912-M12X20，数量：2个。11.螺栓-开槽圆柱头螺钉，DIN 912-M6X30，数量：4个。12.垫圈，DIN 125-B6,4，数量：6个。13.螺母-圆顶帽自锁螺母，DIN 985-M6，数量：4个。14.螺栓-开槽圆柱头螺钉，DIN 912-M12X20，数量：2个。15.螺栓-六角头螺钉，DIN 931-M10X45，数量：8个。16.垫圈，DIN 125-B10,5，数量：8个。17.螺母-圆顶帽自锁螺母，DIN 985-M10，数量：8个。18.螺栓-六角头螺钉，DIN 933-M8x20，数量：8个。19.垫圈，DIN 125-B43，数量：1个。20.螺母-城堡螺母，DIN 935-M42，数量：1个。21.开口销，DIN 94-8x90，数量：1个。22.螺母-圆顶帽自锁螺母，DIN 985-M8，数量：6个。23.螺栓-六角头螺钉，DIN 933-M6X10，数量：1个。24.螺栓-六角头螺钉，DIN 931-M12x85，数量：2个。25.垫圈，DIN 125-B13，数量：4个。26.螺母-六角圆顶帽自锁螺母，DIN 985-M12，数量：2个。27.螺栓-六角头螺钉，DIN 931-M20x100，数量：2个。28.垫圈，DIN 125-B21，数量：4个。29.螺母-六角圆顶帽自锁螺母，DIN 985-M20，数量：3个。30.螺栓-六角头螺钉，DIN 931-M10X65，数量：1。31.螺母-六角圆顶帽自锁螺母，DIN 985-M10，数量：3个。32.螺栓-六角头螺钉，DIN 931-M10X50，数量：2个。33.螺栓-六角头螺钉，DIN 931-M8x40，数量：2个。34.螺栓-开槽圆柱头螺钉，DIN 912-M8x45，数量：6个。35.螺栓-开槽圆柱头螺钉，DIN 912-M6X12，数量：1个。36.垫圈，DIN7980-6，数量：1个。37.开口销，DIN 94-4x40，数量：2个。所有螺栓均配套同等数量的弹垫、平垫。无品牌要求。","无品牌要求","套",2,1380,2760,"天津","金晓龙"]
[563,"HXS-ZJ1MMX100G","焊锡丝","净含量：100g，锡丝直径：1.0MM，锡含量30%，产品尺寸55*30mm，DL395100","无品牌要求","卷",5,23.4,117,"天津","金晓龙"]
[564,"GYM-10MM","听筒外壳海绵","厚度10mm中密度隔音泡棉，原厂件号：25629P-03、26475P-02、24653P-02，每张1平方米","无品牌要求","张",4,46,184,"天津","金晓龙"]
[565,"F7TC","火花塞","火花塞标准件号消耗品，型号：F7TC，无品牌要求。","无品牌要求","个",10,8,80,"天津","金晓龙"]
[566,"CMR6H","火花塞","适用BR-600-Z型号吹雪机","无品牌要求","个",10,15,150,"天津","金晓龙"]
[567,"CLY-75W90","齿轮油-75W90","产品名称：齿轮油；标号：SAE75W-90；规格：4升/瓶；用途：更换LSPX-170扫雪车齿轮箱润滑油，无品牌要求。","无品牌要求","瓶",3,370,1110,"天津","金晓龙"]
[568,"BPR4ES","火花塞","火花塞标准件号消耗品，型号：BPR4ES，品牌要求NGK，品牌为工卡手册要求品牌。","NGK","个",4,45,180,"天津","金晓龙"]
[569,"BP6ES","火花塞BP6ES","火花塞","无品牌要求","个",10,25,250,"天津","金晓龙"]
[570,"28400-Z7E-702NH1","发电机车拉盘","适用ELT6500CX型号发电机，E11-2型","无品牌要求","个",8,110,880,"天津","金晓龙"]
[571,"17211-899-000","空滤器滤芯","适用EG6500CXS型号发电机、适用ELT6500CX型号发电机","无品牌要求","个",2,35,70,"天津","金晓龙"]
[572,"16952-ZA0-000","燃油过滤器","适用EG6500CXS型号发电机","无品牌要求","个",2,12,24,"天津","金晓龙"]
[573,"165949-SJ63AJ","一级空气滤","Deutz TD2.9L型号发动机，一级空气滤，无品牌要求","无品牌要求","个",2,770,1540,"天津","金晓龙"]
[574,"16176-Z2G-D51","燃油过滤网","适用EG6500CXS型号发电机、适用ET12000型号发电机","无品牌要求","个",2,18,36,"天津","金晓龙"]
[575,"10W-30","机油-10W-30","4冲程汽油发动机油，SAE型号：10W-30，等级不低于SE，每瓶容量4升，无品牌要求。","无品牌要求","瓶",2,88,176,"天津","金晓龙"]
[576,"ZDX-WKT-330","止动销-威克特-330","用于威克特生产的330牵引杆，手柄的型式按钮手柄式，规格：直径：8mm，有效长度：43mm，无品牌要求","无品牌要求","根",10,65,650,"天津","金晓龙"]
[577,165950,"二级空气滤","Deutz TD2.9L型号发动机，二级空气滤，无品牌要求","无品牌要求","个",2,630,{"$f":"G578*H578","v":1260},"天津","金晓龙"]
[578,164772,"前燃油滤，04130241","Deutz TD2.9L型号发动机，前燃油滤，无品牌要求","无品牌要求","个",2,588,1176,"天津","金晓龙"]
[579,164771,"燃油滤，01174696","Deutz TD2.9L型号发动机，燃油滤，无品牌要求","无品牌要求","个",2,630,1260,"天津","金晓龙"]
[580,"XHP222","美孚高温复合锂基脂XHP222-2kg","美孚（Mobil）XHP222 润滑脂 汽车工程机械轴承高温复合锂基脂黄油 2kg/桶，建议品牌美孚","美孚","桶",1,140,140,"天津","金晓龙"]
[581,"RHY-1","气动工具专用润滑","气动工具专用润滑油 500ML BS664031/个","无品牌要求","瓶",1,16.8,16.8,"天津","金晓龙"]
[582,"RFG-10","热风管-加温车10米","用于件号HTJWQ5000小型加温机，规格：耐高温出风管路，直径8cm，单根长度10米，耐温不低于300摄氏度，带钢丝支撑，材质硅胶玻纤弹簧钢，耐弯折，耐高温，无品牌要求","无品牌要求","根",1,485,485,"天津","金晓龙"]
[583,"L-HM46","抗磨液压油46#","昆仑（KunLun）L-HM 46号 抗磨液压油（高压） 13kg","无品牌要求","桶",1,240,240,"天津","金晓龙"]
[584,"LF3345","发动机机油滤清器","适用型号代码3908616，无品牌要求","无品牌要求","个",1,52,52,"天津","金晓龙"]
[585,"LD-U100","袋式过滤器滤袋","2号过滤袋，直径180*810MM，过滤精度100UM.","无品牌要求","个",4,325,1300,"天津","金晓龙"]
[586,"LD-U1","袋式过滤器滤袋","2号过滤袋，直径180*810MM，过滤精度1UM.","无品牌要求","个",4,375,1500,"天津","金晓龙"]
[587,"K14900D","空气滤清器滤芯","适用型号代码4938598，无品牌要求","无品牌要求","个",1,55,55,"天津","金晓龙"]
[588,"HLP32","HLP32","BP安能高Energol HLP 抗磨液压油46号22 32 68 100工业专用润滑油 Energol HLP 32 /18L","BP安能高","桶",2,765.6,1531.2,"天津","金晓龙"]
[589,"HKYYY-20#","航空液压油-20号","中航航特 20号航空液压油 20号液压油地面用 17L","无品牌要求","桶",2,360,720,"天津","金晓龙"]
[590,"GSS-2MM","包塑钢丝绳-2MM","2.0MM（包塑钢丝绳50米一卷），无品牌要求","无品牌要求","卷",10,37,370,"天津","金晓龙"]
[591,"GJRHZ-3#-15KG","钙基润滑脂-3号-15千克","钙基润滑脂，3号，轴承水泵汽车底盘电动机润滑脂，黄油牛油，15kg/桶，品牌不做要求","无品牌要求","桶",4,390,1560,"天津","金晓龙"]
[592,"FS1280","发动机燃油滤清器","适用型号代码3930942，无品牌要求","无品牌要求","个",1,235,235,"天津","金晓龙"]
[593,"FF5052","发动机燃油滤清器","适用型号代码3931063，无品牌要求","无品牌要求","个",1,170,170,"天津","金晓龙"]
[594,"DPWT-5U","大胖网炭","20寸5U","无品牌要求","个",4,255,1020,"天津","金晓龙"]
[595,"DHT-TG40CMX4.0MM","电焊条","该焊条满足J422标准，既对应国际标准牌号E4303。是一种酸性焊条，药皮钛钙型，J表示结构钢焊条，42是42kg/mm^2,表示焊缝金属的抗拉强度。用于焊接低碳钢结构和强度等级低的低合金钢，一般用于焊接钢结构和普通碳钢管道的焊接，其长度为40cm，直径4.0MM","无品牌要求","盒",4,25.8,103.2,"天津","金晓龙"]
[596,"DHT-3.2MM","电焊条","该焊条满足J422标准，既对应国际标准牌号E4303。是一种酸性焊条，药皮铜钙型，J表示结构钢焊条，42是42kg/mm^2,表示焊缝金属的抗拉强度。用于焊接低碳钢结构和强度等级低的低合金钢，一般用于焊接钢结构和普通碳钢管道的焊接，其长度为35cm，直径3.2MM","无品牌要求","盒",4,15.5,62,"天津","金晓龙"]
[597,"DHT-2.5MM","电焊条","该焊条满足J422标准，既对应国际标准牌号E4303。是一种酸性焊条，药皮铜钙型，J表示结构钢焊条，42是42kg/mm^2,表示焊缝金属的抗拉强度。用于焊接低碳钢结构和强度等级低的低合金钢，一般用于焊接钢结构和普通碳钢管道的焊接，其长度为30cm，直径2.5MM","无品牌要求","盒",4,26.5,106,"天津","金晓龙"]
[598,"BLT-PVC-60X120CM","补漏贴-PVC-60X120厘米","用于修补春航技术CQ-GP601E90的充气机库，材质：PVC，每块长120cm宽60cm厚0.7mm,每块配有100ml专用PVC胶水，无品牌要求","无品牌要求","块",1,300,300,"天津","金晓龙"]
[599,"BF-2-FUCHS","BF-2-福斯润滑脂16千克","品牌：福斯（FUCHS），参数：每桶16千克，锂皂基多功能润滑脂，用于天津电动拖车年检润滑工作","福斯（FUCHS）","桶",1,840,840,"天津","金晓龙"]
[600,"17210-Z6L-010","空滤器滤芯","适用ET12000型号发电机","无品牌要求","个",1,115,115,"天津","金晓龙"]
[601,"15400-RTA-003","机油滤清器","适用ET12000型号发电机","无品牌要求","个",1,68,68,"天津","金晓龙"]
[602,"10W-30-CF4","柴油机油10W-30-CF4","国五柴油机油CF4防冻发动机油15W40长途货车农用车CH全4L定制 防冻型CF-4【10W-30】4升","无品牌要求","桶",1,120,120,"天津","金晓龙"]
[603,706549,"二级空气滤","Deutz D2011型号发动机，无品牌要求","无品牌要求","个",1,630,630,"天津","金晓龙"]
[604,704560,"一级空气滤","Deutz D2011型号发动机，无品牌要求","无品牌要求","个",1,910,910,"天津","金晓龙"]
[605,147248,"燃油滤","Kubota D1305型号发动机，无品牌要求","无品牌要求","个",1,282,282,"天津","金晓龙"]
[606,147130,"机油滤","Kubota D1305型号发动机，无品牌要求","无品牌要求","个",1,686,686,"天津","金晓龙"]
[607,147071,"燃油滤","Deutz D2011型号发动机，无品牌要求","无品牌要求","个",1,588,588,"天津","金晓龙"]
[608,139254,"前置燃油滤","Kubota D1305型号发动机，无品牌要求","无品牌要求","个",1,210,210,"天津","金晓龙"]
[609,132913,"空气滤","Kubota D1305型号发动机，无品牌要求","无品牌要求","个",1,490,490,"天津","金晓龙"]
[610,104254,"液压回流滤芯","用于SJ8831RT，无品牌要求","无品牌要求","个",1,371,371,"天津","金晓龙"]
[611,"5322 785 05131","滤尘器","用于件号EPSILON1便携式磁堵检测仪更换滤尘器，厂家定制产品，品牌要求Malvern Panalytical","Malvern Panalytical","个",10,500,5000,"天津","金晓龙"]
[612,"9430 500 07221","保护箔","用于件号EPSILON2便携式磁堵检测仪更换保护箔，厂家定制产品，品牌要求Malvern Panalytical","Malvern Panalytical","个",14,1200,16800,"天津","金晓龙"]
[613,"DX-2","冷却液","品牌：韵涛 规格：冷却液 DX-214KG/桶","韵涛","桶",30,305.3,9159,"附件部","朱瑞华"]
[614,"L-G68","L-G68导轨油","品牌：长城规格：16L/13KG /桶，长城","长城","桶",6,490,2940,"附件部","朱瑞华"]
[615,"FXRHY-18L","防锈乳化油","品牌：长城规格：18升/桶","长城","桶",6,448,2688,"附件部","朱瑞华"]
[616,"ZTB-25MMX200MM","紫铜棒","规格：直径25mm*200mm长","无品牌要求","根",50,100,5000,"附件部","朱瑞华"]
[617,"JFKM-20X2M","进风口棉-喷漆房","20×2m/卷","无品牌要求","卷",12,550,6600,"附件部","朱瑞华"]
[618,"DM-6X1.6M","顶棉-喷漆房","Aode-600G 型，\n6×1.6m/卷","无品牌要求","卷",12,950,11400,"附件部","朱瑞华"]
[619,"DM-14X1.6M","顶棉-喷漆房","Aode-600G 型，\n14×1.6m/卷","无品牌要求","卷",12,1650,19800,"附件部","朱瑞华"]
[620,"QWGLW-20X0.8M","漆雾过滤棉-喷漆房","20×0.8m/卷","无品牌要求","卷",30,450,13500,"附件部","朱瑞华"]
[621,"FXRHY-18L","防锈乳化剂 15KG/桶","品牌：长城规格：M1010,16KG/桶","长城","桶",4,448,1792,"附件部","朱瑞华"]
[622,"PSG-32X10MM","喷砂管","品牌：无品牌要求规格：喷砂机专用喷砂管，外径32mm内径20mm","无品牌要求","米",100,380,38000,"附件部","朱瑞华"]
[623,"PSG-25X14MM","喷砂管","品牌：无品牌要求规格：喷砂机专用喷砂管，外径25mm内径14mm","无品牌要求","米",5,380,1900,"附件部","朱瑞华"]
[624,"SL-450X380X150MM","树脂筒型砂轮","品牌：无品牌要求规格：外径450*内径380*高151mm，棕刚玉","无品牌要求","条",20,380,7600,"附件部","朱瑞华"]
[625,"CZ-47MMX6.5MM","瓷嘴-氩弧焊-47MMX6.5MM","品牌：Panasonic/松下规格：4号瓷嘴 型号：TGN00614全长：47mm内径：6.6mm","Panasonic/松下","个",12,9,108,"附件部","朱瑞华"]
[626,"CZ-47MMX8MM","瓷嘴-氩弧焊-47MMX8MM","品牌：Panasonic/松下规格：5号瓷嘴型号：TGN00815全长：47mm内径：9mm","Panasonic/松下","个",45,9,405,"附件部","朱瑞华"]
[627,"CZ-47MMX9.5MM","瓷嘴-氩弧焊-47MMX9.5MM","品牌：Panasonic/松下规格：6号瓷嘴型号：TGN00907全长：47mm内径：9.6mm","Panasonic/松下","个",45,9,405,"附件部","朱瑞华"]
[628,"CZ-47MMX11MM","瓷嘴-氩弧焊-47MMX11MM","品牌：Panasonic/松下规格：7号瓷嘴型号：TGN01104全长：47mm内径：12mm","Panasonic/松下","个",45,9,405,"附件部","朱瑞华"]
[629,"JY-VG46-700ML","锁边机机油","VG46,700ML/瓶",null,"瓶",4,580,2320,"附件部","朱瑞华"]
[630,"E13","裁剪机刀片","E13钨钢刀片",null,"片",90,38,3420,"附件部","朱瑞华"]
[631,"WCB-20X30CM","无尘布","规格：工业级20*30cm，布，不掉毛","无品牌要求","张",900,15,13500,"附件部","朱瑞华"]
[632,"CT-25A","四角插头","25A","无品牌要求","个",20,42,840,"附件部","朱瑞华"]
[633,"LDC-18V","锂电转电池","品牌：博世（BOSCH）18V","博世（BOSCH）","个",2,null,0,"附件部","朱瑞华"]
[634,"HC9606RCS4Z","滤芯","HC9606RCS4Z",null,"件",20,90,1800,"附件部","朱瑞华"]
[635,"CSX-TH26019","TH26019表笔测试线","规格：五孔","无品牌要求","根",12,100,1200,"附件部","朱瑞华"]
[636,"GHBL-470X270X6MM","钢化玻璃","品牌：无品牌要求规格：尺寸470mm*270mm*6mm","无品牌要求","块",40,63,2520,"附件部","朱瑞华"]
[637,"DCF-10MM","电磁阀QVXD2130-04","品牌：SQW(全伟)\n规格：型号：QVXD2130-04，\n其余参数：电压：DC24V\n接管口径：RC 1/2\n流通孔径：10MM\n长度：50mm\n宽度：40mm\n高度：87mm","SQW(全伟)","个",3,310,930,"附件部","朱瑞华"]
[638,"CGQ-S549A","霍尔传感器","品牌：无品牌要求\n规格：S549A","无品牌要求","个",20,150,3000,"附件部","朱瑞华"]
[639,"MHZT-2.3MM","全磨制直柄加长麻花钻头","不锈钢2.3mm1套10只装",null,"套",1,20,20,"附件部","朱瑞华"]
[640,"LX-0660D003BH4HC","滤芯","品牌：HYDAC\n型号：0660D003BH4HC","HYDAC","个",1,900,900,"附件部","朱瑞华"]
[641,"LX-940854Q","滤芯","品牌：parker\n型号：940854Q","parker","个",1,900,{"$f":"G642*H642","v":900},"附件部","朱瑞华"]
[642,"LX-0240D010BN4HC","滤芯","品牌：HYDAC\n型号：0240D010BN4HC","HYDAC","个",5,900,4500,"附件部","朱瑞华"]
[643,"LX-0110D010BN4HC","滤芯","品牌：HYDAC\n型号：0110D010BN4HC","HYDAC","个",4,900,3600,"附件部","朱瑞华"]
[644,"LX-934784Q","滤芯","品牌：parker\n型号：934784Q","parker","个",4,900,3600,"附件部","朱瑞华"]
[645,"ZC-6208","轴承","品牌：NSK\n规格：6208高速轴承，工作转速5000RPM","NSK","个",2,50,100,"附件部","朱瑞华"]
[646,"PGL-250MM","磨床抛光轮","品牌：无品牌要求\n规格：外径250mm，内孔33mm，厚度80mm","无品牌要求","个",1,25,25,"附件部","朱瑞华"]
[647,"420G-104","涂料-420G-104","品牌：科慕规格：420G-104、4KG桶装","科慕  ","千克",4,900,3600,"附件部","朱瑞华"]
[648,"ZC-6006LLU","轴承6006LLU","品牌：NTN\n规格：轴承胶盖密封6006LLU","NTN\n","个",20,50,1000,"附件部","朱瑞华"]
[649,"ZC-6201-2Z","轴承6201-2Z","品牌：KBC\n规格：韩国KBC铁封精密深沟球\n轴承12*32*10，6201-2Z","KBC\n","个",10,30,300,"附件部","朱瑞华"]
[650,"ZC-6205-2Z","轴承6205-2Z","品牌：KBC\n规格：韩国KBC铁封精密深沟球\n轴承25*52*15，6205-2Z","KBC\n","个",10,20,200,"附件部","朱瑞华"]
[651,"SXT-AZLD","安装螺钉","品牌：定制\n规格：按图纸加工；确保螺纹在承受 40 磅寸力矩下，螺纹根部不发生变形","定制\n","个",100,115.26,11526,"附件部","朱瑞华"]
[652,"O-9X1.9","0形圈","规格：9X1.9 JB/ZQ4224","无品牌要求","个",12,20,240,"附件部","朱瑞华"]
[653,"O-8.75X1.8","0形圈","规格：8. 75X1.8 GB/T3452. 1","无品牌要求","个",48,20,960,"附件部","朱瑞华"]
[654,"DQ-14","组合垫圈","规格：14 JB/T982","无品牌要求","个",8,50,400,"附件部","朱瑞华"]
[655,"ZC-6004","轴承","规格：6004 GB/276","无品牌要求","个",6,15,90,"附件部","朱瑞华"]
[656,"ZC-6204","轴承","规格：6204 GB/276","无品牌要求","个",4,15,60,"附件部","朱瑞华"]
[657,"XD-24.3X3MM","工装销钉","规格：长：24.3MM,直径:3MM","无品牌要求","个",40,15,600,"附件部","朱瑞华"]
[658,"XD-29X6MM","工装销钉","规格：长：29MM,直径:6MM","无品牌要求","个",40,15,600,"附件部","朱瑞华"]
[659,"CT-220V","装胎机电磁阀插头","规格：AC-220V","无品牌要求","个",18,10,180,"附件部","朱瑞华"]
[660,"YB-12L","轴承注油机油泵","规格：禄达LD-608高压注油器油泵（12L）","无品牌要求","个",1,1500,1500,"附件部","朱瑞华"]
[661,"MD-BXGPT-M4X6","铆钉-不锈钢平头-M4x6(实心）","铆钉-不锈钢平头-M4x6（实心）","无","个",100,0.15,15,"西北基地","刘云峰"]
[662,"MD-BXGPT-M4X5","铆钉-不锈钢平头-M4x5（实心）","不锈钢、平头、实心，M4X5","无","个",100,0.15,15,"西北基地","刘云峰"]
[663,"GWRHZ","高温润滑脂","耐350度高温 15KG/桶","无","桶",1,330,330,"西北基地","刘云峰"]
[664,"RKRS80A","S80A维修包","适用于S80A棘轮扳手","实耐宝","套",3,180,540,"西北基地","刘云峰"]
[665,"RKRT72A","配件-T72棘轮扳手","T72-2,1/4","实耐宝","套",15,130,1950,"西北基地","刘云峰"]
[666,"RKRSSDMR4AC","配件-磁性螺刀","适用于SSDMR8A磁性解刀","实耐宝","套",20,150,3000,"西北基地","刘云峰"]
[667,"XDC-12V/150AH","蓄电池-12V/150AH","2V/150AH个","无品牌要求","个",1,819,819,"西北基地","刘云峰"]
[668,"WLNJ-LD-N","行程开关-欧姆龙","型号：WLNJ-LD-N,带灯，弹簧，IP67 - 防尘，防水。","建议品牌欧姆龙","个",100,150,15000,"西北基地","刘云峰"]
[669,"FZG-TXW-6MM","防撞杆-碳纤维-6MM","材质：碳纤维，外径6mm，内径4.7mm，单根长度1.5米，无品牌要求","无品牌要求","根",60,55,3300,"西北基地","刘云峰"]
[670,"TH-10X25X0.5MM","弹簧-10X25X0.5MM","不锈钢弹簧钢，外直径：10mm ，长度：25mm，线径：0.5mm，无品牌要求","无品牌要求","根",150,1,150,"西北基地","刘云峰"]
[671,"QJJ-3M7100-1KG","清洁剂-3M7100-1KG","品牌：3M 型号：Novec7100 1kg","无品牌要求","瓶",6,720,4320,"西北基地","刘云峰"]
[672,"THK-M10DM","弹簧扣-M10带母","304不锈钢带螺母弹簧扣M10","无品牌要求","个",100,9.2,920,"西北基地","刘云峰"]
[673,"460005835-6","460005835舱门锁上的一根销子","L型手柄按钮插销，直径6.36mm，长32.50mm，用于件号460005835舱门锁，无品牌要求","无品牌要求。","个",15,100,1500,"西北基地","刘云峰"]
[674,"LS-BTZG-M4X16MM","螺丝-扁头自攻-M4X16毫米","扁头自攻-M4X16毫米","品牌：无要求，","个",200,0.12,24,"西北基地","刘云峰"]
[675,"ZGLS-M5X40","自攻螺丝-M5X40","规格：扁头自攻-M5X40毫米","品牌：无要求，","个",200,0.65,130,"西北基地","刘云峰"]
[676,"ZWLS-WLJ5.5X50MM","外六角钻尾螺丝-5.5X50MM","国标，碳钢，淬火，镀彩锌，六角5.5X50","品牌：无要求；\n","个",200,0.35,70,"西北基地","刘云峰"]
[677,"ZWLS-WLJ5.5X80MM","外六角钻尾螺丝-5.5X80MM","国标，碳钢，淬火，镀彩锌，六角5.5X80","品牌：无要求\n","个",200,0.45,90,"西北基地","刘云峰"]
[678,"ZWLS-WLJ5.5X115","外六角钻尾螺丝-5.5X115MM","国标，碳钢，淬火，镀彩锌，六角5.5X115","品牌：无要求\n","个",200,0.65,130,"西北基地","刘云峰"]
[679,"YY-ZKB","真空泵油液","适用于Yellow Jacket真空泵 1加仑/桶,原厂件号93149。","品牌：无 ","桶",1,1728,1728,"西北基地","刘云峰"]
[680,"NT-4.00-8","4.00-8内胎","加厚耐磨轮胎4.00-8","品牌：无品牌要求，","条",4,39,156,"西北基地","刘云峰"]
[681,"YYY-IOS-VG32","液压油-IOS-VG32","规格：液压油规格:ISO VG32，品牌：美孚，规格：18L/桶","品牌：无品牌要求，","桶",4,700,2800,"西北基地","刘云峰"]
[682,"YYY-HK10#","地面液压油-航空10#-10KG","规格：昆仑10号液压油，10KG/桶，要求玉门油厂生产","品牌：昆仑。","桶",29,468,13572,"西北基地","刘云峰"]
[683,"HKYYY-10#170KG","航空液压油-10号170KG","170KG/桶，型号：10号液压油地面用 满足MIL-PRF-5606H或SH0358-1995或QSY YM0024-2022或QSY YM0024-2000或QQCDF 009-2022;","品牌：昆仑 （工卡要求型号）","桶",3,6800,20400,"西北基地","刘云峰"]
[684,"PC-1043","进气空气滤清器滤芯","用于TRONAIR氮气增压器18-4201-1010进气空气滤滤芯，","品牌：TRONAIR","个",7,1350,9450,"西北基地","刘云峰"]
[685,50866,"润滑脂-氮气增压器","件号替代28442，用于TRONAIR氮气增压器18-4201-1010空气循环阀润滑，一件对应一小袋，约用于一次工作润滑，根据厂家答复：无容量信息因此无多少毫升。","工卡品牌要求Haskel","个",3,1416,4248,"西北基地","刘云峰"]
[686,"HC-2000-208","O形圈","用于TRONAIR氮气增压器18-4201-1010超压爆破片密封圈","品牌：TRONAIR","个",1,180,180,"西北基地","刘云峰"]
[687,"H-1831","破裂环","用于TRONAIR氮气增压器18-4201-1010超压爆破环，","品牌：TRONAIR","个",1,2592,2592,"西北基地","刘云峰"]
[688,"PSA1U1E","网口转USB适配器","规格：Portsmith dataPort USB 转以太网适配器","品牌：Portsmith \n ","根",2,1650,3300,"西北基地","刘云峰"]
[689,4100156,"点火线-BT400NEXD5","原厂件，符合件号04100156规格","厂家HERMAN NELSON","根",1,1910,1910,"西北基地","刘云峰"]
[690,"SA90231","点火线圈-BT400NEXD5","原厂件，原件号04100113，已经停止生产，新件号SA90231","厂家HERMAN NELSON","个",1,4210,4210,"西北基地","刘云峰"]
[691,"'05300050","燃烧控制器","原厂件，件号05300050，燃烧控制器包含感温头。","厂家HERMAN NELSON","个",1,3360,3360,"西北基地","刘云峰"]
[692,"04100157-1","油管-BT400NEXD5","原厂件，符合件号04100157-1规格","厂家HERMAN NELSON","根",4,1230,4920,"西北基地","刘云峰"]
[693,"0W-30","壳牌超凡喜力SN0W-30","SN0W-30，4L/桶","壳牌  ","桶",2,630,1260,"西北基地","刘云峰"]
[694,"1A-30","燃油滤芯","适用于BT400NEXD5加温机，型号1A-30","厂家HERMAN NELSON","件",3,85,255,"西北基地","刘云峰"]
[695,"MS15290","皮带","适用于BT400NEXD5加温机，型号MS15290","厂家HERMAN NELSON","件",3,560,1680,"西北基地","刘云峰"]
[696,"TM3917-2","轴套","适用于BT400NEXD5加温机，型号TM3917-2","厂家HERMAN NELSON","件",3,580,1740,"西北基地","刘云峰"]
[697,"TR778","喷嘴","适用于BT400NEXD5加温机，型号TR778","厂家HERMAN NELSON","件",3,1130,3390,"西北基地","刘云峰"]
[698,"TRA3057-100","燃油滤","适用于BT400NEXD5加温机，型号TRA3057-100","厂家HERMAN NELSON","件",3,860,2580,"西北基地","刘云峰"]
[699,"TO3027","单向阀（油箱）","适用于BT400NEXD5加温机，型号TO3027","厂家HERMAN NELSON","件",3,1680,5040,"西北基地","刘云峰"]
[700,5300050,"燃油电磁阀","适用于BT400NEXD5加温机，型号5300050","厂家HERMAN NELSON","件",1,2980,2980,"西北基地","刘云峰"]
[701,5300265,"温度控制阀","适用于BT400NEXD5加温机，型号5300265","厂家HERMAN NELSON","件",1,2870,2870,"西北基地","刘云峰"]
[702,"KQGLQ-KYJ","空气过滤器-空压机","气滤的规格：外径180mm，螺纹直径42mm，牙距2.3mm","无","个",3,69,207,"西北基地","刘云峰"]
[703,"XDC-12V/80AH","蓄电池-12V/80AH","规格要求：尺寸约为260mm x 173mm x 225mm，免维护12V，80Ah，参考型号6-QW-80（622）-L","无品牌要求","块",2,675,1350,"西北基地","刘云峰"]
[704,132913,"空气滤芯","按照件号规格采购，满足SJ6832RT车使用","无品牌要求","个",2,201,402,"西北基地","刘云峰"]
[705,136118,"柴油滤芯","按照件号规格采购，满足SJ6832RT车使用","无品牌要求","个",2,203,{"$f":"G706*H706","v":406},"西北基地","刘云峰"]
[706,216534,"机油滤芯","按照件号规格采购，满足SJ6832RT车使用","无品牌要求","个",2,433,866,"西北基地","刘云峰"]
[707,"KXX-8MMX40MM","快卸销","符合MS17985标准；T形手柄快卸销；手柄为黑色铝质；主体材料：不锈钢；夹持长度：40mm；含有孔及开口环,便于与系索连接.","/","套",11,34.5,379.5,"西北基地","刘云峰"]
[708,"JQX-HYDRO-320","剪切销-海德罗-320","00432-275-000","海德罗\n\n","个",30,496,14880,"西北基地","刘云峰"]
[709,"JQX-DKX-319","剪切销-319(东科信8X65）","φ8*65","东科信","个",6,120,720,"西北基地","刘云峰"]
[710,"GSS-ZJ1.5MM","钢丝绳","规格：￠1.5","品牌：无品牌要求\n规格：￠1.5","米",200,0.44,88,"西北基地","刘云峰"]
[711,"BD-DJJ","对讲机背带","规格：155CM*2.5CM，两头钢制挂钩，背带长度可调节","品牌：无品牌要求\n规格：155CM*2.5CM，两头钢制挂钩，背带长度可调节","条",100,8,800,"西北基地","刘云峰"]
[712,"SDJD-7101","海洋王7101型手电背带","规格：155CM*2.5CM，两头钢制挂钩，背带长度可调节","品牌：无品牌要求\n规格：155CM*2.5CM，两头钢制挂钩，背带长度可调节","条",100,8,800,"西北基地","刘云峰"]
[713,"ZHFXQ-10KG","中灰防锈漆-10KG","规格：中灰色防锈漆、10KG/桶","品牌：无品牌要求\n规格：中灰色防锈漆、10KG/桶","桶",1,530,530,"西北基地","刘云峰"]
[714,"XSJ-YQ-20L","稀释剂-油漆-20升","规格：通用稀释剂，每桶包含：20升或16千克，颜色：透明","品牌：无品牌要求\n规格：通用稀释剂，每桶包含：20升或16千克，颜色：透明","桶",1,320,320,"西北基地","刘云峰"]
[715,2755,"充气接头","规格：8V1螺纹式充气接 头（减震支柱充气接头），充气接头为进口OEM件","品牌：schrader-bridgeport international\n规格：8V1螺纹式充气接 头（减震支柱充气接头），充气接头为进口OEM件","个",20,380,7600,"西北基地","刘云峰"]
[716,"AQK-6MM","安全扣-6MM","规格：304不锈钢，带母，材料粗6MM,长度60MM","品牌：无品牌要求\n规格：304不锈钢，带母，材料粗6MM,长度60MM","个",30,4.8,144,"西北基地","刘云峰"]
[717,"XJWXL-3","橡胶万向轮-3寸","规格：橡胶，J03S-01-75-521","品牌：向荣动力\n规格：橡胶，J03S-01-75-521","个",20,29,580,"西北基地","刘云峰"]
[718,"XJWXL-4","橡胶万向轮-4寸","规格：橡胶，J03S-01C-100-521","品牌：向荣动力\n规格：橡胶，J03S-01C-100-521","个",20,44,880,"西北基地","刘云峰"]
[719,"XJWXL-5","橡胶万向轮-5寸","规格：铁芯PU，聚氨酯J17-01-125-282","品牌：向荣动力\n规格：铁芯PU，聚氨酯J17-01-125-282","个",10,87,870,"西北基地","刘云峰"]
[720,"XJDXL-5","橡胶定向轮-5寸","品牌：向荣动力\n规格：铁芯PU，聚氨酯J17-04-125-282","品牌：向荣动力\n规格：铁芯PU，聚氨酯J17-04-125-282","个",10,87,870,"西北基地","刘云峰"]
[721,"XJWXL-6","橡胶万向轮-6寸","品牌：向荣动力\n规格：铁芯PU，聚氨酯，J17-01-150-282","品牌：向荣动力\n规格：铁芯PU，聚氨酯，J17-01-150-282","个",36,170,6120,"西北基地","刘云峰"]
[722,"XJWXL-8","橡胶万向轮-8寸","品牌：向荣动力\n规格：铁芯PU，聚氨酯，J17-01-200-282","品牌：向荣动力\n规格：铁芯PU，聚氨酯，J17-01-200-282","个",30,195,5850,"西北基地","刘云峰"]
[723,"XJDXL-6","橡胶定向轮-6寸","品牌：向荣动力\n规格：铁芯PU，聚氨酯，J17-04-150-282","品牌：向荣动力\n规格：铁芯PU，聚氨酯，J17-04-150-282","个",40,110,4400,"西北基地","刘云峰"]
[724,"XJDXL-8","橡胶定向轮-8寸","品牌：向荣动力\n规格：铁芯PU，J17-04-200-282","品牌：向荣动力\n规格：铁芯PU，J17-04-200-282","个",38,160,6080,"西北基地","刘云峰"]
[725,"XJL-SX400X8","橡胶轮-实心400X8","品牌：春意\n规格：实心橡胶轮，轮子直径40CM，轮子宽度10CM","品牌：春意\n规格：实心橡胶轮，轮子直径40CM，轮子宽度10CM","个",10,240,2400,"西北基地","刘云峰"]
[726,"TTEZ-H3312","听筒耳罩","品牌：无品牌要求\n规格：适用件号H3312耳机的耳罩套","品牌：无品牌要求\n规格：适用件号H3312耳机的耳罩套","个",21,15,315,"西北基地","刘云峰"]
[727,"GYM-10MM","听筒外壳海绵","品牌：无品牌要求\n规格：厚度10mm中密度隔音泡棉RF(建议截取500mm）2米长*1米宽*1.0厘米厚","品牌：无品牌要求\n规格：厚度10mm中密度隔音泡棉RF(建议截取500mm）2米长*1米宽*1.0厘米厚","个",21,5,105,"西北基地","刘云峰"]
[728,"YTLD-M3X6","听筒固定螺钉","品牌：无品牌要求\n规格：M3*6圆头螺钉","品牌：无品牌要求\n规格：M3*6圆头螺钉","个",21,2,42,"西北基地","刘云峰"]
[729,"EJX-3.6MMX700MM","头顶线组件","品牌：无品牌要求\n规格：2*0.15mm²，外径3.6mm，两芯带屏蔽层（无氧铜丝）RF(建议截取700mm）","品牌：无品牌要求\n规格：2*0.15mm²，外径3.6mm，两芯带屏蔽层（无氧铜丝）RF(建议截取700mm）","个",21,30,630,"西北基地","刘云峰"]
[730,"EJX-4.5MMX7M","接头音频线组件","品牌：无品牌要求\n规格：4*0.2mm²，外径4.5mm，四芯带屏蔽层（无氧铜丝）建议解除7m","品牌：无品牌要求\n规格：4*0.2mm²，外径4.5mm，四芯带屏蔽层（无氧铜丝）建议解除7m","个",21,200,4200,"西北基地","刘云峰"]
[731,"MKFZZ","麦克风嘴罩","品牌：无品牌要求\n规格：按图纸要求生产","品牌：无品牌要求\n规格：按图纸要求生产","个",21,15,315,"西北基地","刘云峰"]
[732,"MKF","麦克风","品牌：无品牌要求\n规格：18317G-02，单指向麦克风（带放大电路）、等效于12948G-15","品牌：无品牌要求\n规格：18317G-02，单指向麦克风（带放大电路）、等效于12948G-15","个",27,120,3240,"西北基地","刘云峰"]
[733,"MKFYPXZJ","麦克风音频线组件","品牌：无品牌要求\n规格：2*0.15mm²，外径3.6mm，两芯带屏蔽层（无氧铜丝）RF(建议截取500mm）","品牌：无品牌要求\n规格：2*0.15mm²，外径3.6mm，两芯带屏蔽层（无氧铜丝）RF(建议截取500mm）","根",27,25,675,"西北基地","刘云峰"]
[734,"AYKG-EJ","PTT开关","品牌：无品牌要求\n规格：开孔尺寸：φ12；\n开关属性：按下导通","品牌：无品牌要求\n规格：开孔尺寸：φ12；\n开关属性：按下导通","只",27,20,540,"西北基地","刘云峰"]
[735,"YJXDL-35V","22MFD 35V 有极性电容","品牌：无品牌要求\n规格：22MFD 35V 有极性电容","品牌：无品牌要求\n规格：22MFD 35V 有极性电容","个",27,60,1620,"西北基地","刘云峰"]
[736,"JQX-DKX-320","剪切销-东科信-320","品牌：与牵引杆同一厂家。\n规格：φ10*88","品牌：与牵引杆同一厂家。\n规格：φ10*88","个",24,120,2880,"西北基地","刘云峰"]
[737,"JQX-DKX737","剪切销-东科信-737","品牌：与牵引杆同一厂家。\n规格：φ11*95","品牌：与牵引杆同一厂家。\n规格：φ11*95","个",6,120,720,"西北基地","刘云峰"]
[738,"JQX-DKX-190","剪切销-190(东科信10X92）","品牌：与牵引杆同一厂家。\n规格：φ10*100","品牌：与牵引杆同一厂家。\n规格：φ10*100","个",42,120,5040,"西北基地","刘云峰"]
[739,"JQX-DKX33/35/787","A330/350/787剪切销（东科信）","品牌：与牵引杆同一厂家。\n规格：φ12*118","品牌：与牵引杆同一厂家。\n规格：φ12*118","个",24,120,2880,"西北基地","刘云峰"]
[740,"JQX-DKX-737/319","剪切销-737/319(东科信8X129）","品牌：与牵引杆同一厂家。\n规格：φ8*83","品牌：与牵引杆同一厂家。\n规格：φ8*83","个",60,120,7200,"西北基地","刘云峰"]
[741,"JQX-WKT-319","剪切销-319(威克特7.9X100）","品牌：与牵引杆同一厂家。\n规格：φ10*88","品牌：与牵引杆同一厂家。\n规格：φ10*88","个",24,135,3240,"西北基地","刘云峰"]
[742,"SV-TB-787JQX-105","威克特B787牵引杆剪切销","品牌：与牵引杆同一厂家。\n规格：φ12.6*105","品牌：与牵引杆同一厂家。\n规格：φ12.6*105","个",24,160,3840,"西北基地","刘云峰"]
[743,"JQX-WKT33/35/767","A330/A350/767剪切销（威克特）","品牌：与牵引杆同一厂家。\n规格：φ12.7*104","品牌：与牵引杆同一厂家。\n规格：φ12.7*104","个",36,160,5760,"西北基地","刘云峰"]
[744,"NAS1756-36-HNAT","飘带-警告","36in(914.4mm)*3in(76.2mm)","/","根",80,14.2,1136,"西北基地","刘云峰"]
[745,"XJWXL-10","橡胶万向轮-10寸","铁芯PU，J35-01-250-282","向荣","个",2,1191,2382,"西北基地","刘云峰"]
[746,"XJDXL-10","橡胶定向轮-10寸","铁芯PU，J35-04-250-282","向荣","个",2,985,1970,"西北基地","刘云峰"]
[747,"XJL-SX400X8","橡胶轮-实心400X8","实心橡胶轮，轮子直径40CM，轮子宽度10CM",null,"个",8,160,1280,"西北基地","刘云峰"]
[748,"SXXJL","实心橡胶轮胎（包含轴承）","带轴，轴粗3CM，轮子直径40CM，轮子宽度10CM，车轴总长95CM，车轴间距75CM","青岛金良","个",8,420,3360,"西北基地","刘云峰"]
[749,"310-100","实心轮","实心橡胶轮，直径300MM，轴内径29.5MM，轴长32MM，轮宽80MM","重庆南方","个",8,160,1280,"西北基地","刘云峰"]
[750,"360-8","实心橡胶轮胎","孔径是30MM，（206轴承），轮宽85MM,\n2个轴承宽度30MM","重庆南方","个",8,230,1840,"西北基地","刘云峰"]
[751,"16X5-9","实心轮","实心橡胶轮，直径250MM，轴内径25MM，轴长41MM，轮宽60MM","重庆南方","个",8,145,1160,"西北基地","刘云峰"]
[752,"WZ118002050531","机轮拖车轮胎|直径500-8/实心橡胶胎|||","500-8实心轮胎，直径45CM，轮宽12.5CM，中心孔直径11CM，整圈6孔打螺钉","春意","个",2,450,900,"西北基地","刘云峰"]
[753,"DC-FL4841","电池-FL4841","电压3.7V,容量2000MA","海洋王","个",50,278,13900,"西北基地","刘云峰"]
[754,"DC-BW7500B","电池-BW7500B手电","电压4.25V,容量","通明","个",50,156,7800,"西北基地","刘云峰"]
[755,"DC-ZW4301","电池-ZW4301","电压3.7V,容量2600MA","通明","个",50,117,5850,"西北基地","刘云峰"]
[756,"JQX-GZL-330","剪切销-公主岭-330","φ10*97（无槽）","公主岭","个",10,325,3250,"西北基地","刘云峰"]
[757,"LG-KX-10MM","铝管-空心-10MM","空心、内径10MM","/","米",40,20,800,"西北基地","刘云峰"]
[758,"TTEZ-H3312","听筒耳罩","适用件号H3312耳机的耳罩套","/","个",50,80,4000,"广东","乔志鹏"]
[759,"GYM-10MM","听筒外壳海绵","厚度10mm中密度隔音泡棉RF(建议截取500mm）2米长*1米宽*1.0厘米厚","/","个",50,5,250,"广东","乔志鹏"]
[760,"YTLD-M3X6","听筒固定螺钉","M3*6圆头螺钉","/","个",18,2,36,"广东","乔志鹏"]
[761,"HP5085300100-001","发声单元组件","输入阻抗300Ω，发声单元直径50mm，厚度6.5mm-10mm","/","个",20,50,1000,"广东","乔志鹏"]
[762,"KHK-2.5MM","卡箍","E型卡簧扣 开口挡圈￠2.5","/","个",20,1.5,30,"广东","乔志鹏"]
[763,"EJX-3.6MMX700MM","头顶线组件","规格：2*0.15mm²，外径3.6mm，两芯带屏蔽层（无氧铜丝）RF(建议截取700mm）","/","个",20,30,600,"广东","乔志鹏"]
[764,"EJX-4.5MMX7M","接头音频线组件","规格：4*0.2mm²，外径4.5mm，四芯带屏蔽层（无氧铜丝）建议解除7m","/","个",20,200,4000,"广东","乔志鹏"]
[765,"SEKG-13-15MM","双耳卡箍","规格13-15mm 带宽7.5mm 料厚1mm","/","个",20,20,400,"广东","乔志鹏"]
[766,"MKFZZ","麦克风嘴罩","按图纸要求生产","/","个",20,15,300,"广东","乔志鹏"]
[767,"MKF","麦克风","18317G-02，单指向麦克风（带放大电路）、等效于12948G-15","/","个",20,120,2400,"广东","乔志鹏"]
[768,"MKFYPXZJ","麦克风音频线组件","规格：2*0.15mm²，外径3.6mm，两芯带屏蔽层（无氧铜丝）RF(建议截取500mm）","/","个",20,25,500,"广东","乔志鹏"]
[769,"AYKG-EJ","PTT开关","开孔尺寸：φ12；\n开关属性：按下导通","/","个",20,20,{"$f":"G770*H770","v":400},"广东","乔志鹏"]
[770,"YJXDL-35V","22MFD 35V 有极性电容","22MFD 35V 有极性电容","/","个",20,150,3000,"广东","乔志鹏"]
[771,"JD-DB33MX60MM","3M红胶带","红色 60mm*33m，PVC","3M","卷",30,8.8,264,"广东","乔志鹏"]
[772,"LB-300Ω","航空地勤耳机喇叭","Ø50mmH8.5mm300Ω1W铁架内磁喇叭","/","个",112,5.85,655.2,"广东","乔志鹏"]
[773,"LDC-18650","手电电池","JW7623/HZ型手电电池","海洋王","个",5,78.5,392.5,"广东","乔志鹏"]
[774,"DC-BW7500B","手电电池","BW7500B型4400mAh手电电池","通明","个",7,432,3024,"广东","乔志鹏"]
[775,"DC-6226DWE","电枪电池","电枪电池-6226DWE型","牧田","个",6,365,2190,"广东","乔志鹏"]
[776,"JSD-SCJGP","试车警告牌上警示灯","品牌：亚威电，太阳能充电，磁吸，底部有螺丝孔","亚威电","个",8,49,392,"广东","乔志鹏"]
[777,"6QW80","蓄电池","品牌：骆驼，12V80HA,6-QW-80","骆驼","个",5,725,3625,"广东","乔志鹏"]
[778,"XJWXL-6","橡胶万向轮-6寸","品牌：向荣，铁芯PU，J17-01-150-362","向荣","个",30,166.75,5002.5,"广东","乔志鹏"]
[779,"XJWXL-8","橡胶万向轮-8寸","品牌：向荣，铁芯PU，J17-01-200-362","向荣","个",30,246.2,7386,"广东","乔志鹏"]
[780,"XJDXL-6","橡胶定向轮-6寸","品牌：向荣，铁芯PU，J17-04-150-362","向荣","个",30,133.6,4008,"广东","乔志鹏"]
[781,"XJDXL-8","橡胶定向轮-8寸","品牌：向荣，铁芯PU，J17-04-200-362","向荣","个",30,196.9,5907,"广东","乔志鹏"]
[782,"XJWXL-10","橡胶万向轮-10寸","向荣，铁芯PU，J35-01-250-282","向荣","个",30,1154.2,34626,"广东","乔志鹏"]
[783,"RJD-33MX5CM","3M红胶带","规格：乙烯基橡胶胶黏剂，宽度：50mm，长度：33m","/","卷",18,52,936,"广东","乔志鹏"]
[784,"JD-15MM","胶带-红色纸质15MM","15MM","/","卷",15,1.85,27.75,"广东","乔志鹏"]
[785,"CXJ-40ML-WD40","除锈剂-40ML-WD40","规格：40ML/瓶，品牌：WD40","/","瓶",20,49,980,"广东","乔志鹏"]
[786,"620C20B120","销子-330系留工具98F10201000000","销子规格：抽芯销子，直径24长度183MM，销套：620C20B120.1,销帽：620C20B120.2,销芯：620C20B120.3,钢球：直径6，弹簧：直径13×直径0.8×2×22。替换自编件号XZ-330XLGJ","/","根",1,320,320,"广东","乔志鹏"]
[787,"98F10201000203","编织带-330系留工具98F10201000000","编织带规格：缝合牢固无线头，长2040宽75厚8MM，工作载荷4.5T，破断拉力10T。","/","根",1,760,760,"广东","乔志鹏"]
[788,"TXX-M3X20","弹性销M3X20","M3X20","/","个",20,0.85,17,"广东","乔志鹏"]
[789,"TXX-M5X30","弹性销M5X30","M5X30","/","个",20,0.85,17,"广东","乔志鹏"]
[790,"TXX-M8X50","弹性销M8X50","M8X50","/","个",20,2.2,44,"广东","乔志鹏"]
[791,"DP12V-60AH","电瓶","品牌：瓦尔塔，电压：12伏，容量60AH，型号：l2-400","瓦尔塔","块",2,580,1160,"广东","乔志鹏"]
[792,"PMM-1MX2M","泡沫棉","1MX2M","/","张",5,54.56,272.8,"广东","乔志鹏"]
[793,"FZT-30MM","防撞条-φ30","品牌：鑫尔曼，夹布胶管","/","米",10,33,330,"广东","乔志鹏"]
[794,"FZT-50MM","防撞条-Φ50mm","品牌：鑫尔曼，夹布胶管","/","米",15,42,630,"广东","乔志鹏"]
[795,"XJDXL-10","橡胶定向轮-10寸","品牌：向荣，铁芯PU，J35-04-250-282","/","个",20,1154.2,23084,"广东","乔志鹏"]
[796,"DC-GZT","地撑-工作梯2.5m及以上","厂家：成都东科信规格：高度47cm 螺纹钢筋32mm， 用于2.5m及以上工作梯固定使用。增配夹板，\n用螺钉固定。","/","个",20,1200,24000,"广东","乔志鹏"]
[797,"SHELL TELLUS T46","壳牌得力士46号宽温液压油","品牌：壳牌，型号：得力士Tellus46号宽温液压油，规格：20升/桶。","壳牌","桶",10,739.5,7395,"广东","乔志鹏"]
[798,"15W-40","柴油机油","孚莱陆地巡洋舰柴油发动机油 SAE 15W-40 API CH-4 20升","/","桶",10,565.5,5655,"广东","乔志鹏"]
[799,"80W90","安索齿轮油80W-90GL5","安索（AMSOIL）全合成齿轮油 差速器油 后桥油 80W-90 GL5 946ml AGLQT 支持LSD 养车保养","/","瓶",10,127.6,1276,"广东","乔志鹏"]
[800,"RHZ-LJ","锂基润滑脂","品牌：长城，规格：800克/桶，型号：骏博MP-3润滑脂","长城","桶",5,52,260,"广东","乔志鹏"]
[801,"MLX-1UM","PP棉滤芯-1微米","1um（20寸专用）","/","套",2,20,40,"广东","乔志鹏"]
[802,"LD-U1","袋式过滤器滤袋","直径180mm*长810mm*1um","/","套",2,60,120,"广东","乔志鹏"]
[803,"LD-100UM","袋式过滤器滤袋","直径180mm*长810mm*100um","/","套",2,50,100,"广东","乔志鹏"]
[804,"FF5052","发动机燃油滤清器","品牌：弗列加，FF5052(3931063)","弗列加","个",1,57.35,57.35,"广东","乔志鹏"]
[805,"FS1280","发动机燃油滤清器","品牌：弗列加，FS1280(3930942)","弗列加","个",1,78.65,78.65,"广东","乔志鹏"]
[806,"LF3345","发动机燃油滤清器","品牌：弗列加，LF3345(3908616)","弗列加","个",1,60.62,60.62,"广东","乔志鹏"]
[807,"K14900D","空气滤清器滤芯","品牌：弗列加，K14900d（4938598）","弗列加","个",1,160.57,160.57,"广东","乔志鹏"]
[808,"EF1-25","加油车滤芯","标准件号工具EF1-25，优先选用OEM件","/","个",10,16.78,167.8,"广东","乔志鹏"]
[809,"EF3-40","加油车滤芯","标准件号工具EF3-40，优先选用OEM件","/","个",16,24.24,387.84,"广东","乔志鹏"]
[810,"YLX36G-015P","加油车油滤","用于东科信生产的件号PF53481-BP2197、PF55451-23、DH13PM、PF53361-2PWS、7211勤务加油车的油滤芯，优先选用OEM件","/","个",16,1377.5,22040,"广东","乔志鹏"]
[811,147072,"机油滤","Deutz TD2.9L型号发动机、Deutz D2011型号发动机，机油滤","/","个",2,455,910,"广东","乔志鹏"]
[812,164772,"前燃油滤","Deutz TD2.9L型号发动机，前燃油滤","/","个",2,546,1092,"广东","乔志鹏"]
[813,164771,"燃油滤","Deutz TD2.9L型号发动机，燃油滤","/","个",2,585,1170,"广东","乔志鹏"]
[814,"165949-SJ63AJ","一级空气滤","Deutz TD2.9L型号发动机，一级空气滤","/","个",2,715,1430,"广东","乔志鹏"]
[815,165950,"二级空气滤","Deutz TD2.9L型号发动机，二级空气滤","/","个",2,585,1170,"广东","乔志鹏"]
[816,138402,"液压高压滤芯","用于型号SJ63AJ的曲臂车，液压高压滤芯","/","个",2,975,1950,"广东","乔志鹏"]
[817,162657,"液压回流滤芯","用用于型号SJ63AJ的曲臂车，液压回流滤芯","/","个",2,1235,2470,"广东","乔志鹏"]
[818,147071,"燃油滤","用于型号SJ63AJ的曲臂车，适用于Deutz D2011型号发动机的燃油滤。","/","个",2,546,1092,"广东","乔志鹏"]
[819,704560,"一级空气滤","用于型号SJ63AJ的曲臂车，适用于Deutz D2011型号发动机机的一级空气滤。","/","个",2,845,1690,"广东","乔志鹏"]
[820,706549,"二级空气滤","用于型号SJ63AJ的曲臂车，适用于Deutz D2011型号发动机机的二级空气滤。","/","个",2,585,1170,"广东","乔志鹏"]
[821,"RKRT72A","1/4棘轮扳手配件","实耐宝","实耐宝","套",20,123,2460,"广东","乔志鹏"]
[822,"RKRF80","3/8棘轮扳手配件","实耐宝","实耐宝","套",20,165,3300,"广东","乔志鹏"]
[823,"YYY-HK10#","地面液压油-航空10#-10KG","无品牌要求，10KG/桶，符合MIL-PRF-5606H或SH0358-1995或QSY YM0024-2022或QSY YM0024-2000或QQCDF 009-2022标准的航空液压油（地面用）。","/","桶",16,588,9408,"广东","乔志鹏"]
[824,"AQM-SBHS","安全帽","无品牌要求。\n带有LA标识、产品本体带有明显的生产日期、有效期（或失效日期）标注，且标识不易损毁。防御物体对头部造成冲击、刺穿、挤压等伤害，符合国标GB2811-2019，带透气孔。均码，防砸抗油，经典M型安全帽，防冲击ABS材质，可调节透气阀8点式织物内衬，一键式后箍调节。","/","个",8,28,224,"广东","乔志鹏"]
[825,"LSLM-M5X16","M5*16螺丝螺母","无品牌要求，半圆头内六角螺钉带配套螺母","/","套",200,0.5,100,"广东","乔志鹏"]
[826,"LSLM-M8X60-JD-40","螺丝螺母M8*16脚垫D40套装","无品牌要求，直径40mm圆形脚垫及配套M8*60螺杆、平垫、螺母","/","套",200,6,1200,"广东","乔志鹏"]
[827,"LSLM-M18X140","螺丝螺母M18*140","无品牌要求，M18*140螺杆及配套螺母","/","套",200,15.5,3100,"广东","乔志鹏"]
[828,"KKX-M3X40","开口销M3X40","无品牌要求，开口销M3*40","/","个",200,0.25,50,"广东","乔志鹏"]
[829,"QCLD-39X16X18CM","汽车轮挡-390*160*180mm","无品牌要求，便携式 货车轮胎塑料止滑器 停车斜坡垫三角木阻车器 塑料尺寸：加铁390*160*180mm","/","个",40,20.9,836,"广东","乔志鹏"]
[830,"BP-SB125X65MM","标牌-设备125X65MM","定制，材质：304不锈钢板，125mm*65mm，1mm厚,刻字：宋体腐蚀字体，深度0.2毫米，125MM*65MM，印刷内容详见备注栏图片，红框内字体无需印刷，基地自行刻字。","定制","个",100,6,600,"广东","乔志鹏"]
[831,"FGJP-89X61X2MM","反光镜片-89X61X2MM","无品牌要求。 宽61mm，长89mm，厚度2mm，长方形反光镜，材质：不限","/","个",100,10,1000,"广东","乔志鹏"]
[832,"GSS-3MM","带护套钢丝绳3mm","无品牌要求，3mm带护套钢丝绳","/","米",200,2,400,"广东","乔志鹏"]
[833,"RHZ-LJ","锂基润滑脂","品牌：长城，规格：800克/桶，型号：骏博MP-3润滑脂","长城","桶",10,45,{"$f":"G834*H834","v":450},"广东","乔志鹏"]
[834,"THK-M10DM","弹簧扣-M10带母","无品牌要求。304不锈钢带螺母弹簧扣M10","/","个",120,7.25,870,"广东","乔志鹏"]
[835,"KXX6.36MMX32.5MM","快卸销-L型手柄 直径6.36mm长度32.50mm","无品牌要求，304不锈钢，直径6.36mm销子，长度32.50mm，夹持长度25mm，符合MS17985标准；L形手柄快卸销；手柄为黑色铝质；含有孔及开口环,便于与系索连接；用于舱门锁锁定。","/","个",30,85,2550,"广东","乔志鹏"]
[836,"KXX-9.4MMX35.5MM","快卸销-L型手柄 直径9.40mm长度35.50mm","无品牌要求，304不锈钢，直径9.40mm销子，长度35.50mm，夹持长度25mm，符合MS17985标准；L形手柄快卸销；手柄为黑色铝质；含有孔及开口环,便于与系索连接；用于舱门锁锁定。用于更换损坏的销子。","/","个",4,100,400,"广东","乔志鹏"]
[837,"WLNJ-LD-N","行程开关-欧姆龙","型号：WLNJ-LD-N,带灯，弹簧，IP67 - 防尘，防水，建议品牌欧姆龙","/","个",132,126,16632,"广东","乔志鹏"]
[838,"FZG-TXW-6MM","防撞杆-碳纤维-6MM","无品牌要求，材质：碳纤维，外径6mm，内径4.7mm，单根长度1.5米，无品牌要求","/","根",100,15,1500,"广东","乔志鹏"]
[839,"JSDBHZ","警示灯保护罩","无品牌要求，材质：铁丝网，规格：外直径142mm，内直径110mm，高142mm.","/","个",12,30,360,"广东","乔志鹏"]
[840,"JT3X7CM","人字梯脚套","无品牌要求，材质：加厚橡胶，红色，规格：3X7cm","/","个",24,7.5,180,"广东","乔志鹏"]
[841,"TL7005PK","万用表线、表笔","品牌：FLUKE\n规格：通用型TL75","FLUKE","副",30,12,360,"广东","乔志鹏"]
[842,"JGJTZ-787QYG","紧固件套装-787牵引杆","品牌：威克特\n紧固件套装-787牵引杆","威克特","套",1,280,280,"广东","乔志鹏"]
[843,"JZD-787QYG","减震垫-787牵引杆","品牌：威克特\n用于件号TB787-JX的威克特牵引杆，材质：缓冲橡胶垫，规格：Φ30×Φ60×45(mm)","威克特","个",1,130,130,"广东","乔志鹏"]
[844,"AND-0.8M","安全带-0.8m","品牌：无品牌要求，符合国标GB6095-2021，坠落悬挂类别，全身式","/","个",2,42,84,"广东","乔志鹏"]
[845,"FGJP-89X61X2MM","反光镜片-89X61X2MM","无品牌要求。 宽61mm，长89mm，厚度2mm，长方形反光镜，材质：不限","/","个",30,2,60,"广东","乔志鹏"]
[846,"WLJLST-M6","外六角螺丝螺母套-8.8级M6","M6,长度20mm，此套是包括螺杆，螺母，平垫，弹垫","/","套",100,0.8,80,"广东","乔志鹏"]
[847,"JT8X2CM","人字梯脚套","无品牌要求，材质：加厚橡胶，内直径：8X2CM；","/","个",20,0.8,16,"广东","乔志鹏"]
[848,"JT4X8CM","人字梯脚套","无品牌要求，材质：加厚橡胶，内直径：4X8CM","/","个",20,0.18,3.6,"广东","乔志鹏"]
[849,"WLJLST-M16","外六角螺丝螺母套-8.8级M16","M16,长度140mm，此套是包括螺杆，螺母，平垫，弹垫","/","套",10,45,450,"广东","乔志鹏"]
[850,"FQ-D4.5X1.0MM","封圈-内径4.5X1毫米","材质：NBR70，形状：O形，尺寸：4.5mm内径，1mm线径，ADT附件包常备封圈，用于Ps输出口","/","件",100,0.25,25,"广东","乔志鹏"]
[851,"FQ-D7.5X1.0MM","封圈-内径7.5X1毫米","材质：NBR70，形状：O形，尺寸：7.5mm内径，1mm线径，ADT附件包常备封圈，用于Pt输出口","/","件",100,0.25,25,"广东","乔志鹏"]
[852,"DQ-LTCY-XKJ","垫圈-轮胎测压工具-小口径","品牌：东科信 规格为：φ10*φ5*3.5；材质为橡胶","/","个",30,5,150,"广东","乔志鹏"]
[853,"YYY-HK10#","地面液压油-航空10#-10KG","无品牌要求，10KG/桶，符合MIL-PRF-5606H或SH0358-1995或QSY YM0024-2022或QSY YM0024-2000或QQCDF 009-2022标准的航空液压油（地面用）。","/","桶",10,1750,17500,"广东","乔志鹏"]
[854,"SHELL TELLUS T46","壳牌得力士46号宽温液压油","品牌：壳牌，型号：得力士Tellus46号宽温液压油，规格：20升/桶。","壳牌","桶",2,498,996,"广东","乔志鹏"]
[855,"YYY-DEXRONIII","液压油-DexronIII","ATF DEXRON III自动变速箱油/助力油 18L/桶；无品牌要求；","/","桶",10,1830,18300,"广东","乔志鹏"]
[856,"PC-1043","进气空气滤清器滤芯","用于TRONAIR氮气增压器18-4201-1010进气空气滤滤芯，品牌：TRONAIR","/","个",4,695,2780,"广东","乔志鹏"]
[857,50866,"润滑脂-氮气增压器","件号替代28442，用于TRONAIR氮气增压器18-4201-1010空气循环阀润滑，一件对应一小袋，约用于一次工作润滑，根据厂家答复：无容量信息因此无多少毫升。工卡品牌要求Haskel","/","个",3,1150,3450,"广东","乔志鹏"]
[858,"HC-2000-208","O形圈","用于TRONAIR氮气增压器18-4201-1010超压爆破片密封圈，品牌：TRONAIR","/","个",1,150,150,"广东","乔志鹏"]
[859,"H-1831","破裂环","用于TRONAIR氮气增压器18-4201-1010超压爆破环，品牌：TRONAIR","/","个",1,2100,2100,"广东","乔志鹏"]
[860,"LG-XDCXT","拉钩-蓄电池箱体","无品牌要求，材质：橡胶，如备注图片","/","个",10,7.5,75,"广东","乔志鹏"]
[861,"ZJT-M14/1XG1/4","转接头-M14X1母头转G1/4公头","无品牌要求，转接头：M14*1(外径14mm螺距1mm)母头转G1/4公头（外径13.158mm,内径11.446mm,螺距1.337m）","/","个",20,5,100,"广东","乔志鹏"]
[862,"ZJT-YZG-1/4NPT","转接头-英转公-1/4NPT","无品牌要求,参数：外口1/4NPT，内口M14*1.5","/","个",20,5,100,"广东","乔志鹏"]
[863,"CT-3J250V16A","插头-三极16A-250V","型号：16A三极插头\n电压：250V\n电流：16A","/","个",20,7.5,150,"广东","乔志鹏"]
[864,"CT-2J250V10A","插头-二极10A-250V","型号：10A二极插头\n电压：250V\n电流：10A","/","个",20,7.5,150,"广东","乔志鹏"]
[865,"JSD-SCJGP","警示灯-试车警告牌","长：140MM*高146MM、可充电、底部有磁性、红蓝色暴闪型、品牌不限","/","件",2,30,60,"广东","乔志鹏"]
[866,"1A-30","燃油滤芯","适用于BT400NEXD5加温机，型号1A-30","/","件",1,130,130,"福州","陈泽禹"]
[867,"3M983D","反光贴-3M警示","3M983D反光面料红白，长24M，宽5CM，反光材质","/","卷",3,145,435,"福州","陈泽禹"]
[868,"481-068","IDG加油车滤芯","圆柱形 型号481-068滤芯 1微米级的止水滤芯","/","件",4,750,3000,"福州","陈泽禹"]
[869,"BP-TJ210X150MM","标牌-梯架210X150MM","210X150MM","/","件",30,15.32,459.6,"福州","陈泽禹"]
[870,"CJB-25KG","擦机布","25公斤/袋，本白色,不掉毛、纯棉","/","袋",10,189.15,1891.5,"福州","陈泽禹"]
[871,"CT-TBJQ","衬套-737拖把剪切销衬套","适用东科信737牵引杆","东科信","件",3,120,360,"福州","陈泽禹"]
[872,"CXJ-400ML-WD40","除锈剂-400ML-WD40","无品牌要求，400ML、除锈、品牌不限","/","瓶",9,60,540,"福州","陈泽禹"]
[873,"DC-EJG1103","电池--耳机G1103","无品牌要求，适用于ACE-G1103无线耳机","/","件",6,460,2760,"福州","陈泽禹"]
[874,"DC-GZT","地撑-工作梯2.5m及以上","工作梯2.5m及以上","/","件",6,300,1800,"福州","陈泽禹"]
[875,"FZT-30MM","防撞条-φ30mm","无品牌要求，满足规格即可,黑黄警示防撞海绵管，内径30mm 壁厚10mm 1米/根","/","根",45,70,3150,"福州","陈泽禹"]
[876,"HDL-3","轮子-3寸活动","直径10cm*3cm(内径1CM)","/","件",3,15,45,"福州","陈泽禹"]
[877,"JQX-DKX-190","剪切销","适用东科信190牵引杆","/","件",16,120,1920,"福州","陈泽禹"]
[878,"JQX-DKX-320","剪切销-319牵引杆","适用东科信320牵引杆","/","件",44,120,5280,"福州","陈泽禹"]
[879,"JQX-DKX-737/319","剪切销-737/319(东科信8X129）","适用东科信737/319牵引杆","/","件",220,120,26400,"福州","陈泽禹"]
[880,"JQX-DKX787","剪切销","适用东科信787牵引杆","/","件",10,140,1400,"福州","陈泽禹"]
[881,"JZD-737/320","减震垫-737/320通用牵引杆","减震垫-737/320通用牵引杆","/","件",3,350,1050,"福州","陈泽禹"]
[882,"KKX-M2X30","开口销-M2X30","M2X30","/","件",100,0.1,10,"福州","陈泽禹"]
[883,"KKX-M3X40","开口销M3X40","M3X40","/","件",50,0.12,6,"福州","陈泽禹"]
[884,"KQLX-GA45","GA45空压机空气过滤器滤芯","GA45空压机空气过滤器滤芯","/","件",3,30,90,"福州","陈泽禹"]
[885,"LMD5X20","大头拉铆钉5X20","5X20MM（大头）","/","件",240,0.15,36,"福州","陈泽禹"]
[886,"MS15290","皮带","适用于BT400NEXD5加温机，型号MS15290","大孚","件",1,560,560,"福州","陈泽禹"]
[887,"PJ-737TBSZ","737拖把锁定装置配件","737通用牵引杆专用",null,"件",1,980,980,"福州","陈泽禹"]
[888,"QYGLZ-320/737","牵引杆轮子-320/737","内径10mm外径100mm、橡胶定向轮、737和320拖把使用",null,"件",6,180,1080,"福州","陈泽禹"]
[889,"QYGSJJG-737/320","牵引杆升降机构-737/320","通用型牵引杆升降机构",null,"个",1,2650,2650,"福州","陈泽禹"]
[890,"QYGSJJG-737/320","牵引杆升降机构-737/320","通用型牵引杆升降机构，用于东科信生产的牵引杆，品牌东科信",null,"件",2,2650,5300,"福州","陈泽禹"]
[891,"QYGWXL-E190","牵引杆轮子","内径12.5mm，外径130mm",null,"件",6,220,1320,"福州","陈泽禹"]
[892,"RHZ-LJ","锂基润滑脂","品牌：长城，规格：800克/桶，型号：骏博MP-3润滑脂",null,"桶",12,40,480,"福州","陈泽禹"]
[893,"SST-S11","接线端子-1.7mm*26mm","内径1.7mm*长度26mm，免压热缩管型、防水套管密封快速对接头、材质：尼龙管。工作温度:-55℃~125℃，收缩温度:>160℃.",null,"件",300,0.5,150,"福州","陈泽禹"]
[894,"SST-S21","接线端子-2.7mm*40mm","内径2.7mm*长度40mm，免压热缩管型、防水套管密封快速对接头、材质：尼龙管。工作温度:-55℃~125℃，收缩温度:>160℃.",null,"件",300,0.5,150,"福州","陈泽禹"]
[895,"T03027","单向阀（油箱）","适用于BT400NEXD5加温机，型号T03027",null,"件",1,2100,2100,"福州","陈泽禹"]
[896,"THDP-M12","弹簧垫片","8.8级\\M12",null,"个",240,0.16,38.4,"福州","陈泽禹"]
[897,"THDP-M8","弹簧垫片","8.8级\\M8",null,"个",240,0.08,{"$f":"G898*H898","v":19.2},"福州","陈泽禹"]
[898,"TM3917-2","轴套","适用于BT400NEXD5加温机，型号TM3917-2",null,"件",1,710,710,"福州","陈泽禹"]
[899,"TR778","喷嘴","适用于BT400NEXD5加温机，型号TR778",null,"件",1,1320,1320,"福州","陈泽禹"]
[900,"TRA3057-100","燃油滤","适用于BT400NEXD5加温机，型号TRA3057-100",null,"件",1,735,735,"福州","陈泽禹"]
[901,"WLJLS-12X75MM8.8","外六角螺栓-12X75MM-8.8","12*75MM（8.8级）",null,"件",240,2,480,"福州","陈泽禹"]
[902,"WLJLS-8X50MM-8.8","外六角螺栓-8X50MM-8.8","碳钢8.8级8*50",null,"个",240,0.7,168,"福州","陈泽禹"]
[903,"ZT-FGZ","反光贴纸","适用于型号LZ-003 （700*36*36 ）",null,"件",250,6,1500,"福州","陈泽禹"]
[904,"JQX-DKX33/35/787","A330/350/787剪切销（东科信）","适用拖把TB-330/350/787\nΦ12X110","东科信","根",60,120,7200,"中南","黄运强"]
[905,"JQX-DKX-737/319","剪切销-737/319(东科信8X129）","适用拖把-737/319 通用拖把\nφ8*129","东科信","根",150,120,18000,"中南","黄运强"]
[906,"JQX-DKX737/320","剪切销-东科信-737/320通用","适用拖把-737/319 通用拖把\nφ8*83","东科信","根",300,120,36000,"中南","黄运强"]
[907,"JQX-DKX-190","剪切销-190(东科信10X92）","适用190牵引杆\nΦ10X92","东科信","根",80,120,9600,"中南","黄运强"]
[908,"TBJQX-767/330","B767/330通用型剪切销","品牌：东科信\n适用拖把-A330/B767/A350\nΦ10X102(mm)","东科信","根",30,120,3600,"中南","黄运强"]
[909,"SV-TB-787JQX-105","威克特B787牵引杆剪切销","品牌：威克特\n适用787牵引杆\nΦ12.7mm，要求威克特原厂件。","威克特","个",80,160,12800,"中南","黄运强"]
[910,"JQX-WKT33/35/767","A330/A350/767剪切销（威克特）","品牌：威克特\n适用拖把-A330/B767/A350\nΦ12.7mm，要求威克特原厂件。","威克特","个",50,160,8000,"中南","黄运强"]
[911,"AYKG-EJ","按压开关-耳机","PTT开关-耳机，开孔尺寸：Φ12，按下导通自复位开关","无品牌要求","个",150,12,1800,"中南","黄运强"]
[912,"LB-300Ω","喇叭-300Ω","Ø50mmH8.5mm300Ω1W铁架内磁喇叭","无品牌要求","个",150,5.85,877.5,"中南","黄运强"]
[913,"EJX-4.5MMX7M","耳机线","4*0.2mm²，外径4.5mm，四芯带屏蔽层（无氧铜丝），7m/条","无品牌要求","条",30,100,3000,"中南","黄运强"]
[914,"EJX-3.6MMX700MM","耳机听筒连接线","2*0.15mm²，外径3.6mm，两芯带屏蔽层（无氧铜丝），700mm/条","无品牌要求","条",30,30,900,"中南","黄运强"]
[915,"MKF","麦克风（H3312）","18317G-02，单指向麦克风（带放大电路）、等效于12948G-15","无品牌要求","个",250,70,17500,"中南","黄运强"]
[916,"YPCT-6.35MM","音频插头","无品牌要求。6.35mm音频接头3芯；带护套；","无品牌要求","个",250,3.8,950,"中南","黄运强"]
[917,"JL-2-UXJB","脚轮-2寸-U型夹板万向","品牌：无品牌要求。规格：2寸，轮直径50MM\\轮宽17MM\\夹：20mm\\","无品牌要求","个",100,11,1100,"中南","黄运强"]
[918,"JL-DL2.5","脚轮-单轮2.5寸","无品牌要求；轮子规格：2.5寸单轮；材质：铁芯聚氨酯\n轮径63.5MM，轮宽：38MM\n轴承型号：6001ZZ；\n含配件，配件规格：\n(螺栓规格：10*55mm\n套管长：41mm\n套管内径：10mm）","无品牌要求","个",300,11,3300,"中南","黄运强"]
[919,"XJL-SX-300MM","橡胶轮-实心-300毫米","名称：橡胶轮，规格：实心，材质：橡胶，直径：300mm，宽80mm，包含6206深沟球轴承和轮毂，","重庆南方","个",50,181.9,9095,"中南","黄运强"]
[920,"JL-4CJAZDGDL","脚轮-4寸聚氨酯带盖单轮","无品牌要求；规格：4寸；轴承规格：6001ZZ；材质：聚氨酯；轮子直径：100MM；轮面宽度：32MM；两侧带金属保护盖；含M10x55螺栓\\螺帽；","无品牌要求","个",120,27,3240,"中南","黄运强"]
[921,"JL-4CWXTHJZL","脚轮-4寸万向弹簧减震轮","无品牌要求；4寸镀锌竖弹簧减震脚轮；规格：万向，脚轮两侧带金属盖。单轮直径：100MM；单轮宽度：50MM;单只载重：250KG；","无品牌要求","个",30,93,2790,"中南","黄运强"]
[922,"JL-8CJAZDL（件号未创件）","脚轮-8寸聚氨酯单轮（件号未创件）","轮子直径:200mm\n轮面宽度:50mm\n轴承:6202\n轴承内径:15mm","环球脚轮","个",50,50,2500,"中南","黄运强"]
[923,"EH11-11-125LS614","脚轮-环球5寸铝芯橡胶减震万向","品牌：环球脚轮；件号：EH11-11-125LS-614；规格：5寸铝芯橡胶减震万向轮","环球脚轮","个",30,138,4140,"中南","黄运强"]
[924,"EH11-11-150LS614","脚轮-环球6寸铝芯橡胶减震万向","品牌：环球脚轮；件号：EH11-11-150LS614；规格：6寸铝芯橡胶减震万向轮","环球脚轮","个",200,148,29600,"中南","黄运强"]
[925,"EH11-11-150LR614","脚轮-环球6寸铝芯橡胶减震定向","品牌：环球脚轮；件号：EH11-11-150LR614；规格：6寸铝芯橡胶减震定向轮","环球脚轮","个",200,137,27400,"中南","黄运强"]
[926,"EH11-11-200LS614","脚轮-环球8寸铝芯橡胶减震万向","品牌：环球脚轮；件号：EH11-11-200LS-614；规格：8寸铝芯橡胶减震万向轮","环球脚轮","个",500,194,97000,"中南","黄运强"]
[927,"EH11-11-200LR614","脚轮-环球8寸铝芯橡胶减震定向","品牌：环球脚轮；件号：EH11-11-200LR-614；规格：8寸铝芯橡胶减震定向轮","环球脚轮","个",500,182,91000,"中南","黄运强"]
[928,"XJWXL-3","橡胶万向轮-3寸","品牌：米琪轮；规格：3寸、万向、铝芯橡胶轮、带刹车","米琪轮","个",30,29.4,882,"中南","黄运强"]
[929,"XJDXL-3","橡胶定向轮-3寸","品牌：米琪轮。规格：3寸、定向、铝芯橡胶轮","米琪轮","个",30,22.62,678.6,"中南","黄运强"]
[930,"XJWXL-4","橡胶万向轮-4寸","品牌：米琪轮。重型铝芯橡胶静音万向轮4寸带刹车。","米琪轮","个",180,56.55,10179,"中南","黄运强"]
[931,"XJDXL-4","橡胶定向轮-4寸","品牌：米琪轮。重型铝芯橡胶静音定向轮；规格：4寸","米琪轮","个",180,38.45,6921,"中南","黄运强"]
[932,"XJWXL-5","橡胶万向轮-5寸","品牌：米琪轮。重型铝芯橡胶静音定向轮；规格：5寸","米琪轮","个",20,55.7,1114,"中南","黄运强"]
[933,"XJDXL-6","橡胶定向轮-6寸","品牌：米琪轮。重型铝芯橡胶静音定向轮；规格：6寸","米琪轮","个",80,52.02,4161.6,"中南","黄运强"]
[934,"YSH-3CM","钥匙环-3cm","不锈钢钥匙环、规格3CM","无品牌要求","个",400,0.14,56,"中南","黄运强"]
[935,"LT-2MM","铝套-2MM","铝套-2MM","无品牌要求","个",600,0.08,48,"中南","黄运强"]
[936,"THK-M10DM","弹簧扣-M10带母","不锈钢弹簧扣-M10带母","无品牌要求","个",300,4.2,1260,"中南","黄运强"]
[937,"LMD-4X18MM","拉铆钉-4X18MM","拉铆钉-4X18MM；材质：铝","无品牌要求","个",1000,0.054,54,"中南","黄运强"]
[938,"MD-BXGPT-M4X20MM","铆钉-不锈钢平头-M4X20(实心）","铆钉-不锈钢平头-M4X20(实心）","无品牌要求","个",1000,0.24,240,"中南","黄运强"]
[939,"XLS-18MM","系留绳18MM","材质：高强涤纶纤维，12股编织。\n直径：18MM，50米/卷","无品牌要求","卷",100,198,19800,"中南","黄运强"]
[940,"GSS-2MM","包塑钢丝绳-2MM","包塑钢丝绳-2MM150米/卷","无品牌要求","卷",2,37,74,"中南","黄运强"]
[941,"NLJLS-BY6X50MM","内六角螺栓-半牙M6X50MM","内六角螺栓-半牙M6X50MM","无品牌要求","个",50,0.7,35,"中南","黄运强"]
[942,"SJLM-BXG-M6","锁紧螺母-304不锈钢M6","锁紧螺母-304不锈钢M6","无品牌要求","个",50,0.31,15.5,"中南","黄运强"]
[943,"PZLS-12X80MM","膨胀螺栓-12X80MM","304不锈钢膨胀螺栓-12X80MM","无品牌要求","个",1000,1.8,1800,"中南","黄运强"]
[944,"ZGD-YW","自攻燕尾钉","无品牌要求。410不锈钢六角钻尾螺丝；送强磁套筒；规格：M5.5*38；","无品牌要求","个",1000,0.28,280,"中南","黄运强"]
[945,"DM-BXGM16X100","不锈钢地锚","无品牌要求。不锈钢，规格：M16*100；膨胀吊环","无品牌要求","个",300,12.3,3690,"中南","黄运强"]
[946,"SBT-XJ-28X125","手把套-橡胶-28X125","规格：内径28mm，\n长125mm。\n材质：优质橡胶PVC","无品牌要求","个",300,3.05,915,"中南","黄运强"]
[947,"TL-BXG6MMX3M","铁链-不锈钢带螺母弹簧扣6MM*3M","无品牌要求。铁链材质：不锈钢；弹簧扣材质：不锈钢；全长：3米；线径：6MM；不锈钢铁链*1条、弹簧扣*2个","无品牌要求","条",500,42,21000,"中南","黄运强"]
[948,"GS-CT50MM","铜挂琐-5OMM","无品牌要求规格50MM纯铜挂锁，通用型","无品牌要求","个",100,12.15,1215,"中南","黄运强"]
[949,"GSL-125MM","钢丝轮-125MM","内孔：16mm,,丝轮直径：125mm","无品牌要求","个",100,4,400,"中南","黄运强"]
[950,"BXGSS-0.2MM","带柄不锈钢丝刷","无品牌要求\n柄径：6mm\\直径：100mm、带柄钢丝刷（碗型）","无品牌要求","个",100,9,900,"中南","黄运强"]
[951,"GTS-4C","滚筒刷-4寸","无品牌要求。滚筒规格：4寸海绵滚筒刷，\n含1个手柄2个滚头","无品牌要求","个",500,8.2,4100,"中南","黄运强"]
[952,"QGP-105X1.2X16MM","切割片105X1.2X16MM","无品牌要求。规格：105X1.2X16MM；双网黑片；","无品牌要求","片",500,0.76,380,"中南","黄运强"]
[953,"JD-DG1.8CM","电工胶带","宽1.8CM,长10M","无品牌要求","卷",200,1.42,284,"中南","黄运强"]
[954,"LZ-PVC70X36MM","路锥-PVC70X36MM","尺寸：700*360*360mm\n整体应符合国家标准GB/T 24720-2009，PVC材质一体式。\n交通锥锥体的内部、外部均宜为红色。规格：加厚晶格路锥套；圆锥形；分上下环形反光条款式。上部反光条上口尺寸：115mm 、下口：158mm、上部反光条宽：10mm。下部反光条：上口：320mm、下口：360mm、下部反光条宽90mm。下部反光条两侧印有红色的海航标志和蓝色的HNA Technic。制作前请联系需求方确认后再排产。\n单个重量不低于2.5KG，最重不超过3KG。","无品牌要求","个",1000,50,50000,"中南","黄运强"]
[955,"FGT-PVCFGZ","反光条-PVC反光锥","规格：加厚晶格路锥套；圆锥形；分上下环形反光条款式。上部反光条上口尺寸：115mm 、下口：158mm、上部反光条宽：10mm。下部反光条：上口：320mm、下口：360mm、下部反光条宽90mm。下部反光条两侧印有红色的海航标志和蓝色的HNA Technic。制作前请联系需求方确认后再排产。","无品牌要求","件",2000,4.6,9200,"中南","黄运强"]
[956,"DQ-LTCY-XKJ","垫圈-轮胎测压工具-小口径","规格为：φ10*φ5*3.5；材质为橡胶","无品牌要求","个",400,1,400,"中南","黄运强"]
[957,"DQ-LTCY-DKJ","垫圈-轮胎测压工具-大口径","品牌：东科信规格为：φ16*φ5*4；材质为橡胶","无品牌要求","个",400,2.95,1180,"中南","黄运强"]
[958,"DL490450C","润滑剂-多功能防锈（得力）","称：多功能防锈润滑剂；容量：450ML；型号：DL490450C","得力","瓶",300,25.9,7770,"中南","黄运强"]
[959,"RHZ-LJ","锂基润滑脂","二硫化钼锂基润滑脂；规格：1号润滑脂；5公斤/桶；颜色：黑色","无品牌要求","桶",100,160.2,16020,"中南","黄运强"]
[960,"ZPQ-350ML","自喷漆-350ML","无品牌要求。\n350毫升/瓶，颜色：黄色","无品牌要求","瓶",500,8.3,4150,"中南","黄运强"]
[961,"FXDQ-350ML","防锈底漆-350毫升","无品牌要求。规格350ML自喷罐装，无颜色要求。","无品牌要求","瓶",500,8.3,{"$f":"G962*H962","v":4150},"中南","黄运强"]
[962,"JYCQ-YELLOW2.5KG","胶玉磁漆-黄2.5KG/桶","无品牌要求。2.5KG/桶;醇酸中黄","无品牌要求","桶",100,63,6300,"中南","黄运强"]
[963,"YQ-HYFXDQ-28KG","油漆-环氧富锌底漆-28千克","无品牌要求。名称：环氧富锌底漆，参数：含锌量70%，每桶包含：25.5千克主漆+2.5千克固化剂，颜色：红色","无品牌要求","桶",20,1323,26460,"中南","黄运强"]
[964,"YYY-HK10#","地面液压油-航空10#-10KG","\"品牌：昆\n仑 昆仑\n10号液压\n油\n：10KG/桶","昆仑","桶",150,360,54000,"中南","黄运强"]
[965,"L-HM32","液压油L-HM32","品牌：长城；液压油型号：卓力L-HM32：18L/桶，","长城","桶",2,295,590,"中南","黄运强"]
[966,"10W-30","机油-美孚黑霸王柴油机","CH4，4L/瓶；10W-30","无品牌要求","瓶",20,113,2260,"中南","黄运强"]
[967,"15W-40","柴油机油","柴油发动机油 SAE 15W-40 API CH-4 20升","无品牌要求","桶",10,485,4850,"中南","黄运强"]
[968,"6-QWLZ-85","蓄电池-12V85AH","启动型免维护蓄电池，电压：12伏，容量：85Ah，尺寸：300*170*210mm；","骆驼","块",20,580,11600,"中南","黄运强"]
[969,"YQD-370","减压器-氮气","品牌：上海减压器厂\n型号：YQD-370；输入0-25MPA，输出0-6MPA","上海减压器厂","件",20,500,10000,"中南","黄运强"]
[970,"FCZKJ-N2","卡具-氮气充气接头套装","无品牌要求。产品名称：氮气充气接头套装；防错装卡具规格：G5/8内螺纹，材质：20#，耐压15/20MPa；接头规格：一头G5/8球面，另一头M14*1.5外丝平面，材质：全铜；","无品牌要求","套",30,37,1110,"中南","黄运强"]
[971,"XLS-18MM","系留绳18MM","材质：高强涤纶纤维，12股编织。\n直径：18MM，50米/卷","/","卷",10,198,1980,"中南","陈日辉"]
[972,"EG01-11-150R-306","脚轮-环球6英寸聚氨酯定向","轮子直径150mm，孔距84X71，材料：超静聚氨酯，形式：固定","环球","个",10,45,450,"中南","陈日辉"]
[973,"YYY-HK10#","地面液压油-航空10#-10KG","昆仑10号液压油，10KG/桶","昆仑","桶",9,450,4050,"中南","陈日辉"]
[974,"ZT-FGZ","锥套-反光锥","无品牌要求。规格：加厚晶格路锥套；形状：圆锥；锥套上反光面为白色红色两种，白色反光面与红色反光面红白相间上下分布，上层白色反光面的最小宽度为8cm，下层白色反光面的最小宽度为11cm。上层白色反光面上双面对称印刷海技logo。\n锥套上口宽度：10.5CM、长：54cm、下口宽度35cm.","/","个",900,6,5400,"中南","陈日辉"]
[975,"EG01-11-200S-306","脚轮-环球8英寸聚氨酯万向","轮子直径：200mm，孔距：84X71，材料：超静聚氨脂，形式：万向轮","环球","个",20,68,1360,"中南","陈日辉"]
[976,"EG01-11-150S-306","脚轮-环球6英寸聚氨酯万向","轮子直径：150mm，孔距：84X71，材料：超静聚氨脂，形式：万向轮","环球","个",20,52,1040,"中南","陈日辉"]
[977,"KKX-M3X40","304不锈钢开口销","M3*40","/","个",200,0.12,24,"中南","陈日辉"]
[978,"TTEZ-H3312","听筒耳罩","听筒耳罩（按图纸要求生产）","/","个",100,15,1500,"中南","陈日辉"]
[979,"EJX-3.6MMX700MM","耳机听筒连接线","2*0.15mm²，外径3.6mm，两芯带屏蔽层（无氧铜丝），700mm/条","/","条",100,30,3000,"中南","陈日辉"]
[980,"EJX-4.5MMX7M","耳机线","4*0.2mm²，外径4.5mm，四芯带屏蔽层（无氧铜丝），7m/条","/","条",35,200,7000,"中南","陈日辉"]
[981,"YPCT-6.35MM","音频插头","6.35mm音频接头3芯","/","个",100,20,2000,"中南","陈日辉"]
[982,"SEKG-13-15MM","双耳卡箍-13-15MM","双耳卡箍规格13-15mm 带宽7.5mm 料厚1mm 厂家不限","/","个",50,10,500,"中南","陈日辉"]
[983,"SEKG-3-5MM","双耳卡箍-3-5MM","双耳卡箍规格3-5mm 带宽6.0mm 料厚0.7mm 厂家不限","/","个",50,8,400,"中南","陈日辉"]
[984,"MKFZZ","麦克风嘴罩（H3312)","麦克风嘴罩（按图纸要求生产）","/","个",50,15,750,"中南","陈日辉"]
[985,"MKF","麦克风（H3312）","18317G-02，单指向麦克风（带放大电路）、等效于12948G-15","/","个",40,120,4800,"中南","陈日辉"]
[986,"AYKG-EJ","按压开关-耳机","PTT开关-耳机，开孔尺寸：Φ12，按下导通自复位开关","/","个",100,20,2000,"中南","陈日辉"]
[987,"HHJD-33MX50MM","黄黑警示胶带","无品牌要求\n规格：乙烯基橡胶胶黏剂，宽度：50mm，长度：33m","/","卷",30,7.92,237.6,"中南","陈日辉"]
[988,"6-FM-24","电动车电瓶","规格 ：12V20A","天能","个",125,198,24750,"中南","陈日辉"]
[989,"WLNJ-LD-N","欧姆龙防撞行程开关","型号：WLNJ-LD-N","欧姆龙","个",80,148,11840,"中南","陈日辉"]
[990,"LT-1.5MM","钢丝绳铝套-1.5MM","无品牌要求。规格；钢丝绳铝套，8字型双孔，适用于直径1.5MM钢丝绳","/","个",1200,0.06,72,"中南","陈日辉"]
[991,"HP5085300100-001","发声单元组件","无品牌要求。Φ50mmH8.5mm300Ω1W铁架喇叭","/","个",80,45,3600,"中南","陈日辉"]
[992,"WNJ-8KG","三和皇牌万能胶","无品牌要求，规格；8KG/桶","/","桶",10,135,1350,"中南","陈日辉"]
[993,"XSJ-YQ-20L","稀释剂-油漆-20升","无品牌要求。名称：通用稀释剂，每桶包含：20升或16千克，颜色：透明，","/","桶",10,520,5200,"中南","陈日辉"]
[994,"YQ-ZH16L","中黄色油漆16L","无品牌要求。16千克/桶；颜色：中黄","/","桶",10,500,5000,"中南","陈日辉"]
[995,"JQX-DKX737/320","剪切销-东科信-737/320通用","适用拖把-737/319 通用拖把\nφ8*83","东科信","根",110,120,13200,"中南","陈日辉"]
[996,"JQX-DKX-190","剪切销-190(东科信10X92）","适用190牵引杆\nΦ10X92","东科信","根",14,120,1680,"中南","陈日辉"]
[997,"TBJQX-767/330","B767/330通用型剪切销","品牌：东科信\n适用拖把-A330/B767/A350\nΦ10X102(mm)","东科信","根",30,120,3600,"中南","陈日辉"]
[998,"SV-TB-787JQX-105","威克特B787牵引杆剪切销","品牌：威克特\n适用787牵引杆\nΦ12.7mm，要求威克特原厂件。","威克特","根",30,160,4800,"中南","陈日辉"]
[999,"JQX-WKT33/35/767","A330/A350/767剪切销（威克特）","品牌：威克特\n适用拖把-A330/B767/A350\nΦ12.7mm，要求威克特原厂件。","威克特","根",30,160,4800,"中南","陈日辉"]

{"sheet":"取消清单","index":3,"n_rows":76,"n_cols":14,"rows_kept":76,"hidden":true}
["项次","类别","件号","名称","规格","品牌","单位","年度需求数量","单价","总价","报价供应商","年度需求数量","规格，品牌","是否需要原厂配件"]
[11,"SJ8831RT配件",104254,"液压回流滤芯","用于SJ8831RT，无品牌要求","无品牌要求，用于型号SJ8831RT的剪刀升降车","个",1,550,550,"龙驰吟（北京）航空科技有限公司",1,"无变化","否"]
[13,"滤芯",136118,"柴油滤芯","按照件号规格采购，满足SJ6832RT车使用","无品牌要求，适用于SJ6832RT剪刀车","个",2,203,406,"龙驰吟（北京）航空科技有限公司"]
[15,"滤芯",139254,"前置燃油滤","Kubota D1305型号发动机，无品牌要求","无品牌要求，用于型号SJ8831RT的剪刀升降车","个",1,210,210,"龙驰吟（北京）航空科技有限公司",1,"无变化","否"]
[18,"滤芯",147130,"机油滤","Kubota D1305型号发动机，无品牌要求","无品牌要求，用于型号SJ8831RT的剪刀升降车","个",1,686,686,"龙驰吟（北京）航空科技有限公司",1,"无变化","否"]
[19,"SJ8831RT配件",147248,"燃油滤","用于型号SJ8831RT的剪刀升降车，适用于Deutz TD2.9L型号发动机机的燃油滤","无品牌要求，用于型号SJ8831RT的剪刀升降车","个",1,285,285,"龙驰吟（北京）航空科技有限公司",1,"Kubota D1305型号发动机，无品牌要求","否"]
[24,"滤芯",216534,"机油滤芯","按照件号规格采购，满足SJ6832RT车使用","无品牌要求，用于剪刀车SJ6832RT","个",2,433,866,"龙驰吟（北京）航空科技有限公司"]
[27,null,4040008,"燃烧室","品牌：Aerotech Herman Nelson 用于BT400NEXD5加温车","Aerotech Herman Nelson","个",2,3180,6360,"龙驰吟（北京）航空科技有限公司"]
[28,null,4100156,"点火线-BT400NEXD5","原厂件，符合件号04100156规格","厂家HERMAN NELSON","根",1,1910,1910,"龙驰吟（北京）航空科技有限公司"]
[29,"加温机配件",5300050,"燃油电磁阀","适用于BT400NEXD5加温机，型号5300050","厂家HERMAN NELSON","个",1,3000,3000,"龙驰吟（北京）航空科技有限公司"]
[30,null,5300144,"喷嘴座","品牌：Aerotech Herman Nelson 用于BT400NEXD5加温车","Aerotech Herman Nelson","个",2,1420,2840,"龙驰吟（北京）航空科技有限公司"]
[31,null,5300265,"温度控制阀","适用于BT400NEXD5加温机，型号5300265","厂家HERMAN NELSON","件",1,2870,2870,"龙驰吟（北京）航空科技有限公司"]
[35,null,"05300050","燃烧控制器","原厂件，件号05300050，燃烧控制器包含感温头。","厂家HERMAN NELSON","个",1,3500,3500,"龙驰吟（北京）航空科技有限公司"]
[44,"滤芯","15400-RTA-003","机油滤清器","适用ET12000型号发电机","无品牌要求","个",1,68,68,"龙驰吟（北京）航空科技有限公司",1,"无变化","否"]
[46,"滤芯","16176-Z2G-D51","燃油过滤网","适用EG6500CXS型号发电机、适用ET12000型号发电机","无品牌要求","个",2,20,40,"龙驰吟（北京）航空科技有限公司",2,"无变化","否"]
[48,"滤芯","16952-ZA0-000","燃油过滤器","适用EG6500CXS型号发电机","无品牌要求","个",2,12,24,"龙驰吟（北京）航空科技有限公司",2,"无变化","否"]
[50,"滤芯","17210-Z6L-010","空滤器滤芯","适用ET12000型号发电机","无品牌要求","个",1,115,115,"龙驰吟（北京）航空科技有限公司",1,"无变化","否"]
[51,"滤芯","17211-899-000","空滤器滤芯","适用EG6500CXS型号发电机、适用ELT6500CX型号发电机","无品牌要求","个",2,85,170,"龙驰吟（北京）航空科技有限公司",2,"无变化","否"]
[79,null,"BF-2-FUCHS","BF-2-福斯润滑脂16千克","品牌：福斯（FUCHS），参数：每桶16千克，锂皂基多功能润滑脂，用于天津电动拖车年检润滑工作","福斯（FUCHS）","桶",1,840,840,"龙驰吟（北京）航空科技有限公司"]
[118,null,"DHQ-JX","电焊钳-金象","品牌：金象 功率800A紫铜 防烫 耐热 不烫手","金象","个",2,85,170,"龙驰吟（北京）航空科技有限公司"]
[167,"滤芯","FDJLXT-YMH380V","发电机滤芯套-雅马哈380V","品牌：雅马哈型号：适合EDL26000TE发电机整套滤芯，包括机油滤、柴滤、空气滤","雅马哈","套",2,650,1300,"龙驰吟（北京）航空科技有限公司"]
[189,null,"GDXBZ-QJD372-028","固定销别针-千斤顶372-028","要求规格：372-028，型号：BOW TIE COTTER，材质：碳钢。无品牌","无品牌要求","个",2,100,200,"龙驰吟（北京）航空科技有限公司"]
[191,null,"GDX-QJD55002","固定销-千斤顶55002","55002，型号：FLAT HEAD PIN,5/16 DIA，材质：碳钢。无品牌要求","无品牌要求","个",2,520,1040,"龙驰吟（北京）航空科技有限公司"]
[194,null,"GWRHZ","高温润滑脂","品牌：无 高温润滑脂；规格：耐350度高温 15KG/桶","无品牌要求","桶",2,500,1000,"龙驰吟（北京）航空科技有限公司"]
[198,null,"H-1831","破裂环","用于TRONAIR氮气增压器18-4201-1010超压爆破环，","品牌：TRONAIR","个",2,2600,5200,"龙驰吟（北京）航空科技有限公司"]
[201,null,"HC-2000-208","O形圈","用于TRONAIR氮气增压器18-4201-1010超压爆破片密封圈","品牌：TRONAIR","个",2,180,360,"龙驰吟（北京）航空科技有限公司"]
[208,null,"HKYYY-20#","航空液压油-20号","20号航空液压油 20号液压油地面用 17L","中航航特","桶",2,1150,2300,"龙驰吟（北京）航空科技有限公司",2,"无变化","否"]
[210,null,"HLP32","HLP32","BP安能高Energol HLP 抗磨液压油46号22 32 68 100工业专用润滑油 Energol HLP 32 /18L","BP安能高","桶",2,765,1530,"龙驰吟（北京）航空科技有限公司",1,"无变化","否"]
[222,null,"JGJTZ-33/350/767","紧固件套装-33/350/767牵引杆","用于威克特330/350/767牵引杆，按照图纸整套包含：螺栓GB/T 5783 M10×20 镀锌钝化4个，螺栓GB/T 5783 M10×20 镀锌钝化4个，平垫GB/T 97.1 10 镀锌4个，弹垫GB/T 93 10 镀锌4个，螺栓GB/T 5782 M16×70 镀锌钝化12个，平垫GB/T 97.1 16 镀锌12个，自锁螺母GB/T 889.1 M16 镀锌12个，自锁螺母GB/T 889.1 M12 镀锌2个，螺栓GB/T 5782 M10×65 镀锌钝化1个，自锁螺母GB/T 889.1 M10 镀锌钝化1个，螺栓GB/T 5783 M8×40 镀锌钝化2个，内六角螺钉GB/T 70.1 M8×45 镀锌钝化6个，螺栓GB/T 5782 M10×50 镀锌钝化2个，自锁螺母GB/T 889.1 M10 镀锌钝化2个，螺钉GB/T 818 M4×10 镀锌1个，六角螺栓GB/T 5783 M8×16 镀锌钝化15个，自锁螺母GB/T 889.1 M12 镀锌钝化2个，平垫GB/T 97.1 12 镀锌4个，螺栓GB/T 5782 M24×120 镀锌钝化1个，自锁螺母GB/T 889.1 M24 镀锌钝化1个，平垫GB/T 97.1 24 镀锌1个，弹垫GB/T 93 8 镀锌8个，平垫GB/T 97.1 8 镀锌2个六角螺栓GB/T 5782 M20×120 镀锌2个，自锁螺母GB/T 889.1 M20 镀锌2个，平垫GB/T 97.1 20 镀锌2个，螺栓GB/T 5781 M4×10 镀锌8个，弹垫GB/T 93 4 8个，六角螺栓GB/T 5783 M12×35 镀锌12个，螺母GB/T 6170 M12 12个，弹垫GB/T 93 12 12个。（包括拖把减震垫）","上海威克特","套",2,415,830,"上海威克特航空地面设备有限公司"]
[228,null,"JGJTZ-HYDRO-320","紧固件套装-海德罗-320牵引杆","用于HYDRO生产的件号：CNTOWA320的320牵引杆，1.螺栓-六角开槽圆柱头螺钉，DIN912-M12x60，数量：12个。2.螺母-圆顶帽自锁螺母，DIN985-M12，数量：12个。3.螺母-城堡螺母，DIN 937-M20X1,5，数量：2个。4.垫圈，DIN 125-B21 Washer，数量：2个。5.螺栓-六角头螺钉，DIN 933-M5X20，数量：8个。6.垫圈，DIN 127-B5，数量：8个。7.螺栓-六角头螺钉，DIN 933-M10X45，数量：8个。8.垫圈，DIN 125-B10,5，数量：8个。9.螺母-圆顶帽自锁螺母，DIN 985-M10，数量：8个。10.螺栓-开槽圆柱头螺钉，DIN 912-M12X20，数量：2个。11.螺栓-开槽圆柱头螺钉，DIN 912-M6X30，数量：4个。12.垫圈，DIN 125-B6,4，数量：6个。13.螺母-圆顶帽自锁螺母，DIN 985-M6，数量：4个。14.螺栓-开槽圆柱头螺钉，DIN 912-M12X20，数量：2个。15.螺栓-六角头螺钉，DIN 931-M10X45，数量：8个。16.垫圈，DIN 125-B10,5，数量：8个。17.螺母-圆顶帽自锁螺母，DIN 985-M10，数量：8个。18.螺栓-六角头螺钉，DIN 933-M8x20，数量：8个。19.垫圈，DIN 125-B43，数量：1个。20.螺母-城堡螺母，DIN 935-M42，数量：1个。21.开口销，DIN 94-8x90，数量：1个。22.螺母-圆顶帽自锁螺母，DIN 985-M8，数量：6个。23.螺栓-六角头螺钉，DIN 933-M6X10，数量：1个。24.螺栓-六角头螺钉，DIN 931-M12x85，数量：2个。25.垫圈，DIN 125-B13，数量：4个。26.螺母-六角圆顶帽自锁螺母，DIN 985-M12，数量：2个。27.螺栓-六角头螺钉，DIN 931-M20x100，数量：2个。28.垫圈，DIN 125-B21，数量：4个。29.螺母-六角圆顶帽自锁螺母，DIN 985-M20，数量：3个。30.螺栓-六角头螺钉，DIN 931-M10X65，数量：1。31.螺母-六角圆顶帽自锁螺母，DIN 985-M10，数量：3个。32.螺栓-六角头螺钉，DIN 931-M10X50，数量：2个。33.螺栓-六角头螺钉，DIN 931-M8x40，数量：2个。34.螺栓-开槽圆柱头螺钉，DIN 912-M8x45，数量：6个。35.螺栓-开槽圆柱头螺钉，DIN 912-M6X12，数量：1个。36.垫圈，DIN7980-6，数量：1个。37.开口销，DIN 94-4x40，数量：2个。所有螺栓均配套同等数量的弹垫、平垫。无品牌要求。","海德罗","套",2,1600,3200,"成都东科信航空自控设备有限公司"]
[284,null,"KXJT-F70199-31M","快卸接头-母充气工具F70199-31","COUPLER/SV-F70199-31，型号：LAM-02SF，无品牌要求","无品牌要求","个",2,180,360,"龙驰吟（北京）航空科技有限公司"]
[286,null,"KXJT-SYB17-20-00","快卸接头-反推手摇泵　","手摇泵厂家TMH生产的TMHG17-20-00快卸接头；型号：Ball-Locking 常规液压快速接头，无品牌要求","无品牌要求","个",2,560,1120,"龙驰吟（北京）航空科技有限公司"]
[295,"滤芯","LD-100UM","袋式过滤器滤袋","2号过滤袋，直径180*810MM，过滤精度100UM.","无品牌要求","套",2,65,130,"龙驰吟（北京）航空科技有限公司"]
[300,"滤芯","LF3345","发动机机油滤清器","适用型号代码3908616，无品牌要求","无品牌要求","个",2,185,370,"龙驰吟（北京）航空科技有限公司",1,"无变化","否"]
[301,"滤芯","LF3349","滤清器芯-弗列加机油","品牌：弗列加 型号：LF3349机油滤清器芯","弗列加","个",1,115,115,"龙驰吟（北京）航空科技有限公司"]
[302,null,"L-G32","L-G32导轨油","品牌：无 L-G32导轨油：16L/13KG /桶，机加车床导轨润滑","无品牌要求","桶",1,400,400,"龙驰吟（北京）航空科技有限公司"]
[307,null,"L-HM32","液压油L-HM32","品牌：长城；液压油型号：卓力L-HM32：18L/桶，","长城","桶",2,315,630,"龙驰吟（北京）航空科技有限公司"]
[308,null,"L-HM46","抗磨液压油46#","昆仑（KunLun）L-HM 46号 抗磨液压油（高压） 13kg","无品牌要求","桶",1,385,385,"龙驰吟（北京）航空科技有限公司",1,"无变化","否"]
[334,"脚轮","LT-600X200MM","轮胎-600*200mm","600*200，带钢圈、法兰、轴承","无品牌要求","个",2,1600,3200,"龙驰吟（北京）航空科技有限公司"]
[335,null,"LTE-1101J","警示灯-12V10W","型号：LTE-1101J黄色 声光报警器选装爆闪警报灯 -12V10W 强磁底座/三角底座螺丝固定 直径6CM","无品牌要求","个",2,185,370,"龙驰吟（北京）航空科技有限公司"]
[339,"滤芯","LX-0660D003BH4HC","滤芯","型号：0660D003BH4HC","品牌：HYDAC","个",1,956,956,"龙驰吟（北京）航空科技有限公司"]
[341,"滤芯","LX-940854Q","滤芯","型号：940854Q","品牌：parker","个",1,956,956,"龙驰吟（北京）航空科技有限公司"]
[342,"滤芯","LX-PF53361-2P","滤芯","用于建议品牌为东科信生产的件号为PF53361-2P油车的精密油滤滤芯，包含成套密封圈2.65*直径37.5和直径16*2.4封圈。品牌不做要求。","东科信","个",2,700,1400,"龙驰吟（北京）航空科技有限公司",2,"无变化","否"]
[343,null,"MHZT-2.3MM","全磨制直柄加长麻花钻头","不锈钢2.3mm1套10只装","无品牌要求","套",1,65,65,"龙驰吟（北京）航空科技有限公司"]
[344,null,"MJT-F70199-32","母接头-充气工具F70199-32","F70199-32（8921螺纹12V1），无品牌要求","无品牌要求","个",2,750,1500,"龙驰吟（北京）航空科技有限公司"]
[345,null,"MJT-LW8V1","母接头-充气工具LW8V1","F70199-31（8921螺纹8V1），无品牌要求","无品牌要求","个",2,650,1300,"龙驰吟（北京）航空科技有限公司"]
[351,"滤芯","MLX-1UM","PP棉滤芯-1微米","1um（20寸专用）","无品牌要求","套",2,35,70,"龙驰吟（北京）航空科技有限公司"]
[359,null,"P365-25","25PSI单向阀","品牌：Aerotech Herman Nelson 用于BT400NEXD5加温车","Aerotech Herman Nelson","个",2,2000,4000,"龙驰吟（北京）航空科技有限公司"]
[361,"脚轮","PGL-250MM","磨床抛光轮","品牌：无品牌要求\n规格：外径250mm，内孔33mm，厚度80mm","无品牌要求","个",1,25,25,"龙驰吟（北京）航空科技有限公司"]
[362,null,"PJ-737TBSZ","737拖把锁定装置配件","737通用牵引杆专用","无品牌要求","件",1,980,980,"成都东科信航空自控设备有限公司"]
[363,null,"PSA1U1E","网口转USB适配器","规格：Portsmith dataPort USB 转以太网适配器","品牌：Portsmith \n ","根",2,1650,3300,"龙驰吟（北京）航空科技有限公司"]
[366,null,"PTTH-QPC12MM","爬梯弹簧-气瓶车12MM","中央减震，弹簧粗12mm，无品牌要求","无品牌要求","个",2,224,448,"龙驰吟（北京）航空科技有限公司"]
[377,null,"QCG-WXGS-8-60","气撑杆-万向GS-8-60","两头万向GS-8-60，材质：碳钢。无品牌要求","无品牌要求","个",2,1330,2660,"龙驰吟（北京）航空科技有限公司"]
[393,null,"RHY-1","气动工具专用润滑","气动工具专用润滑油 500ML BS664031/个","无品牌要求","瓶",1,85,85,"龙驰吟（北京）航空科技有限公司"]
[400,null,"SA90231","点火线圈-BT400NEXD5","原厂件，原件号04100113，已经停止生产，新件号SA90231","厂家HERMAN NELSON","个",1,4300,4300,"龙驰吟（北京）航空科技有限公司"]
[431,"加温机配件","T03027","单向阀（油箱）","品牌:无 适用于BT400NEXD5加温机，型号TO3027","无品牌要求","件",1,2111,2111,"龙驰吟（北京）航空科技有限公司"]
[432,null,"T0553C","喷嘴座固定卡子","品牌：Aerotech Herman Nelson 用于BT400NEXD5加温车","Aerotech Herman Nelson","个",2,450,900,"龙驰吟（北京）航空科技有限公司"]
[433,null,"T0655A","单向阀","品牌：Aerotech Herman Nelson 用于BT400NEXD5加温车","Aerotech Herman Nelson","个",2,2000,4000,"龙驰吟（北京）航空科技有限公司"]
[443,null,"TJZCJ-FDJA330","梯架支撑脚-发动机A330舱内铝合金","A330-ZQLJCNTJ，材质：铝合金。无品牌要求","无品牌要求","个",2,1640,3280,"龙驰吟（北京）航空科技有限公司"]
[444,"脚轮","TJZCJ-ZLA330","梯架支撑脚-主轮A330舱内铝合金","330A330-FDJCNTJ，材质：铝合金。无品牌要求","无品牌要求","个",2,1640,3280,"龙驰吟（北京）航空科技有限公司"]
[455,null,"TRF762MODA","点火盘","品牌：Aerotech Herman Nelson 用于BT400NEXD5加温车","品牌：Aerotech Herman Nelson","个",2,2360,4720,"龙驰吟（北京）航空科技有限公司"]
[491,"脚轮","WZ118002050531","机轮拖车轮胎|直径500-8/实心橡胶胎|||","500-8实心轮胎，直径45CM，轮宽12.5CM，中心孔直径11CM，整圈6孔打螺钉","春意","个",2,500,1000,"龙驰吟（北京）航空科技有限公司"]
[492,null,"XDC-12V/150AH","蓄电池-12V/150AH","2V/150AH个","无品牌要求","个",1,1350,1350,"龙驰吟（北京）航空科技有限公司"]
[493,null,"XDC-12V/80AH","蓄电池-12V/80AH","规格要求：尺寸约为260mm x 173mm x 225mm，免维护12V，80Ah，参考型号6-QW-80（622）-L","无品牌要求","块",2,700,1400,"龙驰吟（北京）航空科技有限公司"]
[495,null,"XDC-12V45AH","蓄电池-12V45AH","品牌：CAMEL/骆驼 型号：12V45AH","CAMEL/骆驼","块",2,400,800,"龙驰吟（北京）航空科技有限公司"]
[496,null,"XDC-12V5AH","蓄电池-12V5AH","品牌：无 12V5AH蓄电池 电压12V 容量：5AH 尺寸：90*70*100MM","无品牌要求","块",2,85,170,"龙驰吟（北京）航空科技有限公司"]
[498,null,"XHP222","美孚高温复合锂基脂XHP222-2kg","美孚（Mobil）XHP222 润滑脂 汽车工程机械轴承高温复合锂基脂黄油 2kg/桶，建议品牌美孚","美孚","桶",1,150,150,"龙驰吟（北京）航空科技有限公司",1,"无变化","否"]
[526,"轴承","YB-12L","轴承注油机油泵","规格：禄达LD-608高压注油器油泵（12L）","无品牌要求","个",1,1650,1650,"龙驰吟（北京）航空科技有限公司"]
[551,"轴承","ZC-3030S","轴承-3030S","型号：3030S，无品牌要求","哈尔滨","个",2,75,150,"龙驰吟（北京）航空科技有限公司"]
[560,"轴承","ZC-6208","轴承","轴承深沟球，轴承钢，6507","哈尔滨","个",2,50,100,"龙驰吟（北京）航空科技有限公司"]
[578,"滤芯","ZZQXC-JR-P372FQ1","滤芯密封圈","ZZQXC-JR-P37-2FQ1","上海威克特","个",2,80,160,"龙驰吟（北京）航空科技有限公司"]
[579,"滤芯","ZZQXCJR-P37-2LX","不锈钢滤芯","ZZQXCJR-P37-2LX","上海威克特","个",2,1395,2790,"龙驰吟（北京）航空科技有限公司"]
[49,"脚轮","4-6179-939","脚轮-6寸万向","6寸聚氨酯万向轮，品牌：环球","环球脚轮","个",20,null,{"$f":"H73*I73","v":0},"龙驰吟（北京）航空科技有限公司","和19项重复"]
[452,"脚轮","XJWXL-6","橡胶万向轮-6寸","品牌：向荣动力\n规格：铁芯PU，聚氨酯J17-04-125-282","品牌：向荣动力\n规格：铁芯PU，聚氨酯J17-04-125-282","个",66,null,0,"龙驰吟（北京）航空科技有限公司","和19项重复"]
[96,null,"DC-RJW7102","电池-海洋王手电RJW7102","品牌：无 适用于海洋王防爆手电RJW7102/LT四节组合电池","海洋王","块",30,120,3600,"龙驰吟（北京）航空科技有限公司","不采购，外委","宗学龙"]
[27,"耳机配件","ZEZ-H3312","左耳罩","适用于型号：H3312耳机；耳机左听筒外壳，等效于11353P-23","无品牌要求","个",40,80,3200,"北京欧德方德科贸有限公司",null,"魏晓虎"]

{"sheet":"基地费用汇总","index":4,"n_rows":3,"n_cols":12,"rows_kept":3,"hidden":true,"merged":[[0,0,0,11]]}
["维保费用汇总"]
[null,"中南","华北","西北","云南","广东","新疆","重庆","天津","福州","附件部","合计"]
["金额",798298.8,950350.08,274616.5,216986.99,282104.18,238437,24107,414161.98,97628.7,186133,3482824.23]